All airports by IATA code - Statistics

General Stats
  • This quiz has been taken 76 times
  • The average score is 29 of 4051
Answers on the Map
Answers color-coded by a green-red scale on the quiz's map according to % correct below.
 
Answer Stats
Country Name Answer % Correct
United Kingdom London Gatwick Airport LGW
37%
France Charles de Gaulle International Airport CDG
32%
United States Los Angeles International Airport LAX
32%
United Kingdom London Heathrow Airport LHR
32%
Spain Adolfo Suárez Madrid–Barajas Airport MAD
32%
United States San Diego International Airport SAN
32%
India Indira Gandhi International Airport DEL
26%
United States Dallas Fort Worth International Airport DFW
26%
United Kingdom Manchester Airport MAN
26%
Singapore Singapore Changi Airport SIN
26%
Germany Berlin Brandenburg Airport BER
21%
United States Chattanooga Metropolitan Airport (Lovell Field) CHA
21%
United States Fort Lauderdale Hollywood International Airport FLL
21%
Germany Frankfurt Main Airport FRA
21%
Japan Tokyo Haneda International Airport HND
21%
United States John F. Kennedy International Airport JFK
21%
United States LaGuardia Airport LGA
21%
United States Miami International Airport MIA
21%
United States Chicago O'Hare International Airport ORD
21%
United States San Francisco International Airport SFO
21%
United States Salt Lake City International Airport SLC
21%
Australia Sydney Kingsford Smith International Airport SYD
21%
New Zealand Auckland International Airport AKL
16%
United States Ted Stevens Anchorage International Airport ANC
16%
Greece Athens Eleftherios Venizelos International Airport ATH
16%
United States Hartsfield Jackson Atlanta International Airport ATL
16%
Australia Brisbane International Airport BNE
16%
India Chhatrapati Shivaji Maharaj International Airport BOM
16%
United States Boston Logan International Airport BOS
16%
United States Denver International Airport DEN
16%
Ireland Dublin Airport DUB
16%
United Arab Emirates Dubai International Airport DXB
16%
United States Newark Liberty International Airport EWR
16%
United States William P. Hobby Airport HOU
16%
United States Washington Dulles International Airport IAD
16%
United Kingdom London Luton Airport LTN
16%
United States Minneapolis–Saint Paul International Airport / Wold–Chamberlain Field MSP
16%
Japan Narita International Airport NRT
16%
China Beijing Capital International Airport PEK
16%
Australia Perth International Airport PER
16%
United States Phoenix Sky Harbor International Airport PHX
16%
United States Seattle–Tacoma International Airport SEA
16%
United Kingdom London Southend Airport SEN
16%
United Kingdom London Stansted Airport STN
16%
Norway Stavanger Airport, Sola SVG
16%
Canada Vancouver International Airport YVR
16%
Canada Calgary International Airport YYC
16%
French Polynesia Anaa Airport AAA
11%
United States Albuquerque International Sunport ABQ
11%
Netherlands Amsterdam Airport Schiphol AMS
11%
Sweden Stockholm-Arlanda Airport ARN
11%
United Arab Emirates Zayed International Airport AUH
11%
Spain Josep Tarradellas Barcelona-El Prat Airport BCN
11%
Bermuda L.F. Wade International Airport BDA
11%
United Kingdom Belfast International Airport BFS
11%
Norway Bergen Airport, Flesland BGO
11%
United Kingdom George Best Belfast City Airport BHD
11%
United Kingdom Birmingham Airport BHX
11%
Thailand Suvarnabhumi Airport BKK
11%
United Kingdom Bournemouth Airport BOH
11%
United Kingdom Bristol Airport BRS
11%
Belgium Brussels Airport BRU
11%
United States Baltimore/Washington International Thurgood Marshall Airport BWI
11%
Indonesia Soekarno-Hatta International Airport CGK
11%
New Zealand Christchurch International Airport CHC
11%
United States Cleveland Hopkins International Airport CLE
11%
United States John Glenn Columbus International Airport CMH
11%
Denmark Copenhagen Kastrup Airport CPH
11%
United Kingdom Cardiff International Airport CWL
11%
United States Dallas Love Field DAL
11%
United States Ronald Reagan Washington National Airport DCA
11%
Russia Domodedovo International Airport DME
11%
United States Detroit Metropolitan Wayne County Airport DTW
11%
United Kingdom Edinburgh Airport EDI
11%
Italy Rome–Fiumicino Leonardo da Vinci International Airport FCO
11%
United Kingdom Glasgow Airport GLA
11%
United States Daniel K. Inouye International Airport HNL
11%
United States George Bush Intercontinental Airport IAH
11%
Turkey İstanbul Airport IST
11%
Malaysia Kuala Lumpur International Airport KUL
11%
United States Harry Reid International Airport LAS
11%
United Kingdom Leeds Bradford Airport LBA
11%
United Kingdom London City Airport LCY
11%
Italy Milano Linate Airport LIN
11%
Portugal Lisbon Humberto Delgado Airport LIS
11%
Slovenia Ljubljana Jože Pučnik Airport LJU
11%
United Kingdom Liverpool John Lennon Airport LPL
11%
United States Orlando International Airport MCO
11%
United States Chicago Midway International Airport MDW
11%
Australia Melbourne Airport MEL
11%
Mexico Mexico City Benito Juárez International Airport MEX
11%
Philippines Ninoy Aquino International Airport MNL
11%
Germany Munich Airport MUC
11%
Italy Naples International Airport NAP
11%
France Nice-Côte d'Azur Airport NCE
11%
France Paris-Orly Airport ORY
11%
Romania Bucharest Henri Coandă International Airport OTP
11%
United States Philadelphia International Airport PHL
11%
United States Pittsburgh International Airport PIT
11%
China Shanghai Pudong International Airport PVG
11%
Greece Thessaloniki Macedonia International Airport SKG
11%
Spain Tenerife Norte-Ciudad de La Laguna Airport TFN
11%
Spain Tenerife Sur Airport TFS
11%
Italy Turin Airport TRN
11%
Italy Trieste Airport TRS
11%
China Wuhan Tianhe International Airport WUH
11%
Canada Edmonton International Airport YEG
11%
Canada Halifax / Stanfield International Airport YHZ
11%
Canada Montreal / Pierre Elliott Trudeau International Airport YUL
11%
Canada Toronto Pearson International Airport YYZ
11%
Croatia Zagreb Franjo Tuđman International Airport ZAG
11%
Egypt El Arish International Airport AAC
5%
Algeria Annaba Rabah Bitat Airport AAE
5%
United Arab Emirates Al Ain International Airport AAN
5%
Russia Abakan International Airport ABA
5%
Nigeria Asaba International Airport ABB
5%
Iran Abadan Ayatollah Jami International Airport ABD
5%
United States Lehigh Valley International Airport ABE
5%
United Kingdom Aberdeen International Airport ABZ
5%
Spain César Manrique-Lanzarote Airport ACE
5%
Guernsey Alderney Airport ACI
5%
United States Atlantic City International Airport ACY
5%
Spain Málaga-Costa del Sol Airport AGP
5%
United States Alliance Municipal Airport AIA
5%
Spain Alicante-Elche Miguel Hernández Airport ALC
5%
Algeria Houari Boumediene Airport ALG
5%
Colombia Santiago Perez Airport AUC
5%
United States Austin Bergstrom International Airport AUS
5%
United States Asheville Regional Airport AVL
5%
United Kingdom Benbecula Airport BEB
5%
Serbia Belgrade Nikola Tesla Airport BEG
5%
Italy Il Caravaggio International Airport BGY
5%
Nepal Biratnagar Airport BIR
5%
Gambia Banjul International Airport BJL
5%
Denmark Billund Airport BLL
5%
India Kempegowda International Airport Bengaluru BLR
5%
France Bordeaux–Mérignac Airport BOD
5%
Colombia El Dorado International Airport BOG
5%
Bulgaria Burgas Airport BOJ
5%
Brazil Dom Ricardo Weberberger Airport BRA
5%
Germany Bremen Airport BRE
5%
Italy Bari Karol Wojtyła International Airport BRI
5%
Switzerland Bern Airport BRN
5%
United Kingdom Barra Airport BRR
5%
United States Buffalo Niagara International Airport BUF
5%
France Beauvais-Tillé airport BVA
5%
Brunei Brunei International Airport BWN
5%
Egypt Cairo International Airport CAI
5%
United Kingdom Campbeltown Airport CAL
5%
China Guangzhou Baiyun International Airport CAN
5%
India Netaji Subhash Chandra Bose International Airport CCU
5%
Philippines Mactan Cebu International Airport CEB
5%
Ireland Donegal Airport CFN
5%
Greece Corfu Ioannis Kapodistrias International Airport CFU
5%
Germany Cologne Bonn Airport CGN
5%
Italy Ciampino–G. B. Pastine International Airport CIA
5%
China Chongqing Jiangbei International Airport CKG
5%
United States Charlotte Douglas International Airport CLT
5%
Sri Lanka Bandaranaike International Colombo Airport CMB
5%
Morocco Mohammed V International Airport CMN
5%
South Africa Cape Town International Airport CPT
5%
China Changsha Huanghua International Airport CSX
5%
Colombia Camilo Daza International Airport CUC
5%
Mexico Cancún International Airport CUN
5%
Vietnam Cam Ranh International Airport / Cam Ranh Air Base CXR
5%
China Changzhou Benniu International Airport CZX
5%
Croatia Dubrovnik Ruđer Bošković Airport DBV
5%
United States Duluth International Airport DLH
5%
Thailand Don Mueang International Airport DMK
5%
Saudi Arabia King Fahd International Airport DMM
5%
New Zealand Dunedin International Airport DUD
5%
Germany Düsseldorf Airport DUS
5%
United Arab Emirates Al Maktoum International Airport DWC
5%
Greece Kefallinia Airport EFL
5%
United Kingdom East Midlands Airport EMA
5%
United States Eugene Airport EUG
5%
United Kingdom Exeter International Airport EXT
5%
United States Fairbanks International Airport FAI
5%
Portugal Faro - Gago Coutinho International Airport FAO
5%
Morocco Fes Saïss International Airport FEZ
5%
United Arab Emirates Fujairah International Airport FJR
5%
Colombia Gustavo Artunduaga Paredes Airport FLA
5%
Portugal Cristiano Ronaldo International Airport FNC
5%
Spain Fuerteventura Airport FUE
5%
Japan Fukuoka Airport FUK
5%
Guernsey Guernsey Airport GCI
5%
Russia Gelendzhik Airport GDZ
5%
New Zealand Gisborne Airport GIS
5%
Italy Genoa Cristoforo Colombo Airport GOA
5%
India Goa Dabolim International Airport GOI
5%
Sweden Göteborg Landvetter Airport GOT
5%
United States Piedmont Triad International Airport GSO
5%
Indonesia Jalaluddin Airport GTO
5%
Guam Antonio B. Won Pat International Airport GUM
5%
Germany Hannover Airport HAJ
5%
China Haikou Meilan International Airport HAK
5%
Germany Hamburg Helmut Schmidt Airport HAM
5%
Vietnam Noi Bai International Airport HAN
5%
Finland Helsinki Vantaa Airport HEL
5%
Greece Heraklion International Nikos Kazantzakis Airport HER
5%
China Hohhot Baita International Airport HET
5%
China Hefei Xinqiao International Airport HFE
5%
China Hangzhou Xiaoshan International Airport HGH
5%
Hong Kong Hong Kong International Airport HKG
5%
Thailand Phuket International Airport HKT
5%
New Zealand Hamilton International Airport HLZ
5%
China Harbin Taiping International Airport HRB
5%
China Holingol Huolinhe Airport HUO
5%
United Kingdom Humberside Airport HUY
5%
China Taizhou Luqiao Airport HYN
5%
Romania Iaşi International Airport IAS
5%
Spain Ibiza Airport IBZ
5%
South Korea Incheon International Airport ICN
5%
United Kingdom Inverness Airport INV
5%
Isle of Man Isle of Man Airport IOM
5%
United States Hilo International Airport ITO
5%
New Zealand Invercargill Airport IVC
5%
United States Jacksonville International Airport JAX
5%
Saudi Arabia King Abdulaziz International Airport JED
5%
Jersey Jersey Airport JER
5%
Malaysia Senai International Airport JHB
5%
China Quanzhou Jinjiang International Airport JJN
5%
South Africa O.R. Tambo International Airport JNB
5%
Iceland Keflavik International Airport KEF
5%
Greece Kos International Airport "Ippokratis" KGS
5%
Taiwan Kaohsiung International Airport KHH
5%
Japan Kansai International Airport KIX
5%
United States Ellison Onizuka Kona International Airport at Keāhole KOA
5%
United Kingdom Kirkwall Airport KOI
5%
Poland Kraków John Paul II International Airport KRK
5%
China Guiyang Longdongbao International Airport KWE
5%
Cyprus Larnaca International Airport LCA
5%
Russia Pulkovo Airport LED
5%
Spain Almería Airport LEI
5%
China Lanzhou Zhongchuan International Airport LHW
5%
United States Lihue Airport LIH
5%
Nigeria Murtala Muhammed International Airport LOS
5%
Spain Gran Canaria Airport LPA
5%
United Kingdom Sumburgh Airport LSI
5%
Luxembourg Luxembourg-Findel International Airport LUX
5%
China Lianyungang Huaguoshan International Airport LYG
5%
Spain Menorca Airport MAH
5%
French Polynesia Maupiti Airport MAU
5%
Jamaica Sangster International Airport MBJ
5%
United States Kansas City International Airport MCI
5%
Oman Muscat International Airport MCT
5%
Tunisia Monastir Habib Bourguiba International Airport MIR
5%
United States General Mitchell International Airport MKE
5%
Malta Malta International Airport MLA
5%
Maldives Velana International Airport MLE
5%
United Kingdom Teesside International Airport MME
5%
France Marseille Provence Airport MRS
5%
Mauritius Sir Seewoosagur Ramgoolam International Airport MRU
5%
United States Dane County Regional Truax Field MSN
5%
United States Louis Armstrong New Orleans International Airport MSY
5%
Italy Milan Malpensa International Airport MXP
5%
Fiji Nadi International Airport NAN
5%
Kenya Jomo Kenyatta International Airport NBO
5%
United Kingdom Newcastle International Airport NCL
5%
Japan Chubu Centrair International Airport NGO
5%
China Nanjing Lukou International Airport NKG
5%
China Nanning Wuxu International Airport NNG
5%
United Kingdom Cornwall Airport Newquay NQY
5%
China Nantong Xingdong International Airport NTG
5%
United Kingdom Norwich Airport NWI
5%
Myanmar Nay Pyi Taw International Airport NYT
5%
United States San Francisco Bay Oakland International Airport OAK
5%
United States Kahului International Airport OGG
5%
United States Ontario International Airport ONT
5%
Portugal Francisco de Sá Carneiro Airport OPO
5%
United States Norfolk International Airport ORF
5%
Ireland Cork International Airport ORK
5%
Norway Oslo-Gardermoen International Airport OSL
5%
United States Portland International Airport PDX
5%
United Kingdom Glasgow Prestwick Airport PIK
5%
China Beijing Daxing International Airport PKX
5%
Spain Palma de Mallorca Airport PMI
5%
Dominican Republic Gregorio Luperon International Airport POP
5%
Mexico Mar de Cortés International Airport PPE
5%
French Polynesia Fa'a'ā International Airport PPT
5%
Czech Republic Václav Havel Airport Prague PRG
5%
Dominican Republic Punta Cana International Airport PUJ
5%
Croatia Pula Airport PUY
5%
United States Raleigh-Durham International Airport RDU
5%
Myanmar Yangon International Airport RGN
5%
Greece Rhodes International Airport "Diagoras" RHO
5%
Brazil Santa Maria Airport RIA
5%
United States Richmond International Airport RIC
5%
Australia Roma Airport RMA
5%
Moldova Chişinău International Airport RMO
5%
United States Reno Tahoe International Airport RNO
5%
United States Frederick Douglass Greater Rochester International Airport ROC
5%
New Zealand Rotorua Regional Airport ROT
5%
United States Santa Fe Municipal Airport SAF
5%
United States San Antonio International Airport SAT
5%
United States Savannah Hilton Head International Airport SAV
5%
United States Louisville Muhammad Ali International Airport SDF
5%
Seychelles Seychelles International Airport SEZ
5%
United States Orlando Sanford International Airport SFB
5%
Vietnam Tan Son Nhat International Airport SGN
5%
China Shanghai Hongqiao International Airport SHA
5%
United Arab Emirates Sharjah International Airport SHJ
5%
United States Norman Y. Mineta San Jose International Airport SJC
5%
Costa Rica Juan Santamaría International Airport SJO
5%
Puerto Rico Luis Munoz Marin International Airport SJU
5%
North Macedonia Skopje International Airport SKP
5%
United States John Wayne Orange County International Airport SNA
5%
Ireland Shannon Airport SNN
5%
United Kingdom Southampton Airport SOU
5%
Northern Mariana Islands Saipan International Airport SPN
5%
Croatia Split Saint Jerome Airport SPU
5%
United States St. Louis Lambert International Airport STL
5%
Indonesia Juanda International Airport SUB
5%
Russia Sheremetyevo International Airport SVO
5%
China Jieyang Chaoshan International Airport SWA
5%
United States Syracuse Hancock International Airport SYR
5%
United Kingdom Stornoway Airport SYY
5%
China Shenzhen Bao'an International Airport SZX
5%
Mexico General Abelardo L. Rodriguez International Airport TIJ
5%
France Toulouse-Blagnac Airport TLS
5%
Israel Ben Gurion International Airport TLV
5%
Brazil Toledo - Luiz Dalcanale Filho Municipal Airport TOW
5%
United States Tampa International Airport TPA
5%
Taiwan Taiwan Taoyuan International Airport TPE
5%
Japan Tarama Airport TRA
5%
Norway Trondheim Airport, Værnes TRD
5%
Norway Sandefjord Airport, Torp TRF
5%
United States Tri-Cities Regional TN/VA Airport TRI
5%
Tunisia Tunis Carthage International Airport TUN
5%
Russia Yuzhno-Sakhalinsk International Airport UUS
5%
Austria Vienna International Airport VIE
5%
Western Sahara Dakhla Airport VIL
5%
Poland Warsaw Chopin Airport WAW
5%
Poland Warsaw Modlin Airport WMI
5%
Australia Western Sydney International Airport WSI
5%
China Sunan Shuofang International Airport WUX
5%
China Xiamen Gaoqi International Airport XMN
5%
China Xuzhou Guanyin International Airport XUZ
5%
Fiji Yasawa Island Airport YAS
5%
China Yancheng Nanyang International Airport YNZ
5%
China Yangzhou Taizhou Airport YTY
5%
Canada Victoria International Airport YYJ
5%
New Zealand Queenstown Airport ZQN
5%
China Zhangjiakou Ningyuan Airport ZQZ
5%
Greece Zakynthos International Airport Dionysios Solomos ZTH
5%
China Zhuhai Jinwan Airport ZUH
5%
Kiribati Aranuka Airport AAK
0%
Denmark Aalborg Airport AAL
0%
Indonesia Aji Pangeran Tumenggung Pranoto International Airport AAP
0%
Russia Anapa Vityazevo Airport AAQ
0%
Denmark Aarhus Airport AAR
0%
China Altay Xuedu Airport AAT
0%
Brazil Romeu Zema Airport AAX
0%
Yemen Al Ghaydah International Airport AAY
0%
Guatemala Quezaltenango Airport AAZ
0%
United States Abilene Regional Airport ABI
0%
Côte d'Ivoire Félix-Houphouët-Boigny International Airport ABJ
0%
Ethiopia Kebri Dahar Airport ABK
0%
United States Ambler Airport ABL
0%
Australia Northern Peninsula Airport ABM
0%
United States Aberdeen Regional Airport ABR
0%
Egypt Abu Simbel Airport ABS
0%
Saudi Arabia King Saud Bin Abdulaziz (Al Baha) Airport ABT
0%
Indonesia AA Bere Tallo (Haliwen) Airport ABU
0%
Nigeria Nnamdi Azikiwe International Airport ABV
0%
Australia Albury Airport ABX
0%
United States Southwest Georgia Regional Airport ABY
0%
Mexico General Juan N. Álvarez International Airport ACA
0%
Ghana Kotoka International Airport ACC
0%
China Aral Tarim Airport ACF
0%
Switzerland Sankt Gallen Altenrhein Airport ACH
0%
United States Nantucket Memorial Airport ACK
0%
United States Waco Regional Airport ACT
0%
United States California Redwood Coast-Humboldt County Airport ACV
0%
China Xingyi Wanfenglin Airport ACX
0%
Turkey Adana Şakirpaşa Airport ADA
0%
Turkey Adnan Menderes International Airport ADB
0%
Ethiopia Addis Ababa Bole International Airport ADD
0%
Yemen Aden International Airport ADE
0%
Turkey Adıyaman Airport ADF
0%
Jordan Marka International (Amman Civil) Airport ADJ
0%
United States Adak Airport ADK
0%
Australia Adelaide International Airport ADL
0%
United States Kodiak Airport ADQ
0%
Iran Ardabil Airport ADU
0%
Colombia Gustavo Rojas Pinilla International Airport ADZ
0%
China Baise (Bose) Bama Airport AEB
0%
Chad Abeche Airport AEH
0%
Argentina Aeroparque Jorge Newbery AEP
0%
Russia Sochi International Airport AER
0%
Norway Ålesund Airport AES
0%
United States Allakaket Airport AET
0%
Iran Abu Musa Island Airport AEU
0%
United States Alexandria International Airport AEX
0%
Iceland Akureyri International Airport AEY
0%
Argentina Suboficial Ay Santiago Germano Airport AFA
0%
Brazil Piloto Osvaldo Marques Dias Airport AFL
0%
Iran Sabzevar National Airport AFZ
0%
Morocco Al Massira Airport AGA
0%
Germany Wangerooge Airport AGE
0%
Sweden Ängelholm-Helsingborg Airport AGH
0%
Suriname Wageningen Airstrip AGI
0%
Japan Aguni Airport AGJ
0%
India Agra Airport / Agra Air Force Station AGR
0%
United States Augusta Regional At Bush Field AGS
0%
Paraguay Guaraní International Airport AGT
0%
Mexico Aguascalientes International Airport AGU
0%
India Agatti Airport AGX
0%
India Maa Mahamaya Airport AHA
0%
Saudi Arabia Abha International Airport AHB
0%
French Polynesia Ahe Airport AHE
0%
Italy Alghero-Fertilia Airport AHO
0%
United States Wainwright Airport AIN
0%
India Adampur Airport AIP
0%
Cook Islands Aitutaki Airport AIT
0%
Cook Islands Enua Airport AIU
0%
France Ajaccio Napoléon Bonaparte airport AJA
0%
Saudi Arabia Al-Jawf International Airport AJF
0%
Turkey Ağrı Airport AJI
0%
India Lengpui Airport AJL
0%
Comoros Ouani Airport AJN
0%
Sweden Arvidsjaur Airport AJR
0%
Brazil Aracaju - Santa Maria Airport AJU
0%
China Ankang Fuqiang Airport AKA
0%
United States Atka Airport AKB
0%
Libya Kufra Airport AKF
0%
United States Akiak Airport AKI
0%
Japan Asahikawa Airport AKJ
0%
United States Akhiok Airport AKK
0%
United States King Salmon Airport AKN
0%
United States Anaktuvuk Pass Airport AKP
0%
Nigeria Akure Airport AKR
0%
Solomon Islands Gwaunaru'u Airport AKS
0%
China Aksu Hongqipo Airport AKU
0%
Canada Akulivik Airport AKV
0%
Kazakhstan Aktobe International Airport AKX
0%
Myanmar Sittwe Airport AKY
0%
Kazakhstan Almaty International Airport ALA
0%
United States Albany International Airport ALB
0%
Norway Alta Airport ALF
0%
Australia Albany Airport ALH
0%
United States Waterloo Regional Airport ALO
0%
Syria Aleppo International Airport ALP
0%
United States San Luis Valley Regional Airport/Bergman Field ALS
0%
United States Walla Walla Regional Airport ALW
0%
United States Rick Husband Amarillo International Airport AMA
0%
India Sardar Vallabh Patel International Airport AMD
0%
Ethiopia Arba Minch Airport AMH
0%
Jordan Queen Alia International Airport AMM
0%
Indonesia Pattimura International Airport AMQ
0%
Russia Amderma Airport AMV
0%
Chile Andrés Sabella Gálvez International Airport ANF
0%
United States Aniak Airport ANI
0%
Belgium Antwerp International Airport (Deurne) ANR
0%
Peru Andahuaylas Airport ANS
0%
Antigua and Barbuda V. C. Bird International Airport ANU
0%
United States Anvik Airport ANV
0%
Norway Andøya Airport, Andenes ANX
0%
Turkey Hasan Polatkan Airport AOE
0%
China Anshan Teng'ao Airport / Anshan Air Base AOG
0%
Italy Marche Airport AOI
0%
Japan Aomori Airport AOJ
0%
Greece Karpathos Airport AOK
0%
United States Altoona Blair County Airport AOO
0%
Malaysia Sultan Abdul Halim Airport AOR
0%
French Polynesia Apataki Airport APK
0%
Mozambique Nampula Airport APL
0%
United States Alpena County Regional Airport APN
0%
Colombia Antonio Roldán Betancur Airport APO
0%
Samoa Faleolo International Airport APW
0%
Brazil Araraquara Airport AQA
0%
China Anqing Tianzhushan Airport / Anqing North Air Base AQG
0%
Saudi Arabia Qaisumah–Hafar Al-Batin International Airport AQI
0%
Jordan King Hussein International Airport AQJ
0%
Peru Rodríguez Ballón International Airport AQP
0%
United States Arctic Village Airport ARC
0%
Indonesia Alor Island - Mali Airport ARD
0%
Russia Talagi Airport ARH
0%
Chile Chacalluta International Airport ARI
0%
Tanzania Arusha Airport ARK
0%
Australia Armidale Airport ARM
0%
United States Watertown International Airport ART
0%
Brazil Araçatuba Airport ARU
0%
Romania Arad International Airport ARW
0%
Turkmenistan Ashgabat International Airport ASB
0%
Bahamas Andros Town Airport ASD
0%
United States Aspen-Pitkin County Airport (Sardy Field) ASE
0%
Russia Astrakhan Narimanovo Boris M. Kustodiev International Airport ASF
0%
Saint Helena, Ascension and Tristan da Cunha RAF Ascension Island ASI
0%
Japan Amami Airport ASJ
0%
Eritrea Asmara International Airport ASM
0%
Ethiopia Asosa Airport ASO
0%
Australia Alice Springs Airport ASP
0%
Turkey Kayseri Erkilet International Airport ASR
0%
Paraguay Silvio Pettirossi International Airport ASU
0%
Kenya Amboseli Airport ASV
0%
Egypt Aswan International Airport ASW
0%
Bahamas Arthur's Town Airport ATC
0%
United States Atqasuk Edward Burnell Sr Memorial Airport ATK
0%
Brazil Altamira Interstate Airport ATM
0%
India Sri Guru Ram Das Ji International Airport ATQ
0%
United States Atmautluak Airport ATT
0%
United States Appleton International Airport ATW
0%
United States Watertown Regional Airport ATY
0%
Egypt Asyut International Airport ATZ
0%
Aruba Queen Beatrix International Airport AUA
0%
United States Augusta State Airport AUG
0%
United States Alakanuk Airport AUK
0%
Marshall Islands Aur Island Airport AUL
0%
French Polynesia Hiva Oa-Atuona Airport AUQ
0%
France Aurillac airport AUR
0%
Australia Aurukun Airport AUU
0%
Brazil Araguaína Airport AUX
0%
China Anshun Huangguoshu Airport AVA
0%
Mongolia Arvaikheer Airport AVK
0%
France Avignon Caumont airport AVN
0%
United States Wilkes-Barre/Scranton International Airport AVP
0%
Australia Melbourne Avalon International Airport AVV
0%
Ethiopia Hawassa International Airport AWA
0%
United States Minor Outlying Islands Wake Island Airfield AWK
0%
Iran Qasem Soleimani International Airport AWZ
0%
Anguilla Clayton J. Lloyd International Airport AXA
0%
Greece Alexandroupoli Democritus Airport AXD
0%
China Alxa Left Banner Bayanhot Airport AXF
0%
Japan Amakusa Airport AXJ
0%
Colombia El Eden Airport AXM
0%
Bahamas Spring Point Airport AXP
0%
French Polynesia Arutua Airport AXR
0%
Japan Akita Airport AXT
0%
Ethiopia Axum Airport AXU
0%
India Maharshi Valmiki International Airport AYJ
0%
Peru Air Force Colonel Alfredo Mendivil Duarte Airport AYP
0%
Australia Ayers Rock Connellan Airport AYQ
0%
Turkey Antalya International Airport AYT
0%
United States Mesa Gateway Airport AZA
0%
Iran Shahid Sadooghi Airport AZD
0%
Uzbekistan Andijan International Airport AZN
0%
United States Kalamazoo/Battle Creek International Airport AZO
0%
Algeria Touat-Cheikh Sidi Mohamed Belkebir Airport AZR
0%
Dominican Republic Samaná El Catey International Airport AZS
0%
Philippines Loakan Airport BAG
0%
Bahrain Bahrain International Airport BAH
0%
Turkey Batman Airport BAL
0%
Colombia Ernesto Cortissoz International Airport BAQ
0%
China Qionghai Bo'ao Airport BAR
0%
Solomon Islands Ballalae Airport BAS
0%
China Baotou Donghe International Airport BAV
0%
Russia Barnaul Gherman Titov International Airport BAX
0%
Romania Maramureș International Airport BAY
0%
Brazil Barcelos Airport BAZ
0%
Chile Balmaceda Airport BBA
0%
Kiribati Butaritari Airport BBG
0%
India Biju Patnaik International Airport BBI
0%
Botswana Kasane International Airport BBK
0%
Cambodia Battambang Airport BBM
0%
Malaysia Bario Airport BBN
0%
Somalia Berbera Airport BBO
0%
Antigua and Barbuda Burton-Nibbs International Airport BBQ
0%
Guadeloupe Basse-Terre Baillif Airport BBR
0%
Romania Bucharest Băneasa Aurel Vlaicu International Airport BBU
0%
Cuba Gustavo Rizo Airport BCA
0%
Philippines Bacolod-Silay International Airport BCD
0%
Timor-Leste Baucau Airport BCH
0%
Australia Barcaldine Airport BCI
0%
Romania Bacău George Enescu International Airport BCM
0%
Ethiopia Jinka Airport BCO
0%
Nigeria Sir Abubakar Tafawa Balewa Bauchi State International Airport BCU
0%
Australia Bundaberg Airport BDB
0%
Australia Badu Island Airport BDD
0%
Iran Bandar Lengeh International Airport BDH
0%
Indonesia Syamsudin Noor International Airport BDJ
0%
United States Bradley International Airport BDL
0%
Indonesia Husein Sastranegara International Airport BDO
0%
Nepal Bhadrapur Airport BDP
0%
India Vadodara International Airport BDQ
0%
Italy Brindisi Airport BDS
0%
Democratic Republic of the Congo Gbadolite Airport BDT
0%
Norway Bardufoss Airport BDU
0%
United States Laurence G Hanscom Field BED
0%
Nicaragua Bluefields Airport BEF
0%
Indonesia Kalimarau Airport BEJ
0%
India Bareilly Air Force Station BEK
0%
Brazil Val de Cans/Júlio Cezar Ribeiro International Airport BEL
0%
Morocco Beni Mellal Airport BEM
0%
Libya Benina International Airport BEN
0%
France Brest Bretagne airport BES
0%
United States Bethel Airport BET
0%
Australia Bedourie Airport BEU
0%
Mozambique Beira International Airport BEW
0%
Lebanon Beirut Rafic Hariri International Airport BEY
0%
United States Bradford Regional Airport BFD
0%
United States Western Neb. Rgnl/William B. Heilig Airport BFF
0%
United States King County International Airport - Boeing Field BFI
0%
China Bijie Feixiong Airport BFJ
0%
United States Meadows Field BFL
0%
South Africa Bram Fischer International Airport BFN
0%
Panama Bahia Piña Airport BFQ
0%
Thailand Buri Ram Airport BFV
0%
China Bengbu Tenghu Airport BFY
0%
Colombia Palonegro Airport BGA
0%
Portugal Bragança Airport BGC
0%
Central African Republic Bangui M'Poko International Airport BGF
0%
Turkey Bingöl Airport BGG
0%
Barbados Grantley Adams International Airport BGI
0%
Belize Big Creek Airport BGK
0%
United States Greater Binghamton/Edwin A Link field BGM
0%
United States Bangor International Airport BGR
0%
Iraq Baghdad International Airport / New Al Muthana Air Base BGW
0%
United States Hancock County-Bar Harbor Airport BHB
0%
New Zealand Woodbourne Airport BHE
0%
Saudi Arabia Bisha Airport BHH
0%
Argentina Comandante Espora Airport BHI
0%
India Bhuj Airport BHJ
0%
Uzbekistan Bukhara International Airport BHK
0%
United States Birmingham-Shuttlesworth International Airport BHM
0%
India Raja Bhoj International Airport BHO
0%
Australia Broken Hill Airport BHQ
0%
Nepal Bharatpur Airport BHR
0%
Australia Bathurst Airport BHS
0%
India Bhavnagar Airport BHU
0%
Pakistan Bahawalpur Airport BHV
0%
China Beihai Fucheng Airport BHY
0%
France Bastia-Poretta International airport BIA
0%
France Aérodrome de Belle Île BIC
0%
United States Block Island State Airport BID
0%
United States Eastern Sierra Regional Airport BIH
0%
Indonesia Frans Kaisiepo Airport BIK
0%
United States Billings Logan International Airport BIL
0%
Bahamas South Bimini Airport BIM
0%
Spain Bilbao Airport BIO
0%
France Biarritz Pays Basque airport BIQ
0%
United States Bismarck Municipal Airport BIS
0%
Algeria Soummam–Abane Ramdane Airport BJA
0%
Iran Bojnord Airport BJB
0%
United States Rocky Mountain Metropolitan Airport BJC
0%
Norway Båtsfjord Airport BJF
0%
Burundi Bujumbura Melchior Ndadaye International Airport BJM
0%
Ethiopia Bahir Dar Airport BJR
0%
Turkey Milas Bodrum International Airport BJV
0%
Mexico Guanajuato International Airport BJX
0%
Spain Badajoz Airport BJZ
0%
United States Buckland Airport BKC
0%
United States Branson Airport BKG
0%
Malaysia Kota Kinabalu International Airport BKI
0%
Malaysia Bakalalan Airport BKM
0%
Turkmenistan Balkanabat International Airport BKN
0%
Mali Modibo Keita International Airport BKO
0%
Australia Blackall Airport BKQ
0%
Indonesia Fatmawati Soekarno Airport BKS
0%
United States Raleigh County Memorial Airport BKW
0%
Tanzania Bukoba Airport BKZ
0%
Venezuela General José Antonio Anzoategui International Airport BLA
0%
Panama Panamá Pacífico International Airport BLB
0%
United States Boulder City Municipal Airport BLD
0%
Sweden Dala Airport BLE
0%
United States Bellingham International Airport BLI
0%
Algeria Batna Mostefa Ben Boulaid Airport BLJ
0%
Italy Bologna Guglielmo Marconi Airport BLQ
0%
United States Scott AFB/Midamerica Airport BLV
0%
Somalia Beledweyne Airport BLW
0%
Malawi Chileka International Airport BLZ
0%
Sweden Stockholm-Bromma Airport BMA
0%
Australia Broome International Airport BME
0%
United States Central Illinois Regional Airport at Bloomington-Normal BMI
0%
Germany Borkum Airport BMK
0%
Myanmar Banmaw Airport BMO
0%
Germany Baltrum Airport BMR
0%
Indonesia Sultan Muhammad Salahuddin Airport BMU
0%
Vietnam Buon Ma Thuot Airport BMV
0%
Algeria Bordj Badji Mokhtar Airport BMW
0%
New Caledonia Île Art - Waala Airport BMY
0%
United States Nashville International Airport BNA
0%
Democratic Republic of the Congo Boende Airport BNB
0%
Iran Bandar Abbas International Airport BND
0%
Nigeria Benin Airport BNI
0%
Australia Ballina Byron Gateway Airport BNK
0%
Norway Brønnøysund Airport, Brønnøy BNN
0%
Venezuela Barinas Airport BNS
0%
Bosnia and Herzegovina Banja Luka International Airport BNX
0%
Solomon Islands Bellona/Anua Airport BNY
0%
French Polynesia Bora Bora Airport BOB
0%
Panama Bocas del Toro "Isla Colón" International Airport BOC
0%
United States Boise Air Terminal/Gowen Field BOI
0%
Caribbean Netherlands Flamingo International Airport BON
0%
Norway Bodø Airport BOO
0%
Laos Bokeo International Airport BOR
0%
Papua New Guinea Bosset Airport BOT
0%
Burkina Faso Bobo Dioulasso Airport BOY
0%
China Qinhuangdao Beidaihe Airport BPE
0%
China Bole Alashankou Airport BPL
0%
Indonesia Sultan Aji Muhammad Sulaiman Sepinggan International Airport BPN
0%
Brazil Porto Seguro International Airport BPS
0%
United States Jack Brooks Regional Airport BPT
0%
China Qamdo Bangda Airport BPX
0%
Madagascar Besalampy Airport BPY
0%
Australia Busselton Margaret River Regional Airport BQB
0%
Russia Bogorodskoye Airport BQG
0%
Russia Batagay Airport BQJ
0%
United States Brunswick Golden Isles Airport BQK
0%
Australia Boulia Airport BQL
0%
Puerto Rico Rafael Hernández International Airport BQN
0%
Russia Ignatyevo Airport BQS
0%
Belarus Brest International Airport BQT
0%
Saint Vincent and the Grenadines J F Mitchell Airport BQU
0%
Brazil Barreirinhas National Airport BRB
0%
Argentina Teniente Luis Candelaria International Airport BRC
0%
United States Brainerd Lakes Regional Airport BRD
0%
Australia Bourke Airport BRK
0%
United States Southeast Iowa Regional Airport BRL
0%
Venezuela Jacinto Lara International Airport BRM
0%
United States Brownsville South Padre Island International Airport BRO
0%
Czech Republic Brno-Tuřany Airport BRQ
0%
United States Wiley Post Will Rogers Memorial Airport BRW
0%
Dominican Republic Maria Montez International Airport BRX
0%
Somalia Bender Qassim International Airport BSA
0%
Brazil Presidente Juscelino Kubitschek International Airport BSB
0%
Colombia José Celestino Mutis Airport BSC
0%
China Baoshan Yunrui Airport BSD
0%
Equatorial Guinea Bata International Airport BSG
0%
Algeria Biskra - Mohamed Khider Airport BSK
0%
France EuroAirport Basel–Mulhouse–Freiburg BSL
0%
Philippines Basco Airport BSO
0%
Iraq Basra International Airport BSR
0%
Myanmar Pathein Airport BSX
0%
Kyrgyzstan Manas International Airport BSZ
0%
Sri Lanka Batticaloa International Airport BTC
0%
Indonesia Hang Nadim International Airport BTH
0%
United States Barter Island Long Range Radar Station Airport BTI
0%
Indonesia Sultan Iskandar Muda International Airport BTJ
0%
Russia Bratsk Airport BTK
0%
United States Bert Mooney Airport BTM
0%
United States Baton Rouge Metropolitan Airport BTR
0%
Slovakia M. R. Štefánik Airport BTS
0%
United States Bettles Airport BTT
0%
Malaysia Bintulu Airport BTU
0%
United States Patrick Leahy Burlington International Airport BTV
0%
Indonesia Bersujud Airport BTW
0%
Papua New Guinea Buka Airport BUA
0%
Australia Burketown Airport BUC
0%
Hungary Budapest Liszt Ferenc International Airport BUD
0%
Indonesia Bokondini Airport BUI
0%
Colombia Gerardo Tobar López Airport BUN
0%
Zimbabwe Joshua Mqabuko Nkomo International Airport BUQ
0%
United States Hollywood Burbank/Bob Hope Airport BUR
0%
Georgia Alexander Kartveli Batumi International Airport BUS
0%
Bhutan Bathpalathang Airport BUT
0%
Indonesia Muara Bungo Airport BUU
0%
Democratic Republic of the Congo Bunia Airport BUX
0%
Iran Bushehr Airport BUZ
0%
Brazil Atlas Brasil Cantanhede International Airport BVB
0%
Cape Verde Aristides Pereira International Airport BVC
0%
France Brive Souillac airport BVE
0%
Norway Berlevåg Airport BVG
0%
Brazil Brigadeiro Camarão Airport BVH
0%
Australia Birdsville Airport BVI
0%
Russia Bovanenkovo Airport BVJ
0%
Brazil Breves Airport BVS
0%
Nepal Gautam Buddha International Airport BWA
0%
Croatia Brač Airport BWK
0%
Russia Balakovo Airport BWO
0%
Australia Wynyard Airport BWT
0%
Indonesia Banyuwangi Airport BWX
0%
Australia Bendigo Airport BXG
0%
Kazakhstan Balkhash Airport BXH
0%
Iran Bam Airport BXR
0%
Indonesia LNG Badak Airport BXT
0%
Philippines Bancasi Airport BXU
0%
Kazakhstan Baikonur Krayniy International Airport BXY
0%
Côte d'Ivoire Bouaké Airport BYK
0%
Cuba Carlos Manuel de Cespedes Airport BYM
0%
Mongolia Bayankhongor Airport BYN
0%
Brazil Bonito Airport BYO
0%
Denmark Læsø Airport BYR
0%
United States Blakely Island Airport BYW
0%
Belize Philip S. W. Goldson International Airport BZE
0%
Poland Ignacy Jan Paderewski Bydgoszcz Airport BZG
0%
Turkey Balıkesir Airport BZI
0%
Russia Bryansk International Airport BZK
0%
Bangladesh Barisal Airport BZL
0%
United States Bozeman Yellowstone International Airport BZN
0%
Italy Bolzano Airport BZO
0%
France Béziers Vias airport BZR
0%
Republic of the Congo Maya-Maya International Airport BZV
0%
China Bazhong Enyang Airport BZX
0%
Angola Cabinda Airport CAB
0%
Brazil Coronel Adalberto Mendes da Silva Airport CAC
0%
United States Columbia Metropolitan Airport CAE
0%
Brazil Carauari Airport CAF
0%
Italy Cagliari Elmas Airport CAG
0%
Vietnam Cà Mau Airport CAH
0%
Venezuela Canaima Airport CAJ
0%
United States Akron Canton Regional Airport CAK
0%
Haiti Cap Haitien International Airport CAP
0%
Portugal Cascais Airport CAT
0%
Brazil Caruaru Airport CAU
0%
Brazil Bartolomeu Lisandro Airport CAW
0%
French Guiana Cayenne – Félix Eboué Airport CAY
0%
Australia Cobar Airport CAZ
0%
Bolivia Jorge Wilsterman International Airport CBB
0%
Algeria Béchar Boudghene Ben Ali Lotfi Airport CBH
0%
Philippines Cotabato (Awang) Airport CBO
0%
Nigeria Margaret Ekpo International Airport CBQ
0%
Australia Canberra Airport CBR
0%
Angola Catumbela Airport CBT
0%
Bolivia Chimore Airport CCA
0%
Cuba Jardines Del Rey Airport CCC
0%
Egypt Capital International Airport CCE
0%
France Carcassonne Salvaza Airport CCF
0%
India Calicut International Airport CCJ
0%
Cocos (Keeling) Islands Cocos (Keeling) Islands Airport CCK
0%
Brazil Forquilhinha - Criciúma Airport CCM
0%
Chile Carriel Sur International Airport CCP
0%
United States Buchanan Field CCR
0%
Venezuela Maiquetía Simón Bolívar International Airport CCS
0%
Vanuatu Craig Cove Airport CCV
0%
Bahamas Chub Cay Airport CCZ
0%
United States Cold Bay Airport CDB
0%
United States Cedar City Regional Airport CDC
0%
China Chengde Puning Airport CDE
0%
India Kadapa Airport CDP
0%
United States Chadron Municipal Airport CDR
0%
Spain Castellón-Costa Azahar Airport CDT
0%
United States Merle K (Mudhole) Smith Airport CDV
0%
United States Jack Mc Namara Field Airport CEC
0%
Australia Ceduna Airport CED
0%
Russia Cherepovets Airport CEE
0%
Thailand Mae Fah Luang - Chiang Rai International Airport CEI
0%
Russia Kurchatov Chelyabinsk International Airport CEK
0%
Brazil Canela Airport CEL
0%
United States Central Airport CEM
0%
Mexico Ciudad Obregón International Airport CEN
0%
United States Cortez Municipal Airport CEZ
0%
Brazil Cabo Frio Airport CFB
0%
France Clermont-Ferrand Auvergne airport CFE
0%
Cuba Jaime Gonzalez Airport CFG
0%
Algeria Chlef Aboubakr Belkaid International Airport CFK
0%
France Caen Carpiquet airport CFR
0%
Australia Coffs Harbour Airport CFS
0%
Brazil Várzea Grande–Marechal Rondon International Airport CGB
0%
China Changde Taohuayuan Airport CGD
0%
Brazil Congonhas–Deputado Freitas Nobre Airport CGH
0%
United States Cape Girardeau Regional Airport CGI
0%
Philippines Camiguin Airport CGM
0%
China Zhengzhou Xinzheng International Airport CGO
0%
Bangladesh Shah Amanat International Airport CGP
0%
China Changchun Longjia International Airport CGQ
0%
Brazil Campo Grande Airport CGR
0%
Philippines Laguindingan International Airport CGY
0%
China Chaoyang Airport CHG
0%
Peru Chachapoyas Airport CHH
0%
Peru FAP Lieutenant Jaime Andres de Montreuil Morales Airport CHM
0%
United States Charlottesville Albemarle Airport CHO
0%
Greece Chania International Airport CHQ
0%
United States Charleston International Airport CHS
0%
New Zealand Inia William Tuuta Memorial Airport CHT
0%
United States Chuathbaluk Airport CHU
0%
Panama Changuinola Captain Manuel Niño International Airport CHX
0%
Solomon Islands Choiseul Bay Airport CHY
0%
United States The Eastern Iowa Airport CID
0%
China Chifeng Yulong Airport CIF
0%
China Changzhi Wangcun Airport CIH
0%
Bolivia Capitán Aníbal Arab Airport CIJ
0%
United States Chalkyitsik Airport CIK
0%
Kazakhstan Shymkent International Airport CIT
0%
United States Chippewa County International Airport CIU
0%
Saint Vincent and the Grenadines Canouan Airport CIW
0%
Peru Capitán FAP José A. Quiñones González International Airport CIX
0%
Italy Comiso Airport CIY
0%
Peru Mayor General FAP Armando Revoredo Iglesias Airport CJA
0%
India Coimbatore International Airport CJB
0%
Chile El Loa Airport CJC
0%
South Korea Cheongju International Airport/Cheongju Air Base (K-59/G-513) CJJ
0%
Pakistan Chitral Airport CJL
0%
Thailand Chumphon Airport CJM
0%
Indonesia Nusawiru Airport CJN
0%
Mexico Abraham González International Airport CJS
0%
South Korea Jeju International Airport CJU
0%
Brazil Pedro Vieira Moreira Airport CJZ
0%
United States North Central West Virginia Airport CKB
0%
United States Crooked Creek Airport CKD
0%
Russia Chokurdakh Airport CKH
0%
Brazil Carajás Airport CKS
0%
Australia Christmas Creek Airport CKW
0%
United States Chicken Airport CKX
0%
Guinea Ahmed Sékou Touré International Airport CKY
0%
Turkey Çanakkale Airport CKZ
0%
United States McClellan-Palomar Airport CLD
0%
Romania Avram Iancu Cluj International Airport CLJ
0%
United States Easterwood Field CLL
0%
Colombia Alfonso Bonilla Aragon International Airport CLO
0%
United States Clarks Point Airport CLP
0%
Mexico Licenciado Miguel de la Madrid International Airport CLQ
0%
Brazil Nelson Ribeiro Guimarães Airport CLV
0%
France Calvi Sainte Catherine Airport CLY
0%
Australia Cunnamulla Airport CMA
0%
Mexico Ciudad del Carmen International Airport CME
0%
France Chambéry Aix les Bains airport CMF
0%
Brazil Corumbá International Airport CMG
0%
United States University of Illinois Willard Airport CMI
0%
Papua New Guinea Chimbu Airport CMU
0%
Cuba Ignacio Agramonte International Airport CMW
0%
United States Houghton County Memorial Airport CMX
0%
Australia Coonamble Airport CNB
0%
Australia Coconut Island Airport CNC
0%
Romania Mihail Kogălniceanu International Airport CND
0%
Brazil Tancredo Neves International Airport CNF
0%
China Changhai Dachangshandao Airport CNI
0%
Australia Cloncurry Airport CNJ
0%
United States Cavern City Air Terminal CNM
0%
India Kannur International Airport CNN
0%
Greenland Neerlerit Inaat Airport CNP
0%
Argentina Corrientes Airport CNQ
0%
Australia Cairns International Airport CNS
0%
Thailand Chiang Mai International Airport CNX
0%
United States Canyonlands Regional Airport CNY
0%
United States Yellowstone Regional Airport COD
0%
India Cochin International Airport COK
0%
United Kingdom Coll Airport COL
0%
Benin Cotonou Cadjehoun International Airport COO
0%
Mongolia Choibalsan Airport COQ
0%
Argentina Ingeniero Aeronáutico Ambrosio L.V. Taravella International Airport COR
0%
United States City of Colorado Springs Municipal Airport COS
0%
United States Columbia Regional Airport COU
0%
Turkey Çukurova International Airport COV
0%
Argentina Aviador C. Campos Airport CPC
0%
Australia Coober Pedy Airport CPD
0%
Mexico Ingeniero Alberto Acuña Ongay International Airport CPE
0%
Chile Desierto de Atacama Airport CPO
0%
United States Casper-Natrona County International Airport CPR
0%
Brazil Presidente João Suassuna Airport CPV
0%
Puerto Rico Benjamin Rivera Noriega Airport CPX
0%
China Chongqing Xiannüshan Airport CQW
0%
Romania Craiova International Airport CRA
0%
Argentina General Enrique Mosconi International Airport CRD
0%
Bahamas Colonel Hill Airport CRI
0%
Philippines Clark International Airport / Clark Air Base CRK
0%
Belgium Brussels South Charleroi Airport CRL
0%
Philippines Catarman National Airport CRM
0%
United States Corpus Christi International Airport CRP
0%
Grenada Lauriston Airport CRU
0%
Italy Crotone Sant'Anna Pythagoras Airport CRV
0%
United States Yeager Airport CRW
0%
Turkmenistan Türkmenabat International Airport CRZ
0%
United Kingdom Colonsay Airstrip CSA
0%
United States Columbus Airport CSG
0%
Russia Solovki Airport CSH
0%
Senegal Cap Skirring Airport CSK
0%
Mexico Cabo San Lucas International Airport CSW
0%
Russia Cheboksary Airport CSY
0%
Italy Catania-Fontanarossa Airport CTA
0%
Argentina Coronel Felipe Varela International Airport CTC
0%
Panama Alonso Valderrama Airport CTD
0%
Colombia Rafael Nuñez International Airport CTG
0%
Australia Charleville Airport CTL
0%
Mexico Chetumal International Airport CTM
0%
Australia Cooktown Airport CTN
0%
Japan New Chitose Airport CTS
0%
China Chengdu Shuangliu International Airport CTU
0%
Mexico Ciudad Constitución National Airport CUA
0%
Ecuador Mariscal Lamar Airport CUE
0%
Italy Cuneo International Airport CUF
0%
Belize Caye Caulker Airport CUK
0%
Mexico Bachigualato Federal International Airport CUL
0%
Venezuela Antonio José de Sucre Airport CUM
0%
Venezuela General Francisco Bermúdez Airport CUP
0%
Australia Coen Airport CUQ
0%
Curaçao Hato International Airport CUR
0%
Mexico General Roberto Fierro Villalobos International Airport CUU
0%
Peru Alejandro Velasco Astete International Airport CUZ
0%
United States Cincinnati Northern Kentucky International Airport CVG
0%
Mexico General Pedro Jose Mendez International Airport CVM
0%
United States Clovis Municipal Airport CVN
0%
Australia Carnarvon Airport CVQ
0%
Portugal Corvo Airport CVU
0%
United States Central Wisconsin Airport CWA
0%
Brazil Curitiba-Afonso Pena International Airport CWB
0%
Ukraine Chernivtsi International Airport CWC
0%
China Cangyuan Washan Airport CWJ
0%
United States Center Island Airport CWS
0%
Bangladesh Cox's Bazar Airport CXB
0%
Kiribati Cassidy International Airport CXI
0%
Brazil Hugo Cantergiani Regional Airport CXJ
0%
Indonesia Tunggul Wulung Airport CXP
0%
Haiti Antoine-Simon International Airport CYA
0%
Cayman Islands Charles Kirkconnell International Airport CYB
0%
Belize Caye Chapel Airport CYC
0%
United States Chefornak Airport CYF
0%
Taiwan Chiayi Airport CYI
0%
Cuba Vilo Acuña International Airport CYO
0%
Philippines Calbayog Airport CYP
0%
United States Cheyenne Regional Jerry Olson Field CYS
0%
United States Yakataga Airport CYT
0%
Philippines Cuyo Airport CYU
0%
Russia Cherskiy Airport CYX
0%
Philippines Cauayan Airport CYZ
0%
Venezuela José Leonardo Chirinos Airport CZE
0%
Belize Corozal Airport CZH
0%
Algeria Mohamed Boudiaf International Airport CZL
0%
Mexico Cozumel International Airport CZM
0%
Brazil Cruzeiro do Sul Airport CZS
0%
Colombia Las Brujas Airport CZU
0%
United States Daytona Beach International Airport DAB
0%
Bangladesh Hazrat Shahjalal International Airport DAC
0%
Vietnam Da Nang International Airport DAD
0%
Syria Damascus International Airport DAM
0%
Tanzania Julius Nyerere International Airport DAR
0%
China Datong Yungang International Airport DAT
0%
Papua New Guinea Daru Airport DAU
0%
Panama Enrique Malek International Airport DAV
0%
China Dachuan Airport DAX
0%
United States James M. Cox Dayton International Airport DAY
0%
Pakistan Dalbandin Airport DBA
0%
Egypt El Alamein International Airport DBB
0%
China Baicheng Chang'an Airport DBC
0%
Australia Dubbo City Regional Airport DBO
0%
United States Dubuque Regional Airport DBQ
0%
India Darbhanga Airport DBR
0%
Dominica Canefield Airport DCF
0%
France Castres Mazamet Airport DCM
0%
China Daocheng Yading Airport DCY
0%
United States Dodge City Regional Airport DDC
0%
China Dandong Langtou International Airport DDG
0%
China Shigatse Tingri Airport DDR
0%
Pakistan Dera Ghazi Khan Airport DEA
0%
Hungary Debrecen International Airport DEB
0%
United States Decatur Airport DEC
0%
India Dehradun Jolly Grant Airport DED
0%
Russia Yuzhno-Kurilsk Mendeleyevo Airport DEE
0%
Iran Dezful Airport DEF
0%
Ethiopia Dembidollo Airport DEM
0%
Indonesia Nop Goliat Dekai Airport DEX
0%
Belize Dangriga Airport DGA
0%
India Deoghar Airport DGH
0%
Mexico General Guadalupe Victoria International Airport DGO
0%
Philippines Sibulan Airport DGT
0%
India Kangra Airport DHM
0%
United States Dothan Regional Airport DHN
0%
Indonesia Dhoho International Airport DHX
0%
Qatar Doha International Airport DIA
0%
India Dibrugarh Airport DIB
0%
Madagascar Arrachart Airport DIE
0%
China Diqing Shangri-La Airport DIG
0%
France Dijon Longvic airport DIJ
0%
United States Dickinson Theodore Roosevelt Regional Airport DIK
0%
Timor-Leste Presidente Nicolau Lobato International Airport DIL
0%
Vietnam Dien Bien Phu Airport DIN
0%
Ethiopia Aba Tenna Dejazmach Yilma International Airport DIR
0%
India Diu Airport DIU
0%
Turkey Diyarbakır Airport DIY
0%
Indonesia Sultan Thaha Airport DJB
0%
Tunisia Djerba Zarzis International Airport DJE
0%
Algeria Tiska Djanet Airport DJG
0%
Indonesia Dortheys Hiyo Eluay International Airport DJJ
0%
Nigeria Umaru Musa Yar'adua Airport DKA
0%
Senegal Léopold Sédar Senghor International Airport DKR
0%
Cameroon Douala International Airport DLA
0%
China Dalian Zhoushuizi International Airport DLC
0%
France Dole Tavaux Airport DLE
0%
United States Dillingham Airport DLG
0%
Vietnam Lien Khuong Airport DLI
0%
Turkey Dalaman International Airport DLM
0%
Russia Dalnerechensk Airport DLR
0%
China Dali Fengyi Airport DLU
0%
Mongolia Dalanzadgad Airport DLZ
0%
Kazakhstan Taraz International Airport DMB
0%
Australia Doomadgee Airport DMD
0%
India Dimapur Airport DMU
0%
United Kingdom Dundee Airport DND
0%
China Dunhuang Mogao International Airport DNH
0%
Ukraine Dnipro International Airport DNK
0%
France Dinard Pleurtuit Saint-Malo airport DNR
0%
Turkey Çardak Airport DNZ
0%
Tanzania Dodoma Airport DOD
0%
Sudan Dongola Airport DOG
0%
Qatar Hamad International Airport DOH
0%
France Deauville Normandie airport DOL
0%
Dominica Douglas-Charles Airport DOM
0%
Nepal Dolpa Airport DOP
0%
United States Dover Civil Air Terminal/Dover Air Force Base DOV
0%
China Dongying Shengli Airport DOY
0%
Philippines Dipolog Airport DPL
0%
Australia Devonport Airport DPO
0%
Indonesia Denpasar I Gusti Ngurah Rai International Airport DPS
0%
Russia Deputatskiy Airport DPT
0%
China Daqing Sartu Airport DQA
0%
Oman Duqm International Airport DQM
0%
United States Deering Airport DRG
0%
Suriname Drietabbetje Airport DRJ
0%
United States Durango La Plata County Airport DRO
0%
Philippines Bicol International Airport DRP
0%
Germany Dresden Airport DRS
0%
Maldives Dharavandhoo Airport DRV
0%
Australia Darwin International Airport / RAAF Darwin DRW
0%
Guadeloupe La Désirade Airport DSD
0%
Ethiopia Kombolcha Airport DSE
0%
United States Destin Executive Airport DSI
0%
United States Des Moines International Airport DSM
0%
China Ordos Ejin Horo International Airport DSN
0%
North Korea Sondok Airport DSO
0%
Senegal Blaise Diagne International Airport DSS
0%
Cambodia Dara Sakor International Airport DSY
0%
Indonesia Silangit Airport DTB
0%
Indonesia Datadawai Airport DTD
0%
Germany Dortmund Airport DTM
0%
United States Decatur Shores Airport DTR
0%
China Wudalianchi Dedu Airport DTU
0%
Angola Dundo Airport DUE
0%
United States DuBois Regional Airport DUJ
0%
Indonesia Pinang Kampai Airport DUM
0%
South Africa King Shaka International Airport DUR
0%
United States Tom Madsen (Dutch Harbor) Airport DUT
0%
United States Devils Lake Regional Airport DVL
0%
Philippines Francisco Bangoy International Airport DVO
0%
Madagascar Soalala Airport DWB
0%
Saudi Arabia Dawadmi Domestic Airport DWD
0%
China Xiangxi Biancheng Airport DXJ
0%
China Zhangjiajie Hehua International Airport DYG
0%
Russia Ugolny Yuri Ryktheu Airport DYR
0%
Tajikistan Dushanbe International Airport DYU
0%
Mayotte Dzaoudzi Pamandzi International Airport DZA
0%
China Dazhou Jinya Airport DZH
0%
Kazakhstan Zhezkazgan National Airport DZN
0%
United States Eagle Airport EAA
0%
Saudi Arabia Najran Domestic Airport EAM
0%
United States Kearney Regional Airport EAR
0%
Spain San Sebastián Airport EAS
0%
United States Pangborn Memorial Airport EAT
0%
United States Chippewa Valley Regional Airport EAU
0%
Suriname Eduard Alexander Gummels Airport EAX
0%
Italy Marina di Campo Airport EBA
0%
Uganda Entebbe International Airport EBB
0%
Sudan El-Obeid Airport EBD
0%
Denmark Esbjerg Airport EBJ
0%
Iraq Erbil International Airport EBL
0%
Cyprus Ercan International Airport ECN
0%
United States Northwest Florida Beaches International Airport ECP
0%
Kenya Eldoret International Airport EDL
0%
Turkey Balıkesir Koca Seyit Airport EDO
0%
Australia Pormpuraaw Airport EDR
0%
United States Eek Airport EEK
0%
France Bergerac Dordogne-Périgord airport EGC
0%
United States Eagle County Regional Airport EGE
0%
Russia Belgorod International Airport EGO
0%
Iceland Egilsstaðir Airport EGS
0%
United States Egegik Airport EGX
0%
China Ezhou Huahu International Airport EHU
0%
Russia Yeniseysk Airport EIE
0%
Russia Yeysk Airport EIK
0%
Netherlands Eindhoven Airport EIN
0%
British Virgin Islands Terrance B. Lettsome International Airport EIS
0%
Colombia Yariguíes Airport EJA
0%
Saudi Arabia Al Wajh Domestic Airport EJH
0%
Marshall Islands Enejit Airport EJT
0%
United States Elko Regional Airport EKO
0%
Russia Shakhtyorsk Airport EKS
0%
Australia Elcho Island Airport ELC
0%
United States South Arkansas Regional Airport at Goodwin Field ELD
0%
Sudan El Fasher Airport ELF
0%
Algeria El Golea Airport ELG
0%
Bahamas North Eleuthera Airport ELH
0%
United States Elim Airport ELI
0%
United States Elmira Corning Regional Airport ELM
0%
United States El Paso International Airport ELP
0%
Saudi Arabia Prince Naif bin Abdulaziz International Airport ELQ
0%
South Africa King Phalo Airport ELS
0%
Algeria Guemar Airport - مطار قمار بالوادي ELU
0%
Australia Emerald Airport EMD
0%
Germany Emden Airport EME
0%
United States Emmonak Airport EMK
0%
United States Kenai Municipal Airport ENA
0%
Indonesia H. Hasan Aroeboesman (Ende) Airport ENE
0%
Finland Enontekio Airport ENF
0%
China Enshi Xujiaping Airport ENH
0%
Philippines El Nido Airport ENI
0%
Paraguay Teniente Ramon A. Ayub Gonzalez International Airport ENO
0%
Marshall Islands Eniwetok Airport ENT
0%
Nigeria Akanu Ibiam International Airport ENU
0%
China Yan'an Nanniwan Airport ENY
0%
Colombia Enrique Olaya Herrera Airport EOH
0%
United Kingdom Eday Airport EOI
0%
Australia Esperance Airport EPR
0%
Estonia Pärnu Airport EPU
0%
Argentina Esquel Brigadier Antonio Parodi International Airport EQS
0%
Turkey Erzincan Airport ERC
0%
Germany Erfurt-Weimar Airport ERF
0%
Morocco Moulay Ali Cherif Airport ERH
0%
United States Erie International Tom Ridge Field ERI
0%
China Erenhot Saiwusu International Airport ERL
0%
Namibia Eros Airport ERS
0%
Turkey Erzurum International Airport ERZ
0%
Turkey Esenboğa International Airport ESB
0%
United States Delta County Airport ESC
0%
United States Orcas Island Airport ESD
0%
Russia Elista Airport ESL
0%
Ecuador Carlos Concha Torres International Airport ESM
0%
Chile Ricardo García Posada Airport ESR
0%
Morocco Essaouira-Mogador Airport ESU
0%
Israel Ramon International Airport ETM
0%
Ecuador Santa Rosa - Artillery Colonel Victor Larrea International Airport ETR
0%
France Metz-Nancy-Lorraine Airport ETZ
0%
Tonga Kaufana Airport EUA
0%
Western Sahara Laayoune Hassan I International Airport EUN
0%
Caribbean Netherlands F. D. Roosevelt Airport EUX
0%
Norway Harstad/Narvik Airport EVE
0%
Sweden Sveg Airport EVG
0%
Armenia Zvartnots International Airport EVN
0%
United States Evansville Regional Airport EVV
0%
United States New Bedford Regional Airport EWB
0%
United States Coastal Carolina Regional Airport EWN
0%
Russia Beloyarskiy Airport EYK
0%
Colombia El Alcaravan - Yopal Airport EYP
0%
United States Key West International Airport EYW
0%
Argentina Ezeiza International Airport - Ministro Pistarini EZE
0%
Turkey Elazığ Airport EZS
0%
Faroe Islands Vágar Airport FAE
0%
United States Hector International Airport FAR
0%
United States Fresno Yosemite International Airport FAT
0%
French Polynesia Fakarava Airport FAV
0%
United States Fayetteville Regional Airport - Grannis Field FAY
0%
Afghanistan Fayzabad Airport FBD
0%
Brazil Paulo Abdala Airport FBE
0%
Democratic Republic of the Congo Lubumbashi International Airport FBM
0%
United States Glacier Park International Airport FCA
0%
Germany Sea-Airport Cuxhaven/Nordholz / Nordholz Naval Airbase FCN
0%
Norway Førde Airport, Bringeland FDE
0%
Martinique Martinique Aimé Césaire International Airport FDF
0%
Germany Bodensee Airport Friedrichshafen FDH
0%
Democratic Republic of the Congo Bandundu Airport FDU
0%
Brazil João Durval Carneiro Airport FEC
0%
Uzbekistan Fergana International Airport FEG
0%
Brazil Fernando de Noronha Airport FEN
0%
French Polynesia Fangatau Airport FGU
0%
French Polynesia Fakahina Airport FHZ
0%
United Kingdom Fair Isle Airport FIE
0%
Democratic Republic of the Congo Ndjili International Airport FIH
0%
Australia Fitzroy Crossing Airport FIZ
0%
Germany Karlsruhe Baden-Baden Airport FKB
0%
Democratic Republic of the Congo Bangoka International Airport FKI
0%
Indonesia Fakfak Airport FKQ
0%
Japan Fukushima Airport FKS
0%
United States Flagstaff Pulliam Airport FLG
0%
Brazil Hercílio Luz International Airport FLN
0%
United States Florence Regional Airport FLO
0%
Italy Florence Airport, Peretola FLR
0%
Australia Flinders Island Airport FLS
0%
Portugal Flores Airport FLW
0%
Indonesia Dr. Ferdinand Lumban Tobing Airport FLZ
0%
Argentina Formosa National Airport FMA
0%
Democratic Republic of the Congo Kalemie Airport FMI
0%
Germany Memmingen Allgau Airport FMM
0%
Germany Münster Osnabrück Airport FMO
0%
Maldives Faresmaathoda Airport FMT
0%
Sierra Leone Lungi International Airport FNA
0%
Maldives Funadhoo Airport FND
0%
France Nîmes-Arles-Camargue Airport FNI
0%
North Korea Pyongyang Sunan International Airport FNJ
0%
United States Bishop International Airport FNT
0%
United Kingdom Foula Airfield FOA
0%
China Fuzhou Changle International Airport FOC
0%
United States Fort Dodge Regional Airport FOD
0%
Italy Foggia Gino Lisa Airport FOG
0%
Costa Rica La Fortuna Arenal Airport FON
0%
Brazil Pinto Martins International Airport FOR
0%
Bahamas Grand Bahama International Airport FPO
0%
United States Friday Harbor Airport FRD
0%
Solomon Islands Fera/Maringe Airport FRE
0%
Italy Forlì-Luigi Ridolfi International Airport FRL
0%
Norway Florø Airport FRO
0%
Guatemala Mundo Maya International Airport FRS
0%
Botswana Phillip Gaonwe Matante International Airport FRW
0%
France Figari Sud-Corse Airport FSC
0%
United States Sioux Falls Regional Airport FSD
0%
Indonesia Syekh Hamzah Fansyuri Airport FSH
0%
United States Fort Smith Regional Airport FSM
0%
Saint Pierre and Miquelon Saint-Pierre Pointe-Blanche Airport FSP
0%
Japan Mount Fuji Shizuoka Airport FSZ
0%
Vanuatu Futuna Airport FTA
0%
Argentina El Calafate - Commander Armando Tola International Airport FTE
0%
American Samoa Fitiuta Airport FTI
0%
Madagascar Tôlanaro Airport FTU
0%
United States Fort Worth Meacham International Airport FTW
0%
China Fuyang Xiguan Airport FUG
0%
Japan Fukue Airport FUJ
0%
Tuvalu Funafuti International Airport FUN
0%
China Foshan Shadi Airport FUO
0%
Wallis and Futuna Pointe Vele Airport FUT
0%
United States Fort Wayne International Airport FWA
0%
China Fuyuan Dongji Airport FYJ
0%
China Fuyun Koktokay Airport FYN
0%
United States Fort Yukon Airport FYU
0%
Tunisia Gabès Matmata International Airport GAE
0%
Tunisia Gafsa Ksar International Airport GAF
0%
Japan Yamagata Airport GAJ
0%
United States Edward G. Pitka Sr Airport GAL
0%
United States Gambell Airport GAM
0%
Maldives Gan International Airport GAN
0%
Mali Gao International Airport GAQ
0%
India Lokpriya Gopinath Bordoloi International Airport GAU
0%
Gabon Gamba Airport GAX
0%
India Gaya Airport GAY
0%
Azerbaijan Gabala International Airport GBB
0%
Botswana Sir Seretse Khama International Airport GBE
0%
India Kalaburagi Airport GBI
0%
Guadeloupe Marie-Galante Airport GBJ
0%
New Zealand Great Barrier Aerodrome GBZ
0%
United States Northeast Wyoming Regional Airport GCC
0%
Iran Gachsaran Airport GCH
0%
United States Garden City Regional Airport GCK
0%
Cayman Islands Owen Roberts International Airport GCM
0%
United States Grand Canyon National Park Airport GCN
0%
India Gondia Airport GDB
0%
Ethiopia Gode Airport GDE
0%
Mexico Guadalajara International Airport GDL
0%
Poland Gdańsk Lech Wałęsa Airport GDN
0%
Ethiopia Gondar Airport GDQ
0%
Turks and Caicos Islands JAGS McCartney International Airport GDT
0%
United States Dawson Community Airport GDV
0%
Russia Sokol Airport GDX
0%
New Caledonia Nouméa Magenta Airport GEA
0%
Cyprus Lefkoniko Airport / Geçitkale Air Base GEC
0%
United States Spokane International Airport GEG
0%
Brazil Santo Ângelo Airport GEL
0%
Guyana Cheddi Jagan International Airport GEO
0%
Cuba Rafael Cabrera Airport GER
0%
Philippines General Santos International Airport GES
0%
Australia Geraldton Airport GET
0%
Sweden Gällivare Airport GEV
0%
Australia Griffith Airport GFF
0%
United States Grand Forks International Airport GFK
0%
Brazil Almeirim Airport GGF
0%
United States East Texas Regional Airport GGG
0%
Brazil Guaíra Airport GGJ
0%
Somalia Garowe Airport GGR
0%
Argentina Gobernador Gregores Airport GGS
0%
Bahamas Exuma International Airport GGT
0%
United States Glasgow Valley County Airport Wokal Field GGW
0%
Algeria Noumérat - Moufdi Zakaria Airport GHA
0%
Bahamas Governor's Harbour Airport GHB
0%
Libya Ghat Airport GHT
0%
Romania Brașov-Ghimbav International Airport GHV
0%
Gibraltar Gibraltar Airport GIB
0%
Australia Boigu Island Airport GIC
0%
Burundi Gitega Airport GID
0%
Brazil Rio Galeão – Tom Jobim International Airport GIG
0%
Pakistan Gilgit Airport GIL
0%
Saudi Arabia Jizan Regional Airport / King Abdullah bin Abdulaziz Airport GIZ
0%
Honduras La Laguna Airport GJA
0%
Algeria Jijel Ferhat Abbas Airport GJL
0%
United States Grand Junction Regional Airport GJT
0%
Papua New Guinea Goroka Airport GKA
0%
Maldives Kooddoo Airport GKK
0%
United States Gulkana Airport GKN
0%
Costa Rica Golfito Airport GLF
0%
United States Mid Delta Regional Airport GLH
0%
Somalia Galcaio Airport GLK
0%
Australia Gladstone Airport GLT
0%
United States Golovin Airport GLV
0%
Democratic Republic of the Congo Gemena Airport GMA
0%
Ethiopia Gambela Airport GMB
0%
Belarus Gomel Airport GME
0%
Papua New Guinea Gasmata Island Airport GMI
0%
Nigeria Gombe Lawanti International Airport GMO
0%
South Korea Gimpo International Airport GMP
0%
China Golog Maqên Airport GMQ
0%
French Polynesia Totegegie Airport GMR
0%
Spain La Gomera Airport GMZ
0%
France Grenoble Alpes Isère Airport GNB
0%
Grenada Maurice Bishop International Airport GND
0%
Azerbaijan Ganja International Airport GNJ
0%
Indonesia Binaka Airport GNS
0%
United States Goodnews Airport GNU
0%
United States Gainesville Regional Airport GNV
0%
Turkey Şanlıurfa GAP Airport GNY
0%
Greenland Nuuk International Airport GOH
0%
Russia Nizhny Novgorod / Strigino International Airport GOJ
0%
Democratic Republic of the Congo Goma International Airport GOM
0%
India Gorakhpur Airport GOP
0%
China Golmud Airport GOQ
0%
Cameroon Garoua International Airport GOU
0%
Australia Gove Airport GOV
0%
India Manohar International Airport GOX
0%
Russia Tura Mountain Airport GOY
0%
Greece Patras Araxos Agamemnon Airport GPA
0%
Brazil Tancredo Thomas de Faria Airport GPB
0%
Colombia Guapi Airport GPI
0%
Ecuador Seymour Galapagos Ecological Airport GPS
0%
United States Gulfport Biloxi International Airport GPT
0%
United States Austin Straubel International Airport GRB
0%
United States Central Nebraska Regional Airport GRI
0%
South Africa George Airport GRJ
0%
United States Killeen Regional Airport / Robert Gray Army Airfield GRK
0%
Spain Girona-Costa Brava Airport GRO
0%
Netherlands Groningen Airport Eelde GRQ
0%
United States Gerald R. Ford International Airport GRR
0%
Brazil São Paulo/Guarulhos–Governor André Franco Montoro International Airport GRU
0%
Russia Akhmat Kadyrov Grozny International Airport GRV
0%
Portugal Graciosa Airport GRW
0%
Spain F.G.L. Airport Granada-Jaén Airport GRX
0%
Iceland Grímsey Airport GRY
0%
Austria Graz Airport GRZ
0%
Iran Qeshm International Airport GSM
0%
United States Greenville-Spartanburg International Airport GSP
0%
United States Gustavus Airport GST
0%
Russia Gagarin International Airport GSV
0%
Solomon Islands Gatokae Aerodrome GTA
0%
Australia Groote Eylandt Airport GTE
0%
United States Great Falls International Airport GTF
0%
United States Golden Triangle Regional Airport GTR
0%
Guatemala La Aurora International Airport GUA
0%
Mexico Guerrero Negro Airport GUB
0%
United States Gunnison Crested Butte Regional Airport GUC
0%
United States Gallup Municipal Airport GUP
0%
Papua New Guinea Gurney Airport GUR
0%
Kazakhstan Atyrau International Airport GUW
0%
Brazil Guarapari Airport GUZ
0%
Switzerland Geneva International Airport GVA
0%
Brazil Coronel Altino Machado Airport GVR
0%
Pakistan New Gwadar International Airport GWD
0%
India Gwalior Airport GWL
0%
Germany Westerland Sylt Airport GWT
0%
Yemen Seiyun Hadhramaut International Airport GXF
0%
Angola Negage Airport GXG
0%
China Gannan Xiahe Airport GXH
0%
Bolivia Guayaramerín Airport GYA
0%
Azerbaijan Heydar Aliyev International Airport GYD
0%
Ecuador José Joaquín de Olmedo International Airport GYE
0%
Mexico General José María Yáñez International Airport GYM
0%
Brazil Santa Genoveva International Airport GYN
0%
China Guangyuan Panlong Airport GYS
0%
China Guyuan Liupanshan Airport GYU
0%
United States Gary/Chicago International Airport GYY
0%
Australia Gruyere Airport GYZ
0%
China Garze Gesar Airport GZG
0%
Solomon Islands Nusatupe Airport GZO
0%
Turkey Gazipaşa-Alanya Airport GZP
0%
Turkey Gaziantep Oğuzeli International Airport GZT
0%
Norway Hasvik Airport HAA
0%
Japan Hachijojima Airport HAC
0%
Sweden Halmstad Airport HAD
0%
Comoros Prince Said Ibrahim International Airport HAH
0%
Namibia Halali Airport HAL
0%
Maldives Hanimaadhoo International Airport HAQ
0%
Saudi Arabia Hail International Airport HAS
0%
Norway Haugesund Airport, Karmøy HAU
0%
Cuba José Martí International Airport HAV
0%
Australia Hobart International Airport HBA
0%
Egypt Alexandria International Airport HBE
0%
China Haibei Qilian Airport HBQ
0%
India Hubballi Airport HBX
0%
China Hechi Jinchengjiang Airport HCJ
0%
United States Holy Cross Airport HCR
0%
China Chenzhou Beihu Airport HCZ
0%
Pakistan Hyderabad Airport HDD
0%
Germany Heringsdorf Airport HDF
0%
China Handan Airport HDG
0%
Maldives Kulhudhuffushi Airport HDK
0%
Iran Hamadan Airport HDM
0%
United States Yampa Valley Airport HDN
0%
India Hindon Airport / Hindon Air Force Station HDO
0%
South Africa Eastgate Airport / Air Force Base Hoedspruit HDS
0%
Thailand Hat Yai International Airport HDY
0%
Afghanistan Herat - Khwaja Abdullah Ansari International Airport HEA
0%
Myanmar Heho Airport HEH
0%
Germany Heide-Büsum Airport HEI
0%
China Heihe Aihui Airport HEK
0%
Israel Uri Michaeli Haifa International Airport HFA
0%
Iceland Hornafjörður Airport HFN
0%
Sweden Hagfors Airport HFS
0%
Norway Hammerfest Airport HFT
0%
Somalia Egal International Airport HGA
0%
Australia Hughenden Airport HGD
0%
India Itanagar Donyi Polo Hollongi Airport HGI
0%
Germany Helgoland-Düne Airport HGL
0%
Thailand Mae Hong Son Airport HGN
0%
Côte d'Ivoire Korhogo Airport HGO
0%
United States Hagerstown Regional Richard A Henson Field HGR
0%
Papua New Guinea Mount Hagen Kagamuga Airport HGU
0%
United States Hilton Head Airport HHH
0%
Germany Frankfurt-Hahn Airport HHN
0%
Thailand Hua Hin Airport HHQ
0%
United States Jack Northrop Field Hawthorne Municipal Airport HHR
0%
French Polynesia Hikueru Airport HHZ
0%
China Huai'an Lianshui Airport HIA
0%
United States Range Regional Airport HIB
0%
Australia Horn Island Airport HID
0%
United States Lake Havasu City Airport HII
0%
Japan Hiroshima Airport HIJ
0%
Ethiopia Shilavo Airport HIL
0%
South Korea Sacheon Airport / Sacheon Air Base HIN
0%
Solomon Islands Honiara International Airport HIR
0%
China Hejing Bayinbuluke Airport HJB
0%
China Huaihua Zhijiang Airport HJJ
0%
India Khajuraho Airport HJR
0%
Japan Hakodate Airport HKD
0%
New Zealand Hokitika Airfield HKK
0%
Papua New Guinea Hoskins Airport HKN
0%
South Africa Lanseria International Airport HLA
0%
China Hulunbuir Hailar Airport HLD
0%
Saint Helena, Ascension and Tristan da Cunha Saint Helena International Airport HLE
0%
China Ulanhot Yilelite Airport HLH
0%
United States Helena Regional Airport HLN
0%
Indonesia Halim Perdanakusuma International Airport HLP
0%
Russia Khanty Mansiysk Airport HMA
0%
Egypt Sohag International Airport HMB
0%
Algeria Hassi Messaoud-Oued Irara Krim Belkacem Airport HME
0%
China Hami Airport HMI
0%
Mexico General Ignacio L. Pesqueira International Airport HMO
0%
Indonesia Haji Muhammad Sidik Airport HMS
0%
Sweden Hemavan Airport HMV
0%
Japan Iwate Hanamaki Airport HNA
0%
United States Hoonah Airport HNH
0%
United States Hana Airport HNM
0%
United States Haines Airport HNS
0%
China Hengyang Nanyue Airport HNY
0%
United States Lea County Regional Airport HOB
0%
Saudi Arabia Al-Ahsa International Airport HOF
0%
Cuba Frank Pais International Airport HOG
0%
French Polynesia Hao Airport HOI
0%
Australia Hooker Creek Airport HOK
0%
United States Homer Airport HOM
0%
Portugal Horta Airport HOR
0%
United States Memorial Field Airport HOT
0%
Norway Ørsta-Volda Airport, Hovden HOV
0%
Tonga Lifuka Island Airport HPA
0%
United States Hooper Bay Airport HPB
0%
China Shennongjia Hongping Airport HPG
0%
Vietnam Cat Bi International Airport HPH
0%
United States Westchester County Airport HPN
0%
China Tashikuergan Hongqilafu Airport HQL
0%
China Anyang Hongqiqu Airport HQQ
0%
Zimbabwe Robert Gabriel Mugabe International Airport HRE
0%
Maldives Hoarafushi Airport HRF
0%
Egypt Hurghada International Airport HRG
0%
India Aligarh Airport HRH
0%
Sri Lanka Mattala Rajapaksa International Airport HRI
0%
United States Valley International Airport HRL
0%
United States Boone County Airport HRO
0%
Kazakhstan Hazrat Sultan International Airport HSA
0%
China Shaoguan Danxia Airport HSC
0%
Japan Kyushu Saga International Airport HSG
0%
United States Huslia Airport HSL
0%
China Zhoushan Putuoshan International Airport HSN
0%
India Rajkot International Airport HSR
0%
India Maharaja Agrasen International Airport HSS
0%
United States Huntsville International Airport HSV
0%
Russia Chita-Kadala International Airport HTA
0%
Russia Khatanga Airport HTG
0%
Australia Hamilton Island Airport HTI
0%
China Hotan Airport HTN
0%
United States Tri-State Airport / Milton J. Ferguson Field HTS
0%
China Huatugou Airport HTT
0%
Turkey Hatay Airport HTY
0%
Guatemala Huehuetenango Airport HUG
0%
French Polynesia Huahine-Fare Airport HUH
0%
Vietnam Phu Bai International Airport HUI
0%
Taiwan Hualien Chiashan Airport HUN
0%
United States Hughes Airport HUS
0%
Peru Alferez Fap David Figueroa Fernandini Airport HUU
0%
Mexico Bahías de Huatulco International Airport HUX
0%
China Huizhou Pingtan Airport HUZ
0%
Australia Hervey Bay Airport HVB
0%
Mongolia Khovd Airport HVD
0%
Norway Honningsvåg Airport, Valan HVG
0%
United States Tweed New Haven Airport HVN
0%
United States Havre City County Airport HVR
0%
India Halwara International Airport HWR
0%
China Haixi Delingha Airport HXD
0%
United States Cape Cod Gateway Airport HYA
0%
India Rajiv Gandhi International Airport HYD
0%
United States Hays Regional Airport HYS
0%
China Heze Mudan Airport HZA
0%
China Hanzhong Chenggu Airport HZG
0%
China Liping Airport HZH
0%
Russia Igarka Airport IAA
0%
United States Niagara Falls International Airport IAG
0%
Algeria Zarzaitine - In Aménas Airport IAM
0%
United States Bob Baker Memorial Airport IAN
0%
Philippines Siargao Airport IAO
0%
Russia Golden Ring Yaroslavl International Airport IAR
0%
Nigeria Ibadan Airport IBA
0%
Ecuador General Villamil Airport IBB
0%
Colombia Perales Airport IBE
0%
Japan Ibaraki Airport IBR
0%
Venezuela Andrés Miguel Salazar Marcano Airport ICC
0%
Fiji Cicia Airport ICI
0%
United States Wichita Dwight D. Eisenhower National Airport ICT
0%
United States Idaho Falls Regional Airport IDA
0%
India Devi Ahilya Bai Holkar International Airport IDR
0%
France Île d'Yeu Airport IDY
0%
Poland Zielona Góra-Babimost Airport IEG
0%
Ukraine Ihor Sikorsky Kyiv International Airport (Zhuliany) IEV
0%
Iceland Ísafjörður Airport IFJ
0%
Iran Isfahan Shahid Beheshti International Airport IFN
0%
Ukraine Ivano-Frankivsk International Airport IFO
0%
Bahamas Inagua Airport IGA
0%
Turkey Iğdır Airport IGD
0%
United States Igiugig Airport IGG
0%
Argentina Cataratas Del Iguazú International Airport IGR
0%
Russia Magas Airport IGT
0%
Brazil Cataratas International Airport IGU
0%
Ireland Inishmaan Aerodrome IIA
0%
Russia Izhevsk Airport IJK
0%
Iran Imam Khomeini International Airport IKA
0%
Kyrgyzstan Karakol International Airport IKG
0%
Japan Iki Airport IKI
0%
United States Nikolski Air Station IKO
0%
Russia Tiksi Airport IKS
0%
Russia Irkutsk International Airport IKT
0%
Kyrgyzstan Issyk-Kul International Airport IKU
0%
Spain Lleida-Alguaire Airport ILD
0%
Canada Ilford Airport ILF
0%
United States Wilmington Airport ILG
0%
United States Iliamna Airport ILI
0%
United States Wilmington International Airport ILM
0%
Philippines Iloilo International Airport ILO
0%
New Caledonia Île des Pins Airport ILP
0%
Peru General Jorge Fernandez Maldon Airport ILQ
0%
Nigeria General Tunde Idiagbon International Airport ILR
0%
El Salvador Ilopango International Airport ILS
0%
United Kingdom Islay Airport ILY
0%
India Bir Tikendrajit International Airport IMF
0%
Nepal Simikot Airport IMK
0%
Brazil Prefeito Renato Moreira Airport IMP
0%
United States Ford Airport IMT
0%
Belize Independence Airport INB
0%
China Yinchuan Hedong International Airport INC
0%
United States Indianapolis International Airport IND
0%
Mozambique Inhambane Airport INH
0%
Serbia Niš Constantine the Great Airport INI
0%
United States Falls International Airport INL
0%
Austria Innsbruck Airport INN
0%
Democratic Republic of the Congo Inongo Airport INO
0%
Ireland Inisheer Aerodrome INQ
0%
Nauru Nauru International Airport INU
0%
Algeria In Salah Airport INZ
0%
Greece Ioannina King Pyrrhus National Airport IOA
0%
Ireland Inishmore Aerodrome IOR
0%
Brazil Bahia - Jorge Amado Airport IOS
0%
Chile Mataveri International Airport IPC
0%
Malaysia Sultan Azlan Shah Airport IPH
0%
Colombia San Luis Airport IPI
0%
United States Imperial County Airport IPL
0%
Brazil Usiminas Airport IPN
0%
United States Williamsport Regional Airport IPT
0%
China Qiemo Yudu Airport IQM
0%
China Qingyang Xifeng Airport IQN
0%
Chile Diego Aracena International Airport IQQ
0%
Peru Coronel FAP Francisco Secada Vignetta International Airport IQT
0%
Solomon Islands Ngorangora Airport IRA
0%
United States Circle City (New) Airport IRC
0%
Australia Lockhart River Airport IRG
0%
Argentina Capitan V A Almonacid Airport IRJ
0%
United States Kirksville Regional Airport IRK
0%
Democratic Republic of the Congo Matari Airport IRP
0%
Brazil Tapuruquara Airport IRZ
0%
Australia Mount Isa Airport ISA
0%
Pakistan Islamabad International Airport ISB
0%
United Kingdom St. Mary's Airport ISC
0%
Turkey Süleyman Demirel International Airport ISE
0%
Japan New Ishigaki Airport ISG
0%
India Nashik International Airport ISK
0%
United States Long Island MacArthur Airport ISP
0%
Iraq Jalal Talabani International Airport ISU
0%
Brazil Itaituba Airport ITB
0%
United States Ithaca Tompkins Regional Airport ITH
0%
Japan Osaka Itami International Airport ITM
0%
Russia Iturup Airport ITU
0%
Niue Niue International Airport IUE
0%
Finland Ivalo Airport IVL
0%
Russia Ivanovo South Airport IWA
0%
United States Gogebic Iron County Airport IWD
0%
Japan Iwami Airport IWJ
0%
Japan Iwakuni Kintaikyo Airport IWK
0%
India Agartala - Maharaja Bir Bikram Airport IXA
0%
India Bagdogra Airport IXB
0%
India Shaheed Bhagat Singh International Airport IXC
0%
India Prayagraj Airport IXD
0%
India Mangaluru International Airport IXE
0%
India Belagavi Airport IXG
0%
India Lilabari North Lakhimpur Airport IXI
0%
India Jammu Airport IXJ
0%
India Keshod Airport IXK
0%
India Leh Kushok Bakula Rimpochee Airport IXL
0%
India Madurai Airport IXM
0%
India Pathankot Airport IXP
0%
India Birsa Munda Airport IXR
0%
India Silchar Airport IXS
0%
India Aurangabad Airport IXU
0%
India Kandla Airport IXY
0%
India Veer Savarkar International Airport / INS Utkrosh IXZ
0%
Brazil Presidente Itamar Franco Airport IZA
0%
Japan Izumo Enmusubi Airport IZO
0%
Mexico General Antonio Cárdenas Rodríguez National Airport / Ixtepec Air Base IZT
0%
United States Jackson Hole Airport JAC
0%
Peru Shumba Airport JAE
0%
Sri Lanka Jaffna International Airport JAF
0%
India Jaipur International Airport JAI
0%
United States Jackson-Medgar Wiley Evers International Airport JAN
0%
Peru Francisco Carle Airport JAU
0%
Greenland Ilulissat Airport JAV
0%
Indonesia Notohadinegoro Airport JBB
0%
China Qitai Jiangbulake Airport JBK
0%
Dominican Republic La Isabela International Airport JBQ
0%
United States Jonesboro Municipal Airport JBR
0%
Australia Julia Creek Airport JCK
0%
Czech Republic České Budějovice South Bohemian Airport JCL
0%
Brazil Francisco de Assis Airport JDF
0%
India Jodhpur Airport JDH
0%
Brazil Orlando Bezerra de Menezes Airport JDO
0%
China Jingdezhen Luojia Airport JDZ
0%
Haiti Jérémie Airport JEE
0%
Greenland Aasiaat Airport JEG
0%
Marshall Islands Jeh Airport JEJ
0%
Greenland Paamiut Airport JFR
0%
India Jamnagar Airport JGA
0%
India Jagdalpur Airport JGB
0%
China Daxing'anling Elunchun Airport JGD
0%
China Jiayuguan International Airport JGN
0%
China Jinggangshan Airport JGS
0%
China Xishuangbanna Gasa International Airport JHG
0%
United States Kapalua Airport JHM
0%
Greenland Sisimiut Airport JHS
0%
Djibouti Djibouti-Ambouli Airport JIB
0%
China Jinchang Jinchuan Airport JIC
0%
Ethiopia Gerad Wilwal International Airport JIJ
0%
Greece Ikaria Airport JIK
0%
Ethiopia Jimma Airport JIM
0%
Indonesia Jos Orno Imsula Airport JIO
0%
China Qianjiang Wulingshan Airport JIQ
0%
China Jiujiang Lushan Airport JIU
0%
Brazil Comandante Ariston Pessoa Airport JJD
0%
Brazil Humberto Ghizzo Bortoluzzi Regional Airport JJG
0%
Kenya Mulika Lodge Airport JJM
0%
Sweden Jönköping Airport JKG
0%
Greece Chios Island National Airport JKH
0%
Greece Kalymnos Airport JKL
0%
Nepal Janakpur Airport JKR
0%
India Jalgaon Airport JLG
0%
United States Joplin Regional Airport JLN
0%
India Jabalpur Airport JLR
0%
China Lancang Jingmai Airport JMJ
0%
Greece Mykonos Island National Airport JMK
0%
Nepal Jomsom Airport JMO
0%
United States Jamestown Regional Airport JMS
0%
China Jiamusi Songjiang International Airport JMU
0%
China Jining Da'an Airport JNG
0%
China Jiaxing Nanhu Airport JNH
0%
United States Juneau International Airport JNU
0%
Greece Naxos Island National Airport JNX
0%
China Jinzhou Bay Airport JNZ
0%
Finland Joensuu Airport JOE
0%
Indonesia Adisutjipto International Airport JOG
0%
Brazil Lauro Carneiro de Loyola Airport JOI
0%
Philippines Jolo Airport JOL
0%
Nigeria Yakubu Gowon Airport JOS
0%
Brazil Presidente Castro Pinto International Airport JPA
0%
Brazil Nagib Demachki Airport JPE
0%
Brazil Ji-Paraná Airport JPR
0%
Brazil Paraty Airport JPY
0%
Greenland Qaarsut Airport JQA
0%
India Jharsuguda Airport JRG
0%
India Jorhat Airport JRH
0%
Tanzania Kilimanjaro International Airport JRO
0%
India Jaisalmer Airport JSA
0%
Greece Sitia Airport JSH
0%
Greece Skiathos Island National Airport JSI
0%
China Jiansanjiang Shidi Airport JSJ
0%
Iran Jask Airport JSK
0%
Brazil Dr. Luciano de Arruda Coelho Regional Airport JSO
0%
Bangladesh Jessore Airport JSR
0%
United States John Murtha Johnstown Cambria County Airport JST
0%
Greenland Maniitsoq Airport JSU
0%
Greece Syros Airport JSY
0%
Brazil Bauru/Arealva–Moussa Nakhal Tobias State Airport JTC
0%
Greece Santorini International Airport JTR
0%
Greece Astypalaia Airport JTY
0%
South Sudan Juba International Airport JUB
0%
China Chizhou Jiuhuashan Airport JUH
0%
Germany Juist Airport JUI
0%
Argentina Gobernador Horacio Guzman International Airport JUJ
0%
Peru Inca Manco Capac International Airport JUL
0%
Nepal Jumla Airport JUM
0%
Greenland Upernavik Airport JUV
0%
China Quzhou Airport JUZ
0%
China Jixi Xingkaihu Airport JXA
0%
Finland Jyväskylä Airport JYV
0%
China Jiuzhai Huanglong Airport JZH
0%
Zambia Kasama Airport KAA
0%
Zimbabwe Kariba Airport KAB
0%
Syria Qamishli International Airport KAC
0%
Nigeria Kaduna International Airport KAD
0%
Guyana Kaieteur Airport KAI
0%
Finland Kajaani Airport KAJ
0%
United States Kaltag Airport KAL
0%
Nigeria Mallam Aminu Kano International Airport KAN
0%
Finland Kuusamo Airport KAO
0%
New Zealand Kaitaia Airport KAT
0%
Myanmar Kawthoung Airport KAW
0%
Australia Kalbarri Airport KAX
0%
United States Birch Creek Airport KBC
0%
Afghanistan Kabul International Airport KBL
0%
Malaysia Sultan Ismail Petra Airport KBR
0%
Indonesia Gusti Syamsir Alam Airport KBU
0%
Thailand Krabi International Airport KBV
0%
China Kuqa Qiuci Airport KCA
0%
United States Chignik Airport KCG
0%
Malaysia Kuching International Airport KCH
0%
Turkey Kahramanmaraş Airport KCM
0%
United States Chignik Lake Airport KCQ
0%
Sri Lanka Koggala Airport KCT
0%
Russia Krasnoyarsk Cheremshanka Airport KCY
0%
Japan Kochi Ryoma Airport KCZ
0%
Pakistan Khuzdar Airport KDD
0%
Afghanistan Ahmad Shah Baba International Airport KDH
0%
Indonesia Haluoleo Airport KDI
0%
Estonia Kärdla Airport KDL
0%
Maldives Kaadedhdhoo Airport KDM
0%
Maldives Kadhdhoo Airport KDO
0%
Pakistan Skardu International Airport KDU
0%
Fiji Vunisea Airport KDV
0%
United States Nanwalek Airport KEB
0%
Russia Alexei Leonov Kemerovo International Airport KEJ
0%
Finland Kemi-Tornio Airport KEM
0%
Nepal Nepalgunj Airport KEP
0%
Iran Ayatollah Hashemi Rafsanjani International Airport KER
0%
Myanmar Kengtung Airport KET
0%
Canada Keewaywin Airport KEW
0%
Australia Kalkgurung Airport KFG
0%
United States False Pass Airport KFP
0%
Democratic Republic of the Congo Kananga Airport KGA
0%
Australia Kingscote Airport KGC
0%
Russia Khrabrovo Airport KGD
0%
Solomon Islands Kaghau Airport KGE
0%
Kazakhstan Sary-Arka Airport KGF
0%
Australia Kalgoorlie Boulder Airport KGI
0%
United States Koliganek Airport KGK
0%
Rwanda Kigali International Airport KGL
0%
Russia Kogalym International Airport KGP
0%
China Kangding Airport KGT
0%
United States Grayling Airport KGX
0%
Iran Khoram Abad Airport KHD
0%
Ukraine Kherson International Airport KHE
0%
China Kashgar Laining International Airport KHG
0%
Pakistan Jinnah International Airport KHI
0%
Iran Khark Airport KHK
0%
Myanmar Kanti Airport KHM
0%
China Nanchang Changbei International Airport KHN
0%
Oman Khasab Airport KHS
0%
Afghanistan Khost International Airport KHT
0%
Russia Khabarovsk Novy Airport KHV
0%
Uganda Savannah Airstrip KHX
0%
French Polynesia Kauehi Airport KHZ
0%
Papua New Guinea Aropa Airport KIE
0%
Canada Kingfisher Lake Airport KIF
0%
Iran Kish International Airport KIH
0%
Japan Niigata Airport KIJ
0%
Iraq Kirkuk International Airport KIK
0%
South Africa Kimberley Airport KIM
0%
Jamaica Norman Manley International Airport KIN
0%
Marshall Islands Kili Airport KIO
0%
Ireland Kerry Airport KIR
0%
Kenya Kisumu International Airport KIS
0%
Greece Kithira Airport KIT
0%
Russia Krasnoyarsk International Airport KJA
0%
India Kurnool Airport KJB
0%
China Kaili Huangping Airport KJH
0%
China Burqin Kanas Airport KJI
0%
Indonesia Kertajati International Airport KJT
0%
United States Koyuk Alfred Adams Airport KKA
0%
Thailand Khon Kaen Airport KKC
0%
New Zealand Kerikeri Airport KKE
0%
United States Kongiganak Airport KKH
0%
United States Akiachak Airport KKI
0%
Japan Kitakyushu Airport KKJ
0%
Norway Kirkenes Airport, Høybuktmoen KKN
0%
French Polynesia Kaukura Airport KKR
0%
Iran Kashan Airport KKS
0%
Democratic Republic of the Congo Kikwit Airport KKW
0%
Japan Kikai Airport KKX
0%
United States Kalskag Airport KLG
0%
India Kolhapur Airport KLH
0%
United States Larsen Bay Airport KLN
0%
Philippines Kalibo International Airport KLO
0%
Indonesia Seruyan Kuala Pembuang Airport KLP
0%
Sweden Kalmar Airport KLR
0%
Austria Klagenfurt Airport KLU
0%
Czech Republic Karlovy Vary Airport KLV
0%
United States Klawock Airport KLW
0%
Greece Kalamata Airport KLX
0%
Papua New Guinea Kerema Airport KMA
0%
Saudi Arabia King Khaled Military City Airport KMC
0%
Rwanda Kamembe Airport KME
0%
China Kunming Changshui International Airport KMG
0%
Japan Miyazaki Airport KMI
0%
Japan Kumamoto Airport KMJ
0%
Democratic Republic of the Congo Kamina City Airport KMN
0%
United States Manokotak Airport KMO
0%
Japan Komatsu Airport / JASDF Komatsu Air Base KMQ
0%
Ghana Prempeh I International Airport KMS
0%
Russia Kostroma Sokerkino Airport KMW
0%
Democratic Republic of the Congo Kindu Airport KND
0%
Indonesia Utarom Airport KNG
0%
Taiwan Kinmen Airport KNH
0%
United States Kokhanok Airport KNK
0%
Indonesia Kualanamu International Airport KNO
0%
New Caledonia Koné Airport KNQ
0%
Australia King Island Airport KNS
0%
India Kanpur Airport KNU
0%
United States New Stuyahok Airport KNW
0%
Australia East Kimberley Regional (Kununurra) Airport KNX
0%
New Caledonia Koumac Airport KOC
0%
Indonesia El Tari Airport KOE
0%
Japan Kagoshima Airport KOJ
0%
Finland Kokkola-Pietarsaari Airport KOK
0%
Thailand Nakhon Phanom Airport KOP
0%
Cambodia Sihanouk International Airport KOS
0%
United States Kotlik Airport KOT
0%
Kazakhstan Kokshetau International Airport KOV
0%
China Ganzhou Huangjin Airport KOW
0%
United States Ouzinkie Airport KOZ
0%
United States Kipnuk Airport KPN
0%
South Korea Pohang Airport (G-815/K-3) KPO
0%
United States Perryville Airport KPV
0%
Russia Keperveem Airport KPW
0%
United States Akutan Airport KQA
0%
India Kishangarh Airport Ajmer KQH
0%
Australia Karara Airport KQR
0%
Tajikistan Bokhtar International Airport KQT
0%
Australia Karumba Airport KRB
0%
Indonesia Departi Parbo Airport KRC
0%
Burundi Kirundo Airport KRE
0%
Sweden Kramfors-Sollefteå Höga Kusten Airport KRF
0%
Papua New Guinea Kikori Airport KRI
0%
China Korla Licheng Airport KRL
0%
Sweden Kiruna Airport KRN
0%
Russia Kurgan Airport KRO
0%
Denmark Midtjyllands Airport / Air Base Karup KRP
0%
Russia Krasnodar Pashkovsky International Airport KRR
0%
Norway Kristiansand Airport KRS
0%
Sudan Khartoum International Airport KRT
0%
Turkmenistan Turkmenbaşy International Airport KRW
0%
China Karamay Airport KRY
0%
Micronesia Kosrae International Airport KSA
0%
Slovakia Košice International Airport KSC
0%
Sweden Karlstad Airport KSD
0%
Germany Kassel Airport KSF
0%
Iran Shahid Ashrafi Esfahani Airport KSH
0%
Greece Kasos Airport KSJ
0%
Sudan Kassala Airport KSL
0%
United States St Mary's Airport KSM
0%
Kazakhstan Kostanay International Airport KSN
0%
Greece Kastoria National Airport Aristotle KSO
0%
Uzbekistan Karshi Airport KSQ
0%
Indonesia Selayar - Haji Aroeppala Airport KSR
0%
Norway Kristiansund Airport, Kvernberget KSU
0%
Turkey Kars Airport KSY
0%
Russia Kotlas Airport KSZ
0%
Australia Karratha Airport KTA
0%
Japan Kitadaito Airport KTD
0%
Indonesia Rahadi Osman Airport KTG
0%
Cambodia Techo International Airport KTI
0%
Nepal Tribhuvan International Airport KTM
0%
United States Ketchikan International Airport KTN
0%
Jamaica Tinson Pen Airport KTP
0%
United States Brevig Mission Airport KTS
0%
Finland Kittilä International Airport KTT
0%
Poland Katowice Wojciech Korfanty International Airport KTW
0%
Malaysia Kuantan Airport KUA
0%
Malaysia Kudat Airport KUD
0%
Russia Kurumoch International Airport KUF
0%
Australia Kubin Island Airport KUG
0%
Japan Kushiro Airport KUH
0%
United States Kasigluk Airport KUK
0%
Japan Yakushima Airport KUM
0%
Lithuania Kaunas International Airport KUN
0%
Finland Kuopio Airport KUO
0%
Greenland Kulusuk Airport KUS
0%
Georgia David the Builder Kutaisi International Airport KUT
0%
India Kullu Manali Airport KUU
0%
South Korea Gunsan Airport / Gunsan Air Base KUV
0%
Greece Kavala Alexander the Great International Airport KVA
0%
United States King Cove Airport KVC
0%
Papua New Guinea Kavieng Airport KVG
0%
United States Kivalina Airport KVL
0%
Russia Markovo Airport KVM
0%
Serbia Morava Airport KVO
0%
Russia Pobedilovo Airport KVX
0%
Marshall Islands Bucholz Army Air Field KWA
0%
Indonesia Dewadaru Airport KWB
0%
Ukraine Kryvyi Rih International Airport KWG
0%
Kuwait Kuwait International Airport KWI
0%
South Korea Gwangju Airport KWJ
0%
United States Kwigillingok Airport KWK
0%
China Guilin Liangjiang International Airport KWL
0%
Australia Kowanyama Airport KWM
0%
United States Quinhagak Airport KWN
0%
United States Kwethluk Airport KWT
0%
Democratic Republic of the Congo Kolwezi Airport KWZ
0%
Indonesia Sangia Nibandera Airport KXB
0%
Fiji Koro Island Airport KXF
0%
Russia Komsomolsk-on-Amur Airport KXK
0%
Uganda Kisoro Airport KXO
0%
Turkey Konya Airport KYA
0%
Taiwan Lanyu Airport KYD
0%
United States Karluk Airport KYK
0%
Myanmar Kyaukpyu Airport KYP
0%
Mali Kayes Dag Dag Airport KYS
0%
United States Koyukuk Airport KYU
0%
Russia Kyzyl Airport KYZ
0%
Greece Kozani National Airport Filippos KZI
0%
Russia Kazan International Airport KZN
0%
Kazakhstan Korkyt Ata International Airport KZO
0%
Turkey Zafer Airport KZR
0%
Greece Kastelorizo Airport KZS
0%
Angola Quatro de Fevereiro International Airport LAD
0%
Papua New Guinea Nadzab Tomodachi International Airport LAE
0%
United States Purdue University Airport LAF
0%
Brazil Lages Airport LAJ
0%
Canada Aklavik/Freddie Carmichael Airport LAK
0%
United States Lakeland Linder International Airport LAL
0%
United States Capital Region International Airport LAN
0%
Philippines Laoag International Airport LAO
0%
Mexico Manuel Márquez de León International Airport LAP
0%
Libya Al Abraq International Airport LAQ
0%
United States Laramie Regional Airport LAR
0%
Kenya Manda Airport LAU
0%
United States Lawton Fort Sill Regional Airport LAW
0%
United States Lubbock Preston Smith International Airport LBB
0%
Germany Lübeck Blankensee Airport LBC
0%
Tajikistan Khujand International Airport LBD
0%
United States Arnold Palmer Regional Airport LBE
0%
United States North Platte Regional Airport Lee Bird Field LBF
0%
France Paris-Le Bourget International Airport LBG
0%
Indonesia Komodo Airport LBJ
0%
United States Liberal Mid-America Regional Airport LBL
0%
Malaysia Long Banga Airport LBP
0%
Brazil Lábrea Airport LBR
0%
Fiji Labasa Airport LBS
0%
Malaysia Labuan Airport LBU
0%
Gabon Libreville Leon M'ba International Airport LBV
0%
Indonesia Yuvai Semaring Airport LBW
0%
Brazil André Antônio Maggi Airport LCB
0%
Honduras Golosón International Airport LCE
0%
Spain A Coruña Airport LCG
0%
United States Lake Charles Regional Airport LCH
0%
Poland Łódź Władysław Reymont Airport LCJ
0%
United States Rickenbacker International Airport LCK
0%
Colombia Virgilio Barco Vargas (La Chorrera) Airport LCR
0%
China Liancheng Guanzhishan Airport LCX
0%
Brazil Governor José Richa Airport LDB
0%
France Tarbes-Lourdes-Pyrénées Airport LDE
0%
Russia Leshukonskoye Airport LDG
0%
Australia Lord Howe Island Airport LDH
0%
China Yichun Lindu Airport LDS
0%
Malaysia Lahad Datu Airport LDU
0%
French Guiana Saint-Laurent-du-Maroni Airport LDX
0%
United Kingdom City of Derry Airport LDY
0%
Australia Learmonth Airport LEA
0%
United States Lebanon Municipal Airport LEB
0%
Brazil Coronel Horácio de Mattos Airport LEC
0%
Germany Leipzig/Halle Airport LEJ
0%
Australia Lake Evella Airport LEL
0%
Spain León Airport LEN
0%
United Kingdom Land's End Airport LEQ
0%
Australia Leinster Airport LER
0%
Colombia Alfredo Vásquez Cobo International Airport LET
0%
Spain Pirineus - la Seu d'Urgel Airport LEU
0%
Fiji Levuka Airfield LEV
0%
United States Blue Grass Airport LEX
0%
Iran Lamerd Airport LFM
0%
China Linfen Yaodu Airport LFQ
0%
United States Lafayette Regional Airport LFT
0%
Togo Lomé–Tokoin International Airport LFW
0%
United States Long Beach International Airport LGB
0%
Belgium Liège Airport LGG
0%
Bahamas Deadman's Cay Airport LGI
0%
Malaysia Langkawi International Airport LGK
0%
Malaysia Long Lellang Airport LGL
0%
China Shannan Longzi Airport LGZ
0%
Pakistan Allama Iqbal International Airport LHE
0%
Australia Lightning Ridge Airport LHG
0%
Azerbaijan Lachin International Airport LHL
0%
Argentina Las Heras Airport LHS
0%
New Caledonia Lifou Airport LIF
0%
France Limoges Airport LIG
0%
Marshall Islands Likiep Airport LIK
0%
France Lille Airport LIL
0%
Peru Jorge Chávez International Airport LIM
0%
Costa Rica Limón International Airport LIO
0%
Costa Rica Daniel Oduber Quirós International Airport LIR
0%
United States Bill & Hillary Clinton National Airport/Adams Field LIT
0%
Myanmar Loikaw Airport LIW
0%
China Lijiang Sanyi International Airport LJG
0%
Indonesia Larantuka Gewayentana Airport LKA
0%
Fiji Lakeba Island Airport LKB
0%
Indonesia Lasikin Airport LKI
0%
Norway Lakselv Airport, Banak LKL
0%
Indonesia Bolaang Mongondow Airport LKM
0%
Norway Leknes Airport LKN
0%
India Chaudhary Charan Singh International Airport LKO
0%
Sweden Luleå Airport LLA
0%
China Libo Airport LLB
0%
China Yongzhou Lingling Airport LLF
0%
Azerbaijan Lankaran International Airport LLK
0%
Indonesia Bua - Palopo Lagaligo Airport LLO
0%
China Lüliang Dawu Airport LLV
0%
Malawi Kamuzu International Airport LLW
0%
United States Minchumina Airport LMA
0%
Colombia La Macarena Airport LMC
0%
France Le Mans-Arnage Airport LME
0%
Mexico Valle del Fuerte International Airport LMM
0%
Malaysia Limbang Airport LMN
0%
Italy Lampedusa Airport LMP
0%
Papua New Guinea Lake Murray Airport LMY
0%
Vanuatu Lamen Bay Airport LNB
0%
Vanuatu Lonorore Airport LNE
0%
China Lincang Boshang Airport LNJ
0%
United States Lincoln Airport LNK
0%
China Longnan Chengzhou Airport LNL
0%
Australia Leonora Airport LNO
0%
United States Lancaster Airport LNS
0%
Indonesia Robert Atty Bessing LNU
0%
Papua New Guinea Londolovit Airport LNV
0%
United States Lanai Airport LNY
0%
Austria Linz-Hörsching Airport LNZ
0%
Vanuatu Longana Airport LOD
0%
Thailand Loei Airport LOE
0%
Ecuador Ciudad de Catamayo Airport LOH
0%
Indonesia Lombok International Airport LOP
0%
Bolivia El Alto International Airport LPB
0%
Colombia La Pedrera Airport LPD
0%
China Liupanshui Yuezhao Airport LPF
0%
Sweden Linköping City Airport LPI
0%
Russia Lipetsk Airport LPK
0%
Vanuatu Lamap Airport LPM
0%
Finland Lappeenranta Airport LPP
0%
Laos Luang Phabang International Airport LPQ
0%
United States Lopez Island Airport LPS
0%
Thailand Lampang Airport LPT
0%
Indonesia Long Apung Airport LPU
0%
France Le Puy-Loudes Airfield LPY
0%
Colombia Caucaya Airport LQM
0%
United States Laredo International Airport LRD
0%
Australia Longreach Airport LRE
0%
France La Rochelle Île de Ré Airport LRH
0%
Dominican Republic Casa De Campo International Airport LRM
0%
Iran Lar Airport LRR
0%
Greece Leros Airport LRS
0%
France Lorient South Brittany (Bretagne Sud) Airport LRT
0%
United States Las Cruces International Airport LRU
0%
Venezuela Los Roques Airport LRV
0%
Papua New Guinea Losuia Airport LSA
0%
Chile La Florida Airport LSC
0%
United States La Crosse Regional Airport LSE
0%
Myanmar Lashio Airport LSH
0%
Venezuela Josefa Camejo International Airport LSP
0%
Indonesia Alas Leuser Airport LSR
0%
Australia Launceston Airport LST
0%
Indonesia Malikus Saleh Airport LSW
0%
Australia Lismore Airport LSY
0%
Libya Ghadames Airport LTD
0%
Mongolia Altai Airport LTI
0%
Syria Latakia International Airport LTK
0%
Guyana Lethem Airport LTM
0%
Mexico Loreto International Airport LTO
0%
France La Môle Airport LTT
0%
India Murod Kond Airport LTU
0%
Ecuador Cotopaxi International Airport LTX
0%
Nepal Tenzing-Hillary Airport LUA
0%
Namibia Luderitz Airport LUD
0%
Switzerland Lugano Airport LUG
0%
United States Cincinnati Municipal Airport Lunken Field LUK
0%
China Dehong Mangshi International Airport LUM
0%
Zambia Kenneth Kaunda International Airport LUN
0%
United States Kalaupapa Airport LUP
0%
Argentina Brigadier Mayor D Cesar Raul Ojeda Airport LUQ
0%
United States Cape Lisburne LRRS Airport LUR
0%
Indonesia Karel Sadsuitubun Airport LUV
0%
Poland Lublin Airport LUZ
0%
Zambia Harry Mwanga Nkumbula International Airport LVI
0%
Australia Laverton Airport LVO
0%
United States Greenbrier Valley Airport LWB
0%
United Kingdom Lerwick / Tingwall Airport LWK
0%
Armenia Shirak International Airport LWN
0%
Ukraine Lviv International Airport LWO
0%
United States Lewiston Nez Perce County Airport LWS
0%
Malaysia Lawas Airport LWY
0%
China Lhasa Gonggar International Airport LXA
0%
Laos Luang Namtha Airport LXG
0%
Egypt Luxor International Airport LXR
0%
Greece Limnos Airport LXS
0%
China Luoyang Beijiao Airport LYA
0%
Sweden Lycksele Airport LYC
0%
United States Lynchburg Regional Airport - Preston Glenn Field LYH
0%
China Linyi Qiyang Airport LYI
0%
Pakistan Faisalabad International Airport LYP
0%
Norway Svalbard Airport, Longyear LYR
0%
France Lyon Saint-Exupéry Airport LYS
0%
China Langzhong Gucheng Airport LZG
0%
China Liuzhou Bailian Airport / Bailian Air Base LZH
0%
Taiwan Matsu Nangan Airport LZN
0%
China Luzhou Yunlong Airport LZO
0%
China Nyingchi Mainling Airport LZY
0%
India Chennai International Airport MAA
0%
Brazil João Correa da Rocha Airport MAB
0%
United States Midland International Air and Space Port MAF
0%
Papua New Guinea Madang Airport MAG
0%
Marshall Islands Marshall Islands International Airport MAJ
0%
South Sudan Malakal International Airport MAK
0%
Mexico General Servando Canales International Airport MAM
0%
Brazil Eduardo Gomes International Airport MAO
0%
Thailand Mae Sot Airport MAQ
0%
Venezuela La Chinita International Airport MAR
0%
Papua New Guinea Momote Airport MAS
0%
Puerto Rico Eugenio Maria De Hostos Airport MAZ
0%
Kenya Moi International Airport MBA
0%
South Africa Mmabatho International Airport MBD
0%
Japan Monbetsu Airport MBE
0%
Tanzania Songwe Airport MBI
0%
United States Manistee County Blacker Airport MBL
0%
United States MBS International Airport MBS
0%
Philippines Moises R. Espinosa Airport MBT
0%
Australia Melbourne Moorabbin Airport MBW
0%
Slovenia Maribor Edvard Rusjan Airport MBX
0%
United States Merced Regional Macready Field MCE
0%
United States McGrath Airport MCG
0%
United States McCook Ben Nelson Regional Airport MCK
0%
United States Middle Georgia Regional Airport MCN
0%
Brazil Macapá - Alberto Alcolumbre International Airport MCP
0%
Australia McArthur River Mine Airport MCV
0%
United States Mason City Municipal Airport MCW
0%
Russia Makhachkala Uytash International Airport MCX
0%
Australia Sunshine Coast Airport MCY
0%
Brazil Zumbi dos Palmares International Airport MCZ
0%
Indonesia Sam Ratulangi International Airport MDC
0%
Colombia Jose Maria Córdova International Airport MDE
0%
China Mudanjiang Hailang International Airport MDG
0%
Nigeria Makurdi Airport MDI
0%
Democratic Republic of the Congo Mbandaka Airport MDK
0%
Myanmar Mandalay International Airport MDL
0%
Argentina Ástor Piazzola International Airport MDQ
0%
United States Harrisburg International Airport MDT
0%
Papua New Guinea Mendi Airport MDU
0%
Argentina Governor Francisco Gabrielli International Airport MDZ
0%
Australia Melbourne Essendon Airport MEB
0%
Ecuador Eloy Alfaro International Airport MEC
0%
Saudi Arabia Prince Mohammad Bin Abdulaziz Airport MED
0%
New Caledonia Maré Airport MEE
0%
Angola Malanje Airport MEG
0%
Norway Mehamn Airport MEH
0%
United States Key Field / Meridian Regional Airport MEI
0%
United States Memphis International Airport MEM
0%
Indonesia Cut Nyak Dhien Airport MEQ
0%
Tanzania Mafia Airport MFA
0%
United States McAllen Miller International Airport MFE
0%
Pakistan Muzaffarabad Airport MFG
0%
Fiji Moala Airport MFJ
0%
Taiwan Matsu Beigan Airport MFK
0%
Macau Macau International Airport MFM
0%
United States Rogue Valley International-Medford Airport MFR
0%
Zambia Mfuwe International Airport MFU
0%
Nicaragua Augusto C. Sandino (Managua) International Airport MGA
0%
Australia Mount Gambier Airport MGB
0%
United States Michigan City Municipal Airport MGC
0%
Brazil Regional de Maringá - Sílvio Name Júnior Airport MGF
0%
South Africa Margate Airport MGH
0%
United States Montgomery Regional (Dannelly Field) Airport MGM
0%
Somalia Aden Adde International Airport MGQ
0%
Australia Milingimbi Airport MGT
0%
United States Morgantown Municipal Airport Walter L. (Bill) Hart Field MGW
0%
Myanmar Myeik Airport MGZ
0%
Chile Mocopulli Airport MHC
0%
Iran Mashhad International Airport MHD
0%
Germany Mannheim-City Airport MHG
0%
Bahamas Leonard M. Thompson International Airport MHH
0%
United States Manhattan Regional Airport MHK
0%
Solomon Islands Manaoba Airport MHM
0%
Finland Mariehamn Airport MHQ
0%
United States Manchester-Boston Regional Airport MHT
0%
Australia Mount Hotham Airport MHU
0%
Cook Islands Manihiki Island Airport MHX
0%
Mexico Manuel Crescencio Rejón International Airport MID
0%
China Mianyang Nanjiao Airport MIG
0%
Brazil Frank Miloye Milenkowichi–Marília State Airport MII
0%
Marshall Islands Mili Island Airport MIJ
0%
Australia Merimbula Airport MIM
0%
Papua New Guinea Misima Island Airport MIS
0%
Nigeria Maiduguri International Airport MIU
0%
Marshall Islands Majkin Airport MJE
0%
Norway Mosjøen Airport, Kjærstad MJF
0%
Libya Mitiga International Airport MJI
0%
Australia Shark Bay Airport MJK
0%
Democratic Republic of the Congo Mbuji Mayi Airport MJM
0%
Madagascar Amborovy Airport MJN
0%
Greece Mytilene International Airport MJT
0%
Russia Motygino Airport MJY
0%
Russia Mirny Airport MJZ
0%
United States Muskegon County Airport MKG
0%
United States Molokai Airport MKK
0%
United States McKellar-Sipes Regional Airport MKL
0%
Malaysia Mukah Airport MKM
0%
French Polynesia Makemo Airport MKP
0%
Indonesia Mopah International Airport MKQ
0%
Australia Meekatharra Airport MKR
0%
Gabon Makokou Airport MKU
0%
Indonesia Rendani Airport MKW
0%
Australia Mackay Airport MKY
0%
Malaysia Malacca International Airport MKZ
0%
United States Melbourne Orlando International Airport MLB
0%
Indonesia Abdul Rachman Saleh Airport MLG
0%
United States Quad City International Airport MLI
0%
United States Marshall Don Hunter Sr Airport MLL
0%
Mexico General Francisco J. Mujica International Airport MLM
0%
Spain Melilla Airport MLN
0%
Greece Milos Airport MLO
0%
United States Monroe Regional Airport MLU
0%
Liberia Spriggs Payne Airport MLW
0%
Turkey Malatya Erhaç Airport MLX
0%
United States Manley Hot Springs Airport MLY
0%
Japan Memanbetsu Airport MMB
0%
Japan Minamidaito Airport MMD
0%
Australia Mount Magnet Airport MMG
0%
United States Mammoth Yosemite Airport MMH
0%
Japan Shinshu-Matsumoto Airport MMJ
0%
Russia Emperor Nicholas II Murmansk Airport MMK
0%
Cape Verde Maio Airport MMO
0%
Sweden Malmö Sturup Airport MMX
0%
Japan Miyako Airport MMY
0%
Afghanistan Maymana Zahiraddin Faryabi Airport MMZ
0%
Mozambique Nacala International Airport MNC
0%
Fiji Mana Island Airport MNF
0%
Australia Maningrida Airport MNG
0%
Montserrat John A. Osborne Airport MNI
0%
Madagascar Mananjary Airport MNJ
0%
United States Minto Al Wright Airport MNT
0%
Myanmar Mawlamyine Airport MNU
0%
Brazil Manicoré Airport MNX
0%
Solomon Islands Mono Airport MNY
0%
United States Mobile Regional Airport MOB
0%
Brazil Mário Ribeiro Airport MOC
0%
Indonesia Frans Xavier Seda Airport MOF
0%
Myanmar Mong Hsat Airport MOG
0%
Indonesia Maleo Airport MOH
0%
Cook Islands Mitiaro Island Airport MOI
0%
Suriname Moengo Airstrip MOJ
0%
Norway Molde Airport, Årø MOL
0%
Madagascar Morondava Airport MOQ
0%
United States Minot International Airport MOT
0%
United States Mountain Village Airport MOU
0%
Australia Moranbah Airport MOV
0%
French Polynesia Moorea Temae Airport MOZ
0%
Namibia Katima Mulilo Airport MPA
0%
Indonesia Muko Muko Airport MPC
0%
Philippines Godofredo P. Ramos Airport MPH
0%
France Montpellier-Méditerranée Airport MPL
0%
Mozambique Maputo Airport MPM
0%
Falkland Islands Mount Pleasant Airport / RAF Mount Pleasant MPN
0%
Ukraine Mariupol International Airport MPW
0%
French Guiana Maripasoula Airport MPY
0%
Saint Pierre and Miquelon Miquelon Airport MQC
0%
Russia Magnitogorsk International Airport MQF
0%
Russia Moma Airport MQJ
0%
Australia Mildura Airport MQL
0%
Turkey Mardin Airport MQM
0%
Norway Mo i Rana Airport, Røssvoll MQN
0%
South Africa Kruger Mpumalanga International Airport MQP
0%
Saint Vincent and the Grenadines Mustique Airport MQS
0%
United States Marquette/Sawyer International Airport MQT
0%
Ethiopia Mekele Alula Aba Nega Airport MQX
0%
Libya Misrata International Airport MRA
0%
Kenya Mara Serena Lodge Airstrip MRE
0%
United States Merrill Field MRI
0%
Russia Mineralnye Vody Airport MRV
0%
Iran Mahshahr Airport MRX
0%
United States Monterey Regional Airport MRY
0%
Australia Moree Airport MRZ
0%
Canada Muskrat Dam Airport MSA
0%
Japan Misawa Airport / Misawa Air Base MSJ
0%
United States Northwest Alabama Regional Airport MSL
0%
United States Missoula Montana Airport MSO
0%
Belarus Minsk National Airport MSQ
0%
Turkey Muş Airport MSR
0%
United States Massena International Airport Richards Field MSS
0%
Netherlands Maastricht Aachen Airport MST
0%
Lesotho Moshoeshoe I International Airport MSU
0%
Angola Welwitschia Mirabilis International Airport MSZ
0%
Ethiopia Mizan Teferi Airport MTF
0%
United States Montrose Regional Airport MTJ
0%
United States Montauk Airport MTP
0%
Colombia Los Garzones Airport MTR
0%
Mexico Minatitlán/Coatzacoalcos International Airport MTT
0%
Mexico Monterrey International Airport MTY
0%
Solomon Islands Munda Airport MUA
0%
Botswana Maun International Airport MUB
0%
United States Waimea Kohala Airport MUE
0%
Egypt Mersa Matruh International Airport MUH
0%
Cook Islands Mauke Airport MUK
0%
Venezuela José Tadeo Monagas International Airport MUN
0%
Malaysia Marudi Airport MUR
0%
Brazil Barra Grande Airport MUU
0%
Pakistan Multan International Airport MUX
0%
Tanzania Musoma Airport MUZ
0%
Gabon M'Vengue El Hadj Omar Bongo Ondimba International Airport MVB
0%
Uruguay Carrasco General Cesáreo L. Berisso International Airport MVD
0%
Brazil Dix-Sept Rosado Airport MVF
0%
Colombia Fabio Alberto Leon Bentley Airport MVP
0%
Belarus Mogilev Airport MVQ
0%
Cameroon Salak Airport MVR
0%
French Polynesia Mataiva Airport MVT
0%
United States Martha's Vineyard Airport MVY
0%
United States Veterans Airport of Southern Illinois MWA
0%
United States Mineral Wells Regional Airport MWL
0%
Myanmar Magway Airport MWQ
0%
South Korea Muan International Airport MWX
0%
Tanzania Mwanza International Airport MWZ
0%
Papua New Guinea Moro Airport MXH
0%
Mexico General Rodolfo Sánchez Taboada International Airport MXL
0%
Mongolia Mörön Airport MXV
0%
Mongolia Mandalgobi Airport MXW
0%
Sweden Mora Airport MXX
0%
China Meizhou Meixian Changgangji International Airport MXZ
0%
Australia Moruya Airport MYA
0%
Kenya Malindi International Airport MYD
0%
Japan Miyakejima Airport MYE
0%
Bahamas Mayaguana Airport MYG
0%
Australia Murray Island Airport MYI
0%
Japan Matsuyama Airport MYJ
0%
United States May Creek Airport MYK
0%
United States McCall Municipal Airport MYL
0%
Turkmenistan Mary International Airport MYP
0%
India Mysore Airport MYQ
0%
United States Myrtle Beach International Airport MYR
0%
Myanmar Myitkyina Airport MYT
0%
United States Mekoryuk Airport MYU
0%
Tanzania Mtwara Airport MYW
0%
Malaysia Miri Airport MYY
0%
Taiwan Penghu Magong Airport MZG
0%
Turkey Amasya Merzifon Airport MZH
0%
Mali Mopti Airport MZI
0%
Colombia La Nubia Airport MZL
0%
Cuba Sierra Maestra International Airport MZO
0%
South Africa Mkuze Airport MZQ
0%
Afghanistan Mazar-i-Sharif International Airport MZR
0%
India Moradabad Airport MZS
0%
Mexico General Rafael Buelna International Airport MZT
0%
Malaysia Mulu Airport MZV
0%
Australia Narrabri Airport NAA
0%
India Dr. Babasaheb Ambedkar International Airport NAG
0%
Indonesia Naha Airport NAH
0%
Azerbaijan Nakhchivan International Airport NAJ
0%
Russia Nalchik Airport NAL
0%
Indonesia Namniwel Airport NAM
0%
China Nanchong Gaoping Airport NAO
0%
Greenland Qaanaaq Airport NAQ
0%
Bahamas Lynden Pindling International Airport NAS
0%
Brazil Rio Grande do Norte/São Gonçalo do Amarante–Governador Aluízio Alves International Airport NAT
0%
French Polynesia Napuka Island Airport NAU
0%
Turkey Nevşehir Kapadokya Airport NAV
0%
Thailand Narathiwat Airport NAW
0%
Russia Begishevo Airport NBC
0%
Tunisia Enfidha - Hammamet International Airport NBE
0%
Angola Dr. Antonio Agostinho Neto International Airport NBJ
0%
Equatorial Guinea Annobón Airport NBN
0%
China Changbaishan Airport NBS
0%
Turks and Caicos Islands North Caicos Airport NCA
0%
United States Chenega Bay Airport NCN
0%
Uzbekistan Nukus International Airport NCU
0%
France Annecy Meythet airport NCY
0%
Mauritania Nouadhibou International Airport NDB
0%
India Nanded Airport NDC
0%
China Qiqihar Sanjiazi Airport NDG
0%
Chad N'Djamena International Airport NDJ
0%
Morocco Nador Al Aaroui International Airport NDR
0%
Namibia Rundu Airport NDU
0%
United Kingdom Sanday Airport NDY
0%
Argentina Necochea Airport NEC
0%
Russia Chulman Airport NER
0%
Saint Kitts and Nevis Vance W. Amory International Airport NEV
0%
Russia Nefteyugansk Airport NFG
0%
China Ningbo Lishe International Airport NGB
0%
Cameroon N'Gaoundéré Airport NGE
0%
Fiji Ngau Airport NGI
0%
Russia Nogliki Airport NGK
0%
China Ngari Gunsa Airport NGQ
0%
Japan Nagasaki Airport NGS
0%
French Polynesia Nuku Hiva Airport NHV
0%
United States Nikolai Airport NIB
0%
Niger Diori Hamani International Airport NIM
0%
French Polynesia Naiu Airport NIU
0%
Russia Nizhnevartovsk Airport NJC
0%
Iraq Al Najaf International Airport NJF
0%
Mauritania Nouakchott–Oumtounsy International Airport NKC
0%
Japan Nagoya Airport / JASDF Komaki Air Base NKM
0%
Turkey Şırnak Şerafettin Elçi Airport NKT
0%
Zambia Simon Mwansa Kapwepwe International Airport NLA
0%
Mexico Quetzalcóatl International Airport NLD
0%
Australia Darnley Island Airport NLF
0%
United States Nelson Lagoon Airport NLG
0%
China Ninglang Luguhu Airport NLH
0%
Russia Nikolayevsk-na-Amure Airport NLI
0%
Norfolk Island Norfolk Island International Airport NLK
0%
China Xinyuan Nalati Airport NLT
0%
Mexico Felipe Ángeles International Airport NLU
0%
Uzbekistan Namangan International Airport NMA
0%
United States Nightmute Airport NME
0%
Maldives Maafaru International Airport NMF
0%
India Navi Mumbai International Airport NMI
0%
Solomon Islands Santa Ana Airport NNB
0%
Russia Naryan Mar Airport NNM
0%
Ireland Connemara Regional Airport NNR
0%
Thailand Nan Airport NNT
0%
China Nanyang Jiangying Airport NNY
0%
Costa Rica Nosara Airport NOB
0%
Ireland Ireland West Airport Knock NOC
0%
Germany Norden-Norddeich Airport NOD
0%
Russia Noyabrsk Airport NOJ
0%
Turkey Sinop Airport NOP
0%
Madagascar Nosy Be-Fascene International Airport NOS
0%
New Caledonia La Tontouta International Airport NOU
0%
Angola Albano Machado Airport NOV
0%
Russia Spichenkovo Airport NOZ
0%
New Zealand Hawke's Bay Airport NPE
0%
New Zealand New Plymouth Airport NPL
0%
Indonesia Nanga Pinoh Airport NPO
0%
United States Newport State Airport NPT
0%
Argentina Presidente Perón International Airport NQN
0%
Colombia Reyes Murillo Airport NQU
0%
Kazakhstan Nursultan Nazarbayev International Airport NQZ
0%
Australia Narrandera Airport NRA
0%
Germany Norderney Airport NRD
0%
Sweden Norrköping Airport NRK
0%
United Kingdom North Ronaldsay Airport NRL
0%
Germany Weeze (Niederrhein) Airport NRN
0%
Puerto Rico José Aponte de la Torre Airport NRR
0%
Iran Nowshahr Airport NSH
0%
Cameroon Yaoundé Nsimalen International Airport NSI
0%
Russia Alykel International Airport NSK
0%
New Zealand Nelson Airport NSN
0%
Thailand Nakhon Si Thammarat Airport NST
0%
France Nantes Atlantique Airport NTE
0%
Australia Newcastle Airport NTL
0%
Australia Normanton Airport NTN
0%
Japan Noto Satoyama Airport NTQ
0%
Tonga Kuini Lavenia Airport NTT
0%
Indonesia Ranai Airport NTX
0%
Germany Nuremberg Airport NUE
0%
United States Nuiqsut Airport NUI
0%
United States Nulato Airport NUL
0%
Saudi Arabia Neom Bay Airport NUM
0%
United States Nunapitchuk Airport NUP
0%
Vanuatu Norsup Airport NUS
0%
Russia Novy Urengoy Airport NUX
0%
Colombia Benito Salas Airport NVA
0%
Uzbekistan Navoi International Airport NVI
0%
Brazil Ministro Victor Konder International Airport NVT
0%
Russia Nyagan Airport NYA
0%
Ghana Sunyani Airport NYI
0%
Kenya Nanyuki Civil Airport NYK
0%
Russia Nadym Airport NYM
0%
Sweden Stockholm Skavsta Airport NYO
0%
Myanmar Bagan Airport NYU
0%
Peru Maria Reiche Neuman Airport NZC
0%
Russia Nizhneangarsk International Airport NZG
0%
China Manzhouli Xijiao Airport NZH
0%
China Zhalantun Genghis Khan Airport NZL
0%
United States Albert J Ellis Airport OAJ
0%
Brazil Cacoal Airport OAL
0%
Mexico Xoxocotlán International Airport OAX
0%
United Kingdom Oban Airport OBN
0%
Japan Tokachi-Obihiro Airport OBO
0%
United States Kobuk Airport OBU
0%
Papua New Guinea Obo Airport OBX
0%
Ecuador Francisco De Orellana Airport OCC
0%
United States Ocean City Municipal Airport OCE
0%
Jamaica Ian Fleming International Airport OCJ
0%
Equatorial Guinea Corisco International Airport OCS
0%
Denmark Odense Hans Christian Andersen Airport ODE
0%
Malaysia Long Seridan Airport ODN
0%
Russia Bodaybo Airport ODO
0%
Laos Oudomsay Airport ODY
0%
Timor-Leste Oecusse Route of the Sandalwood International Airport OEC
0%
Sweden Örnsköldsvik Airport OER
0%
Argentina Antoine de Saint Exupéry Airport OES
0%
American Samoa Ofu Airport OFU
0%
United States Ogden Hinckley Airport OGD
0%
Guyana Eugene F. Correia International Airport OGL
0%
Japan Yonaguni Airport OGN
0%
United States Ogdensburg International Airport OGS
0%
Turkey Ordu–Giresun Airport OGU
0%
Algeria Ain Beida Airport OGX
0%
Russia Vladikavkaz Beslan International Airport OGZ
0%
North Macedonia Ohrid St. Paul the Apostle Airport OHD
0%
China Mohe Gulian Airport OHE
0%
Russia Okhotsk Airport OHO
0%
Oman Suhar International Airport OHS
0%
Japan Oshima Airport OIM
0%
Japan Okushiri Airport OIR
0%
Japan Oita Airport OIT
0%
Indonesia Tanjung Api Airport OJU
0%
Japan Naha International Airport OKA
0%
United States OKC Will Rogers World Airport OKC
0%
Japan Sapporo Okadama Airport OKD
0%
Japan Okinoerabu Airport OKE
0%
Japan Oki Global Geopark Airport OKI
0%
Japan Okayama Momotaro Airport OKJ
0%
Indonesia Oksibil Airport OKL
0%
Australia Yorke Island Airport OKR
0%
Australia Oakey Army Aviation Centre OKY
0%
Norway Ørland Airport OLA
0%
Italy Olbia Costa Smeralda Airport OLB
0%
United States L M Clayton Airport OLF
0%
United States Old Harbor Airport OLH
0%
Vanuatu North West Santo Airport OLJ
0%
United States Olympia Regional Airport OLM
0%
Australia Olympic Dam Airport OLP
0%
Russia Olyokminsk Airport OLZ
0%
United States Eppley Airfield OMA
0%
Namibia Oranjemund Airport OMD
0%
United States Nome Airport OME
0%
Iran Urmia Airport OMH
0%
Uzbekistan Zomin Airport OMN
0%
Bosnia and Herzegovina Mostar International Airport OMO
0%
Romania Oradea International Airport OMR
0%
Russia Omsk Central Airport OMS
0%
Namibia Ondangwa Airport OND
0%
Australia Mornington Island Airport ONG
0%
Japan Odate Noshiro Airport ONJ
0%
Turkey Zonguldak Çaycuma Airport ONQ
0%
Panama Enrique Adolfo Jimenez Airport ONX
0%
United States Toksook Bay Airport OOK
0%
Australia Gold Coast Airport OOL
0%
Australia Cooma Snowy Mountains Airport OOM
0%
United States Miami-Opa Locka Executive Airport OPF
0%
Brazil Salinópolis Airport OPP
0%
Brazil Presidente João Batista Figueiredo Airport OPS
0%
Papua New Guinea Balimo Airport OPU
0%
Sweden Örebro Airport ORB
0%
Suriname Zorg en Hoop Airport ORG
0%
United States Worcester Regional Airport ORH
0%
United States Port Lions Airport ORI
0%
Algeria Oran Es-Sénia (Ahmed Ben Bella) International Airport ORN
0%
United States Northway Airport ORT
0%
Bolivia Juan Mendoza International Airport ORU
0%
United States Robert (Bob) Curtis Memorial Airport ORV
0%
Belize H.E Alfredo Martinez (Tower Hill) Airstrip ORZ
0%
Sweden Åre Östersund Airport OSD
0%
Croatia Osijek Airport OSI
0%
Czech Republic Leoš Janáček Airport Ostrava OSR
0%
Kyrgyzstan Osh International Airport OSS
0%
Belgium Ostend-Bruges International Airport OST
0%
Russia Orsk Airport OSW
0%
Norway Namsos Airport OSY
0%
Panama Raul Arias Espinoza Airport OTD
0%
United States Southwest Oregon Regional Airport OTH
0%
United States Anacortes Airport OTS
0%
United States Ralph Wien Memorial Airport OTZ
0%
Burkina Faso Ouagadougou Thomas Sankara International Airport OUA
0%
Morocco Oujda Angads Airport OUD
0%
France Ouessant Airport OUI
0%
Finland Oulu Airport OUL
0%
Mauritania Tazadit Airport OUZ
0%
Russia Novosibirsk Tolmachevo Airport OVB
0%
Spain Asturias Airport OVD
0%
Russia Sovetskiy Airport OVS
0%
United States Owensboro Daviess County Airport OWB
0%
Guinea-Bissau Osvaldo Vieira International Airport OXB
0%
Gabon Oyem Airport OYE
0%
Philippines Labo Airport OZC
0%
Morocco Zagora Airport OZG
0%
Morocco Ouarzazate International Airport OZZ
0%
India Bilaspur Airport PAB
0%
Panama Marcos A. Gelabert International Airport PAC
0%
Germany Paderborn Lippstadt Airport PAD
0%
United States Seattle Paine Field International Airport PAE
0%
Philippines Pagadian Airport PAG
0%
United States Barkley Regional Airport PAH
0%
Haiti Toussaint Louverture International Airport PAP
0%
Greece Paros National Airport PAS
0%
India Jay Prakash Narayan Airport PAT
0%
Brazil Paulo Afonso Airport PAV
0%
Mexico El Tajín National Airport PAZ
0%
Mexico Hermanos Serdán International Airport PBC
0%
India Porbandar Airport PBD
0%
United States Plattsburgh International Airport PBG
0%
Bhutan Paro International Airport PBH
0%
United States Palm Beach International Airport PBI
0%
Vanuatu Tavie Airport PBJ
0%
Suriname Johan Adolf Pengel International Airport PBM
0%
Australia Paraburdoo Airport PBO
0%
Guatemala Puerto Barrios Airport PBR
0%
Myanmar Putao Airport PBU
0%
Peru Cap FAP David Abenzur Rengifo International Airport PCL
0%
New Zealand Picton Aerodrome PCN
0%
São Tomé and Principe Principe Airport PCP
0%
Colombia German Olano Airport PCR
0%
Colombia Obando Cesar Gaviria Trujillo Airport PDA
0%
United States Pedro Bay Airport PDB
0%
Indonesia Minangkabau International Airport PDG
0%
United States DeKalb Peachtree Airport PDK
0%
Portugal João Paulo II Airport PDL
0%
Panama Capt. J. Montenegro Airport PDM
0%
Indonesia Pendopo Airport PDO
0%
Uruguay Capitan Corbeta CA Curbelo International Airport PDP
0%
Mexico Piedras Negras International Airport PDS
0%
United States Eastern Oregon Regional Airport at Pendleton PDT
0%
Bulgaria Plovdiv International Airport PDV
0%
Czech Republic Pardubice Airport PED
0%
Russia Perm International Airport PEE
0%
Italy Perugia San Francesco d'Assisi – Umbria International Airport PEG
0%
Colombia Matecaña International Airport PEI
0%
Peru Padre Aldamiz International Airport PEM
0%
Malaysia Penang International Airport PEN
0%
Russia Petrozavodsk Airport PES
0%
Brazil João Simões Lopes Neto International Airport PET
0%
Honduras Puerto Lempira Airport PEU
0%
Hungary Pécs-Pogány International Airport PEV
0%
Pakistan Bacha Khan International Airport PEW
0%
Russia Pechora Airport PEX
0%
Russia Penza Airport PEZ
0%
Brazil Lauro Kurtz Airport PFB
0%
Cyprus Paphos International Airport PFO
0%
Iran Parsabad-Moghan Airport PFQ
0%
Democratic Republic of the Congo Ilebo Airport PFR
0%
United States Page Municipal Airport PGA
0%
United States Punta Gorda Airport PGD
0%
France Perpignan-Rivesaltes (Llabanère) Airport PGF
0%
India Pantnagar Airport PGH
0%
Indonesia Depati Amir Airport PGK
0%
United States Port Graham Airport PGM
0%
Iran Persian Gulf International Airport PGU
0%
United States Pitt-Greenville Airport PGV
0%
Brazil Ponta Grossa Airport - Comandante Antonio Amilton Beraldo PGZ
0%
Brazil Parnaíba - Prefeito Doutor João Silva Filho International Airport PHB
0%
Nigeria Port Harcourt International Airport PHC
0%
Australia Port Hedland International Airport PHE
0%
United States Newport News Williamsburg International Airport PHF
0%
Nigeria Port Harcourt City Airport / Port Harcourt Air Force Base PHG
0%
Nepal Pokhara International Airport PHH
0%
United States Point Hope Airport PHO
0%
Thailand Phitsanulok Airport PHS
0%
South Africa Hendrik Van Eck Airport PHW
0%
Thailand Phetchabun Airport PHY
0%
United States General Wayne A. Downing Peoria International Airport PIA
0%
United States Hattiesburg Laurel Regional Airport PIB
0%
United States St. Petersburg Clearwater International Airport PIE
0%
Taiwan Pingtung Air Force Base North PIF
0%
United States Pocatello Regional Airport PIH
0%
United States Pilot Point Airport PIP
0%
United States Pierre Regional Airport PIR
0%
France Poitiers-Biard Airport PIS
0%
Peru PAF Captain Guillermo Concha Iberico International Airport PIU
0%
Portugal Pico Airport PIX
0%
United States Point Lay LRRS Airport PIZ
0%
Sweden Pajala Airport PJA
0%
Costa Rica Puerto Jimenez Airport PJM
0%
United States Napaskiak Airport PKA
0%
United States Mid Ohio Valley Regional Airport PKB
0%
Russia Yelizovo Airport PKC
0%
Australia Parkes Airport PKE
0%
Malaysia Pulau Pangkor Airport PKG
0%
Indonesia Iskandar Airport PKN
0%
French Polynesia Puka Puka Airport PKP
0%
Nepal Pokhara Domestic Airport PKR
0%
Indonesia Sultan Syarif Kasim II International Airport / Roesmin Nurjadin AFB PKU
0%
Russia Princess Olga Pskov International Airport PKV
0%
Indonesia Tjilik Riwut Airport PKY
0%
Laos Pakse International Airport PKZ
0%
Belize Placencia Airport PLJ
0%
Indonesia Sultan Mahmud Badaruddin II Airport PLM
0%
United States Pellston Regional Airport of Emmet County Airport PLN
0%
Australia Port Lincoln Airport PLO
0%
Lithuania Palanga International Airport PLQ
0%
Turks and Caicos Islands Providenciales International Airport PLS
0%
Indonesia Mutiara - SIS Al-Jufrie Airport PLW
0%
Kazakhstan Semei International Airport PLX
0%
South Africa Chief Dawid Stuurman International Airport PLZ
0%
Chile El Tepual International Airport PMC
0%
Italy Parma Airport PMF
0%
Brazil Ponta Porã Airport PMG
0%
Australia Palm Island Airport PMK
0%
Italy Falcone–Borsellino Airport PMO
0%
Argentina Perito Moreno Jalil Hamer Airport PMQ
0%
New Zealand Palmerston North Airport PMR
0%
Venezuela Del Caribe Santiago Mariño International Airport PMV
0%
Brazil Brigadeiro Lysias Rodrigues Airport PMW
0%
Argentina El Tehuelche Airport PMY
0%
Spain Pamplona Airport PNA
0%
Belize Punta Gorda Airport PND
0%
Micronesia Pohnpei International Airport PNI
0%
Indonesia Supadio International Airport PNK
0%
Italy Pantelleria Airport PNL
0%
Papua New Guinea Girua Airport PNP
0%
India Pune International Airport PNQ
0%
Republic of the Congo Antonio Agostinho-Neto International Airport PNR
0%
United States Pensacola International Airport PNS
0%
Chile Lieutenant Julio Gallardo Airport PNT
0%
India Pondicherry Airport PNY
0%
Brazil Senador Nilo Coelho Airport PNZ
0%
Brazil Porto Alegre-Salgado Filho International Airport POA
0%
Gabon Port Gentil International Airport POG
0%
Mozambique Pemba Airport POL
0%
Papua New Guinea Port Moresby Jacksons International Airport POM
0%
Finland Pori Airport POR
0%
Trinidad and Tobago Piarco International Airport POS
0%
Poland Poznań-Ławica Airport POZ
0%
Brazil Presidente Prudente Airport PPB
0%
American Samoa Pago Pago International Airport PPG
0%
Kazakhstan Petropavl International Airport PPK
0%
Colombia Guillermo León Valencia Airport PPN
0%
Australia Proserpine Whitsunday Coast Airport PPP
0%
Philippines Puerto Princesa International Airport / PAF Antonio Bautista Air Base PPS
0%
United Kingdom Papa Westray Airport PPW
0%
Vietnam Phú Quốc International Airport PQC
0%
United States Presque Isle International Airport PQI
0%
Australia Port Macquarie Airport PQQ
0%
United States Pilot Station Airport PQS
0%
Argentina General Urquiza Airport PRA
0%
United States Prescott Regional Airport - Ernest A. Love Field PRC
0%
Seychelles Praslin Island Airport PRI
0%
Portugal Portimão Airport PRM
0%
Kosovo Priština Adem Jashari International Airport PRN
0%
Italy Pisa International Airport PSA
0%
United States Tri Cities Airport PSC
0%
Egypt Port Said International Airport PSD
0%
Puerto Rico Mercedita International Airport PSE
0%
United States Petersburg James A Johnson Airport PSG
0%
United States Portsmouth International Airport at Pease PSM
0%
Colombia Antonio Nariño Airport PSO
0%
United States Palm Springs International Airport PSP
0%
Italy Abruzzo Airport PSR
0%
Argentina Libertador Gral D Jose De San Martin Airport PSS
0%
Indonesia Pangsuma Airport PSU
0%
Falkland Islands Port Stanley Airport PSY
0%
Bolivia Capitán Av. Salvador Ogaya G. airport PSZ
0%
United States Port Alsworth Airport PTA
0%
Fiji Malolo Lailai Island Airport PTF
0%
South Africa Polokwane International Airport PTG
0%
United States Port Heiden Airport PTH
0%
Australia Portland Airport PTJ
0%
Brazil Juvenal Loureiro Cardoso Airport PTO
0%
Guadeloupe Maryse Condé International Airport PTP
0%
United States Platinum Airport PTU
0%
Panama Tocumen International Airport PTY
0%
United States Pueblo Memorial Airport PUB
0%
Argentina Puerto Deseado Airport PUD
0%
France Pau Pyrénées Airport PUF
0%
Australia Port Augusta Airport PUG
0%
Chile President Carlos Ibáñez International Airport PUQ
0%
Bolivia Puerto Rico Airport PUR
0%
South Korea Gimhae International Airport PUS
0%
Colombia Tres De Mayo Airport PUU
0%
United States Pullman-Moscow Regional Airport PUW
0%
Nicaragua Puerto Cabezas Airport PUZ
0%
Colombia El Embrujo Airport PVA
0%
United States Rhode Island T. F. Green International Airport PVD
0%
Brazil Governador Jorge Teixeira de Oliveira International Airport PVH
0%
Greece Aktion National Airport PVK
0%
Mexico Puerto Vallarta International Airport PVR
0%
United States Provo Municipal Airport PVU
0%
Russia Pevek Airport PWE
0%
United States Portland International Jetport PWM
0%
Kazakhstan Pavlodar International Airport PWQ
0%
Australia Prominent Hill Airport PXH
0%
Mexico Puerto Escondido International Airport PXM
0%
Portugal Porto Santo Airport PXO
0%
Thailand Surin Airport PXR
0%
Vietnam Pleiku Airport PXU
0%
Russia Polyarny Airport PYJ
0%
Iran Payam International Airport PYK
0%
Brazil Pedro Rabelo de Souza Airport PYT
0%
South Africa Pietermaritzburg Airport PZB
0%
Pakistan Zhob Airport PZH
0%
China Panzhihua Bao'anying Airport PZI
0%
Venezuela General Manuel Carlos Piar International Airport PZO
0%
Sudan Port Sudan New International Airport PZU
0%
Canada Bella Coola Airport QBC
0%
Nigeria Sam Mbakwe International Cargo Airport QOW
0%
Mexico Querétaro Intercontinental Airport QRO
0%
Nigeria Warri Airport QRW
0%
Algeria Ain Arnat Airport QSF
0%
Italy Salerno Costa d'Amalfi Airport QSR
0%
China Shache Airport QSZ
0%
Nigeria Akwa Ibom International Airport QUO
0%
Papua New Guinea Tokua Airport RAB
0%
Saudi Arabia Arar Domestic Airport RAE
0%
Saudi Arabia Rafha Domestic Airport RAH
0%
Cape Verde Nelson Mandela International Airport RAI
0%
Morocco Marrakesh Menara Airport RAK
0%
Australia Ramingining Airport RAM
0%
Brazil Leite Lopes Airport RAO
0%
United States Rapid City Regional Airport RAP
0%
Cook Islands Rarotonga International Airport RAR
0%
Iran Sardar-e-Jangal Airport RAS
0%
Morocco Rabat-Salé Airport RBA
0%
Brazil Borba Airport RBB
0%
Bolivia Rurrenabaque Airport RBQ
0%
Brazil Rio Branco-Plácido de Castro International Airport RBR
0%
Solomon Islands Ramata Airport RBV
0%
United States Ruby Airport RBY
0%
South Africa Richards Bay Airport RCB
0%
United States Roche Harbor Airport RCE
0%
Colombia Almirante Padilla Airport RCH
0%
Australia Richmond Airport RCM
0%
United States Redding Municipal Airport RDD
0%
United States Roberts Field RDM
0%
Poland Warsaw Radom Airport RDO
0%
India Kazi Nazrul Islam Airport RDP
0%
United States Red Devil Airport RDV
0%
France Rodez–Aveyron Airport RDZ
0%
Brazil Recife/Guararapes - Gilberto Freyre International Airport REC
0%
Italy Reggio Calabria Airport REG
0%
Argentina Almirante Marco Andres Zar Airport REL
0%
Russia Orenburg Central Airport REN
0%
Guatemala Retalhuleu Airport RER
0%
Argentina Resistencia International Airport RES
0%
Norway Røst Airport RET
0%
Spain Reus Airport REU
0%
India Rewa Airport, Chorhata, REWA REW
0%
Mexico General Lucio Blanco International Airport REX
0%
United States Chicago Rockford International Airport RFD
0%
French Polynesia Raiatea Airport RFP
0%
Argentina Gobernador Ramón Trejo Noel International Airport RGA
0%
French Polynesia Rangiroa Airport RGI
0%
Argentina Piloto Civil Norberto Fernández International Airport RGL
0%
North Korea Orang (Chongjin) Airport RGO
0%
Argentina Termas de Río Hondo international Airport RHD
0%
United States Rhinelander Oneida County Airport RHI
0%
China Alxa Right Banner Badanjilin Airport RHT
0%
Bolivia Capitán Av. Selin Zeitun Lopez Airport RIB
0%
Panama Scarlett Martinez International Airport RIH
0%
Japan Rishiri Airport RIS
0%
United States Central Wyoming Regional Airport RIW
0%
Latvia Riga International Airport RIX
0%
Yemen Riyan International Airport RIY
0%
China Rizhao Shanzihe Airport RIZ
0%
India Rajahmundry Airport RJA
0%
Bangladesh Shah Makhdum Airport RJH
0%
Croatia Rijeka Airport RJK
0%
Indonesia Marinda Airport RJM
0%
Iran Rafsanjan Airport RJN
0%
United States Knox County Regional Airport RKD
0%
Denmark Copenhagen Roskilde Airport RKE
0%
Indonesia Mentawai Airport RKI
0%
United States Southwest Wyoming Regional Airport RKS
0%
United Arab Emirates Ras Al Khaimah International Airport RKT
0%
Iceland Reykjavík Domestic Airport RKV
0%
China Xigaze Peace Airport / Shigatse Air Base RKZ
0%
Germany Rostock-Laage Airport RLG
0%
China Bayannur Tianjitai Airport RLK
0%
Egypt Marsa Alam International Airport RMF
0%
Italy Federico Fellini International Airport RMI
0%
Sri Lanka Colombo Ratmalana International Airport RML
0%
United States Rampart Airport RMP
0%
Taiwan Taichung International Airport / Ching Chuang Kang Air Base RMQ
0%
French Polynesia Rimatara Airport RMT
0%
Spain Region of Murcia International Airport RMU
0%
Russia Tobolsk Remezov Airport RMZ
0%
Sweden Ronneby Airport RNB
0%
Nicaragua Corn Island Airport RNI
0%
Japan Yoron Airport RNJ
0%
Solomon Islands Rennell/Tingoa Airport RNL
0%
Denmark Bornholm Airport RNN
0%
Marshall Islands Rongelap Island Airport RNP
0%
France Rennes-Saint-Jacques Airport RNS
0%
United States Roanoke–Blacksburg Regional Airport ROA
0%
Liberia Roberts International Airport ROB
0%
Thailand Roi Et Airport ROI
0%
Australia Rockhampton Airport ROK
0%
Brazil Maestro Marinho Franco Airport ROO
0%
Northern Mariana Islands Rota International Airport ROP
0%
Palau Roman Tmetuchl International Airport ROR
0%
Argentina Rosario Islas Malvinas International Airport ROS
0%
Russia Platov International Airport ROV
0%
United States Roswell Air Center Airport ROW
0%
India Swami Vivekananda Airport RPR
0%
China Ruoqiang Loulan Airport RQA
0%
Mauritius Sir Charles Gaetan Duval Airport RRG
0%
Brazil Jacarepaguá - Roberto Marinho Airport RRJ
0%
French Polynesia Raroia Airport RRR
0%
Norway Røros Airport RRS
0%
Argentina Santa Rosa Airport RSA
0%
Bahamas Rock Sound International Airport RSD
0%
United States Russian Mission Airport RSH
0%
Saudi Arabia Red Sea International Airport RSI
0%
United States Rochester International Airport RST
0%
South Korea Yeosu Airport RSU
0%
United States Southwest Florida International Airport RSW
0%
Fiji Rotuma Airport RTA
0%
Honduras Juan Manuel Gálvez International Airport RTB
0%
Indonesia Frans Sales Lega Airport RTG
0%
Indonesia David Constantijn Saudale Airport RTI
0%
Netherlands Rotterdam The Hague Airport RTM
0%
Uganda Arua Airport RUA
0%
Saudi Arabia King Khalid International Airport RUH
0%
Maldives Maavaarulaa Airport RUL
0%
Réunion Roland Garros Airport RUN
0%
French Polynesia Rurutu Airport RUR
0%
Solomon Islands Marau Airport RUS
0%
United States Rutland - Southern Vermont Regional Airport RUT
0%
Colombia Los Colonizadores Airport RVE
0%
Norway Rørvik Airport, Ryum RVK
0%
Finland Rovaniemi Airport RVN
0%
French Polynesia Raivavae Airport RVV
0%
Uruguay Pres. Gral. Óscar D. Gestido Binational Airport RVY
0%
Ukraine Rivne International Airport RWN
0%
Philippines Roxas Airport RXS
0%
Russia Staroselye Airport RYB
0%
Pakistan Shaikh Zaid Airport RYK
0%
Argentina 28 de Noviembre Airport RYO
0%
Poland Rzeszów-Jasionka Airport RZE
0%
Iran Ramsar Airport RZR
0%
Turkey Rize–Artvin Airport RZV
0%
Caribbean Netherlands Juancho E. Yrausquin Airport SAB
0%
India Shirdi International Airport SAG
0%
Yemen Sanaa International Airport SAH
0%
Cambodia Siem Reap-Angkor International Airport SAI
0%
El Salvador El Salvador International Airport Saint Óscar Arnulfo Romero y Galdámez SAL
0%
Honduras Ramón Villeda Morales International Airport SAP
0%
Bahamas San Andros Airport SAQ
0%
Turkey Istanbul Sabiha Gökçen International Airport SAW
0%
United States Santa Barbara Municipal Airport SBA
0%
United States San Bernardino International Airport SBD
0%
Saint Barthélemy St. Jean Airport SBH
0%
United States South Bend International Airport SBN
0%
United States San Luis County Regional Airport SBP
0%
Australia Saibai Island Airport SBR
0%
Russia Sabetta International Airport SBT
0%
Malaysia Sibu Airport SBW
0%
United States Salisbury Ocean City Wicomico Regional Airport SBY
0%
Romania Sibiu International Airport SBZ
0%
United States Deadhorse Airport SCC
0%
United States State College Regional Airport SCE
0%
United States Stockton Metropolitan Airport SCK
0%
Chile Comodoro Arturo Merino Benítez International Airport SCL
0%
United States Scammon Bay Airport SCM
0%
Germany Saarbrücken Airport SCN
0%
Kazakhstan Aktau International Airport SCO
0%
Spain Santiago-Rosalía de Castro Airport SCQ
0%
Sweden Scandinavian Mountains Airport SCR
0%
Yemen Socotra Airport SCT
0%
Cuba Antonio Maceo International Airport SCU
0%
Romania Suceava Ștefan cel Mare International Airport SCV
0%
Russia Syktyvkar Airport SCW
0%
Ecuador San Cristóbal Airport SCY
0%
Solomon Islands Santa Cruz/Graciosa Bay/Luova Airport SCZ
0%
Angola Lubango Mukanka International Airport SDD
0%
Argentina Vicecomodoro Angel D. La Paz Aragonés Airport SDE
0%
Iran Sanandaj Airport SDG
0%
Japan Sendai Airport SDJ
0%
Malaysia Sandakan Airport SDK
0%
Sweden Sundsvall-Härnösand Airport SDL
0%
Norway Sandane Airport, Anda SDN
0%
United States Sand Point Airport SDP
0%
Dominican Republic Las Américas International Airport SDQ
0%
Spain Seve Ballesteros-Santander Airport SDR
0%
Japan Sado Airport SDS
0%
Brazil Santos Dumont Airport SDU
0%
India Sindhudurg Airport SDW
0%
United States Sidney - Richland Regional Airport SDY
0%
Libya Sabha Airport SEB
0%
Russia Srednekolymsk Airport SEK
0%
Brazil Santa Magalhães Airport SET
0%
Tanzania Seronera Airport SEU
0%
Egypt Siwa Oasis North Airport SEW
0%
Tunisia Sfax Thyna International Airport SFA
0%
Guadeloupe St-François Airport SFC
0%
Saint Martin Grand Case-l'Espérance Airport SFG
0%
Greenland Kangerlussuaq International Airport SFJ
0%
Cape Verde São Filipe Airport SFL
0%
Argentina Sauce Viejo Airport SFN
0%
Philippines Subic Bay International Airport / Naval Air Station Cubi Point SFS
0%
Sweden Skellefteå Airport SFT
0%
Russia Surgut International Airport SGC
0%
Denmark Sønderborg Airport SGD
0%
United States Springfield Branson National Airport SGF
0%
Australia St George Airport SGO
0%
United States St George Regional Airport SGU
0%
United States Skagway Airport SGY
0%
Japan Nakashibetsu Airport SHB
0%
Ethiopia Shire Inda Selassie Airport SHC
0%
United States Shenandoah Valley Regional Airport SHD
0%
China Shenyang Taoxian International Airport SHE
0%
China Shihezi Huayuan Airport SHF
0%
United States Shungnak Airport SHG
0%
United States Shishmaref Airport SHH
0%
Japan Shimojishima Airport SHI
0%
India Shillong Airport SHL
0%
Japan Nanki Shirahama Airport SHM
0%
Eswatini King Mswati III International Airport SHO
0%
United States Sheridan County Airport SHR
0%
China Jingzhou Shashi Airport SHS
0%
United States Shreveport Regional Airport SHV
0%
Saudi Arabia Sharurah Domestic Airport SHW
0%
Tanzania Shinyanga Airport SHY
0%
Cape Verde Amílcar Cabral International Airport SID
0%
Nepal Simara Airport SIF
0%
Puerto Rico Fernando Luis Ribas Dominicci Airport SIG
0%
Nepal Silgadi Doti Airport SIH
0%
Ukraine Simferopol International Airport SIP
0%
South Africa Sishen Airport SIS
0%
United States Sitka Rocky Gutierrez Airport SIT
0%
Mexico Los Cabos International Airport SJD
0%
Colombia Jorge E. Gonzalez Torres Airport SJE
0%
Philippines San Jose Airport SJI
0%
Bosnia and Herzegovina Sarajevo International Airport SJJ
0%
Brazil Professor Urbano Ernesto Stumpf Airport SJK
0%
Brazil São Gabriel da Cachoeira Airport SJL
0%
Brazil Prof. Eribelto Manoel Reino State Airport SJP
0%
United States San Angelo Regional Mathis Field SJT
0%
China Shijiazhuang Zhengding International Airport SJW
0%
Portugal São Jorge Airport SJZ
0%
Saint Kitts and Nevis Robert L. Bradshaw International Airport SKB
0%
Uzbekistan Samarkand International Airport SKD
0%
Nepal Surkhet Airport SKH
0%
United States Shaktoolik Airport SKK
0%
Norway Stokmarknes Airport, Skagen SKN
0%
Nigeria Sadiq Abubakar III International Airport SKO
0%
Pakistan Sialkot International Airport SKT
0%
Greece Skiros Airport SKU
0%
Russia Saransk International Airport SKX
0%
Pakistan Begum Nusrat Bhutto International Airport Sukkur SKZ
0%
Argentina Martín Miguel de Güemes International Airport SLA
0%
Slovakia Sliač Airport SLD
0%
United States Salem-Willamette Valley Airport/McNary Field SLE
0%
Vanuatu Sola Airport SLH
0%
Zambia Solwesi Airport SLI
0%
United States Adirondack Regional Airport SLK
0%
Oman Salalah International Airport SLL
0%
Spain Salamanca Airport SLM
0%
United States Salina Municipal Airport SLN
0%
Mexico Ponciano Arriaga International Airport SLP
0%
United States Sleetmute Airport SLQ
0%
Saint Lucia George F. L. Charles Airport SLU
0%
Mexico Plan de Guadalupe International Airport SLW
0%
Turks and Caicos Islands Salt Cay Airport SLX
0%
Russia Salekhard Airport SLY
0%
Brazil Marechal Cunha Machado International Airport SLZ
0%
Portugal Santa Maria Airport SMA
0%
United States Sacramento International Airport SMF
0%
Greece Samos Airport SMI
0%
United States St Michael Airport SMK
0%
Bahamas Stella Maris Airport SML
0%
United States Lemhi County Airport SMN
0%
Indonesia Sampit (H.Asan) Airport SMQ
0%
Colombia Simón Bolívar International Airport SMR
0%
Madagascar Sainte Marie Airport SMS
0%
Brazil Adolino Bedin Regional Airport SMT
0%
Western Sahara Smara Airport SMW
0%
United States Santa Maria Public Airport Captain G Allan Hancock Field SMX
0%
Australia Snake Bay Airport SNB
0%
Ecuador General Ulpiano Paez International Airport SNC
0%
Cape Verde Preguiça Airport SNE
0%
Thailand Sakon Nakhon Airport SNO
0%
United States St Paul Island Airport SNP
0%
France Saint-Nazaire-Montoir Airport SNR
0%
Cuba Abel Santamaria International Airport SNU
0%
Venezuela Santa Elena de Uairén Airport SNV
0%
Myanmar Thandwe Airport SNW
0%
Iran Semnan Municipal Airport SNX
0%
Hungary Hévíz–Balaton Airport SOB
0%
Indonesia Adisoemarmo International Airport SOC
0%
Brazil Sorocaba Airport SOD
0%
Bulgaria Sofia Airport SOF
0%
Norway Sogndal Airport, Haukåsen SOG
0%
Norway Sørkjosen Airport SOJ
0%
Venezuela San Tomé Airport SOM
0%
Vanuatu Santo Pekoa International Airport SON
0%
Indonesia Domine Eduard Osok Airport SOQ
0%
United States Seldovia Airport SOV
0%
United States Show Low Regional Airport SOW
0%
United Kingdom Stronsay Airport SOY
0%
Spain La Palma Airport SPC
0%
Bangladesh Saidpur Airport SPD
0%
United States Abraham Lincoln Capital Airport SPI
0%
Angola Menongue Airport SPP
0%
Belize John Greif II Airport SPR
0%
United States Wichita Falls Municipal Airport / Sheppard Air Force Base SPS
0%
Egypt Sphinx International Airport SPX
0%
Côte d'Ivoire San Pedro Airport SPY
0%
China Shangrao Sanqingshan Airport SQD
0%
Indonesia Tebelian Airport SQG
0%
China Sanming Shaxian Airport SQJ
0%
United States San Carlos Airport SQL
0%
Brazil Luis Alberto Lehr Airport SRA
0%
Bolivia Alcantarí International Airport SRE
0%
Indonesia Jenderal Ahmad Yani Airport SRG
0%
Mexico Palo Verde Airport SRL
0%
Norway Stord Airport, Sørstokken SRP
0%
United States Sarasota Bradenton International Airport SRQ
0%
Uganda Soroti Airport SRT
0%
United States Stony River 2 Airport SRV
0%
Iran Sari Dasht-e Naz International Airport SRY
0%
Bolivia El Trompillo Airport SRZ
0%
Brazil Deputado Luiz Eduardo Magalhães International Airport SSA
0%
Equatorial Guinea Malabo International Airport SSG
0%
Egypt Sharm El Sheikh International Airport SSH
0%
Norway Sandnessjøen Airport, Stokka SSJ
0%
Vanuatu Sara Airport SSR
0%
Argentina Santa Teresita Airport SST
0%
United States Stuart Island Airpark SSW
0%
Angola Mbanza Congo Airport SSY
0%
United States Saint Cloud Regional Airport STC
0%
Venezuela Mayor Buenaventura Vivas International Airport STD
0%
United States St George Airport STG
0%
Dominican Republic Cibao International Airport STI
0%
Brazil Santarém - Maestro Wilson Fonseca International Airport STM
0%
Germany Stuttgart Airport STR
0%
United States Charles M. Schulz Sonoma County Airport STS
0%
U.S. Virgin Islands Cyril E. King Airport STT
0%
India Surat International Airport STV
0%
Russia Stavropol Shpakovskoye Airport STW
0%
U.S. Virgin Islands Henry E. Rohlsen Airport STX
0%
Italy Lamezia Terme Sant'Eufemia International Airport SUF
0%
Philippines Surigao Airport SUG
0%
Georgia Vladislav Ardzinba Sukhum International Airport SUI
0%
Romania Satu Mare International Airport SUJ
0%
Russia Sakkyryr Airport SUK
0%
United States Friedman Memorial Airport SUN
0%
Canada Summer Beaver Airport SUR
0%
Fiji Nausori International Airport SUV
0%
United States Sioux Gateway Airport / Brigadier General Bud Day Field SUX
0%
Russia Suntar Airport SUY
0%
United States Savoonga Airport SVA
0%
Madagascar Sambava Airport SVB
0%
United States Grant County Airport SVC
0%
Saint Vincent and the Grenadines Argyle International Airport SVD
0%
Colombia Eduardo Falla Solano Airport SVI
0%
Norway Svolvær Airport, Helle SVJ
0%
Finland Savonlinna Airport SVL
0%
Spain Seville Airport SVQ
0%
United States Stevens Village Airport SVS
0%
Fiji Savusavu Airport SVU
0%
Russia Koltsovo Airport SVX
0%
Venezuela Juan Vicente Gómez International Airport SVZ
0%
United States New York Stewart International Airport SWF
0%
Philippines San Vicente Airport SWL
0%
United States Stillwater Regional Airport SWO
0%
Indonesia Sultan Muhammad Kaharuddin III Airport SWQ
0%
Botswana Shakawe Airport SWX
0%
France Strasbourg Airport SXB
0%
Indonesia Mathilda Batlayeri Airport SXK
0%
Sint Maarten Princess Juliana International Airport SXM
0%
United States Nunam Iqua Airport SXP
0%
India Sheikh ul Alam International Airport SXR
0%
China Pu'er Simao Airport SYM
0%
Japan Shonai Airport SYO
0%
Costa Rica Tobías Bolaños International Airport SYQ
0%
Russia Saskylakh Airport SYS
0%
Australia Warraber Island Airport SYU
0%
China Sanya Phoenix International Airport SYX
0%
Iran Shiraz Shahid Dastghaib International Airport SYZ
0%
Angola Soyo Airport SZA
0%
Malaysia Sultan Abdul Aziz Shah International Airport SZB
0%
Ethiopia Semera Airport SZE
0%
Turkey Samsun-Çarşamba Airport SZF
0%
Austria Salzburg Airport SZG
0%
China Shuozhou Zirun Airport SZH
0%
Kazakhstan Zaysan Airport SZI
0%
South Africa Skukuza Airport SZK
0%
Poland Olsztyn-Mazury Airport SZY
0%
Poland Solidarity Szczecin–Goleniów Airport SZZ
0%
Trinidad and Tobago A.N.R. Robinson International Airport TAB
0%
Philippines Daniel Z. Romualdez Airport TAC
0%
South Korea Daegu International Airport TAE
0%
Philippines Bohol-Panglao International Airport TAG
0%
Vanuatu Whitegrass Airport TAH
0%
Yemen Taiz International Airport TAI
0%
Japan Takamatsu Airport TAK
0%
United States Ralph M Calhoun Memorial Airport TAL
0%
Mexico General Francisco Javier Mina International Airport TAM
0%
China Qingdao Jiaodong International Airport TAO
0%
Mexico Tapachula International Airport TAP
0%
Uzbekistan Tashkent International Airport TAS
0%
Slovakia Poprad-Tatry Airport TAT
0%
Estonia Tartu Airport TAY
0%
Turkmenistan Dashoguz International Airport TAZ
0%
Vietnam Dong Tac Airport TBB
0%
Papua New Guinea Tabubil Airport TBG
0%
Philippines Tugdan Airport TBH
0%
Bahamas New Bight Airport TBI
0%
Tunisia Tabarka-Aïn Draham International Airport TBJ
0%
Indonesia Tumbang Samba Airport TBM
0%
United States Waynesville-St. Robert Regional Airport-Forney Field TBN
0%
Tanzania Tabora Airport TBO
0%
Peru Captain Pedro Canga Rodríguez International Airport TBP
0%
Georgia Tbilisi International Airport TBS
0%
Brazil Tabatinga International Airport TBT
0%
Tonga Fua'amotu International Airport TBU
0%
Iran Tabriz International Airport TBZ
0%
Australia Tennant Creek Airport TCA
0%
Bahamas Treasure Cay Airport TCB
0%
Colombia Tarapacá Airport TCD
0%
China Tacheng Qianquan Airport TCG
0%
Colombia La Florida Airport TCO
0%
Egypt Taba International Airport TCP
0%
Peru Coronel FAP Carlos Ciriani Santa Rosa International Airport TCQ
0%
India Tuticorin Airport TCR
0%
United States Takotna Airport TCT
0%
China Tengchong Tuofeng Airport TCZ
0%
Bolivia Teniente Av. Jorge Henrich Arauz Airport TDD
0%
Kazakhstan Taldykorgan Airport TDK
0%
Papua New Guinea Sasereme Airport TDS
0%
Thailand Trat Airport TDX
0%
United States Teterboro Airport TEB
0%
Algeria Cheikh Larbi Tébessi Airport TEE
0%
United States Tatitlek Airport TEK
0%
China Tongren Fenghuang Airport TEN
0%
Turkey Tekirdağ Çorlu Airport TEQ
0%
Portugal Lajes Airport TER
0%
Mozambique Tete Airport TET
0%
United States Telluride Regional Airport TEX
0%
India Tezpur Airport TEZ
0%
Brazil Tefé Airport TFF
0%
Papua New Guinea Tufi Airport TFI
0%
China Chengdu Tianfu International Airport TFU
0%
Montenegro Podgorica Airport / Podgorica Golubovci Airbase TGD
0%
Malaysia Sultan Mahmud Airport TGG
0%
Vanuatu Tongoa Airport TGH
0%
New Caledonia Tiga Airport TGJ
0%
Russia Taganrog Yuzhny Airport TGK
0%
Romania Târgu Mureş Transilvania International Airport TGM
0%
China Tongliao Airport TGO
0%
Brazil Tangará da Serra Airport TGQ
0%
Algeria Touggourt Sidi Madhi Airport TGR
0%
Tanzania Tanga Airport TGT
0%
Honduras Toncontín Airport TGU
0%
Mexico Angel Albino Corzo International Airport TGZ
0%
Vietnam Tho Xuan Airport THD
0%
Brazil Senador Petrônio Portela Airport THE
0%
Australia Thangool Airport THG
0%
Myanmar Tachileik Airport THL
0%
Sweden Trollhättan-Vänersborg Airport THN
0%
Iceland Þórshöfn Airport THO
0%
China Tianshui Maijishan Airport THQ
0%
Iran Mehrabad International Airport THR
0%
Thailand Sukhothai Airport THS
0%
Greenland Pituffik Space Base THU
0%
Russia Turukhansk Airport THX
0%
Albania Tirana International Airport Mother Teresa TIA
0%
Ethiopia Tippi Airport TIE
0%
Saudi Arabia Taif International Airport TIF
0%
French Polynesia Tikehau Airport TIH
0%
Indonesia Mozes Kilangin Airport TIM
0%
Algeria Tindouf Airport TIN
0%
Northern Mariana Islands Francisco Manglona Borja / Tinian International Airport TIQ
0%
India Tirupati International Airport TIR
0%
New Zealand Timaru Airport TIU
0%
Montenegro Tivat Airport TIV
0%
United States Tacoma Narrows Airport TIW
0%
Papua New Guinea Tari Airport TIZ
0%
Bolivia Capitan Oriel Lea Plaza Airport TJA
0%
Indonesia Warukin Airport TJG
0%
Japan Konotori Tajima Airport TJH
0%
Turkey Tokat Airport TJK
0%
Brazil Plínio Alarcom Airport TJL
0%
Russia Roshchino International Airport TJM
0%
Indonesia H A S Hanandjoeddin International Airport TJQ
0%
Indonesia Tanjung Harapan Airport TJS
0%
Tajikistan Kulob International Airport TJU
0%
Ghana Takoradi Airport TKD
0%
United States Truckee Tahoe Airport TKF
0%
Indonesia Radin Inten II International Airport TKG
0%
United States Tok Junction Airport TKJ
0%
Micronesia Chuuk International Airport TKK
0%
Russia Taksimo Airport TKM
0%
Japan Tokunoshima Airport TKN
0%
French Polynesia Takapoto Airport TKP
0%
Tanzania Kigoma Airport TKQ
0%
Japan Tokushima Awaodori Airport / JMSDF Tokushima Air Base TKS
0%
Finland Turku Airport TKU
0%
French Polynesia Tatakoto Airport TKV
0%
French Polynesia Takaroa Airport TKX
0%
United States Teller Airport TLA
0%
Mexico Adolfo López Mateos International Airport TLC
0%
Madagascar Toliara Airport TLE
0%
United States Tallahassee International Airport TLH
0%
Indonesia Sultan Bantilan Airport TLI
0%
Estonia Lennart Meri Tallinn Airport TLL
0%
Algeria Zenata – Messali El Hadj Airport TLM
0%
France Toulon-Hyères Airport TLN
0%
China Turpan Jiaohe Airport TLQ
0%
United States Tuluksak Airport TLT
0%
Colombia Golfo de Morrosquillo Airport TLU
0%
Russia Plastun Airport TLY
0%
Indonesia Tambolaka Airport TMC
0%
Colombia Gustavo Vargas Airport TME
0%
Maldives Thimarafushi Airport TMF
0%
Malaysia Tomanggong Airport TMG
0%
Indonesia Tanah Merah Airport TMH
0%
Nepal Tumling Tar Airport TMI
0%
Uzbekistan Termez Airport TMJ
0%
Ghana Yakubu Tali International Airport TML
0%
Madagascar Toamasina Ambalamanasy Airport TMM
0%
Finland Tampere-Pirkkala Airport TMP
0%
Algeria Aguenar – Hadj Bey Akhamok Airport TMR
0%
São Tomé and Principe São Tomé International Airport TMS
0%
Brazil Trombetas Airport TMT
0%
Australia Tamworth Airport TMW
0%
Algeria Timimoun Airport TMX
0%
China Jinan Yaoqiang International Airport TNA
0%
United States Tin City Long Range Radar Station Airport TNC
0%
Cuba Alberto Delgado Airport TND
0%
Japan New Tanegashima Airport TNE
0%
Morocco Tangier Ibn Battuta Airport TNG
0%
China Tonghua Sanyuanpu Airport TNH
0%
Indonesia Raja Haji Fisabilillah International Airport TNJ
0%
United States Tununak Airport TNK
0%
Antarctica Teniente Rodolfo Marsh Martin Airport TNM
0%
Taiwan Tainan International Airport / Tainan Air Base TNN
0%
Madagascar Ivato International Airport TNR
0%
Libya Tobruk International Airport TOB
0%
Malaysia Tioman Airport TOD
0%
Tunisia Tozeur Nefta International Airport TOE
0%
Russia Tomsk Kamov Airport TOF
0%
United States Togiak Airport TOG
0%
United States Eugene F. Kranz Toledo Express Airport TOL
0%
Mali Tombouktou Airport TOM
0%
Norway Tromsø Airport TOS
0%
New Caledonia Touho Airport TOU
0%
Japan Toyama Kitokito Airport TOY
0%
Papua New Guinea Tapini Airport TPI
0%
Nepal Taplejung Airport TPJ
0%
Peru Cadete FAP Guillermo Del Castillo Paredes Airport TPP
0%
Mexico Amado Nervo National Airport TPQ
0%
Italy Vincenzo Florio Airport Trapani-Birgi TPS
0%
Mexico Felipe Carrillo Puerto International Airport Tulum TQO
0%
Mexico Francisco Sarabia Tinoco International Airport TRC
0%
United Kingdom Tiree Airport TRE
0%
New Zealand Tauranga Airport TRG
0%
Indonesia Juwata International Airport / Suharnoko Harbani AFB TRK
0%
Sri Lanka China Bay Airport TRR
0%
Indonesia Toraja Airport TRT
0%
Peru Capitán FAP Carlos Martínez de Pinillos International Airport TRU
0%
India Thiruvananthapuram International Airport TRV
0%
Kiribati Bonriki International Airport TRW
0%
India Tiruchirappalli International Airport TRZ
0%
Taiwan Taipei Songshan International Airport TSA
0%
Italy Treviso Airport TSF
0%
Japan Tsushima Airport TSJ
0%
United States Taos Regional Airport TSM
0%
China Tianjin Binhai International Airport TSN
0%
Romania Timișoara Traian Vuia International Airport TSR
0%
Thailand Trang Airport TST
0%
Australia Townsville Airport / RAAF Base Townsville TSV
0%
Morocco Tan Tan Airport TTA
0%
Indonesia Sultan Babullah Airport TTE
0%
Japan Tottori Sand Dunes Conan Airport TTJ
0%
United States Trenton Mercer Airport TTN
0%
Madagascar Tsaratanana Airport TTS
0%
Taiwan Taitung Airport TTT
0%
Morocco Sania Ramel Airport TTU
0%
Ecuador Lieutenant Colonel Luis A. Mantilla International Airport TUA
0%
French Polynesia Tubuai Airport TUB
0%
Argentina Teniente Benjamín Matienzo International Airport TUC
0%
France Tours Val de Loire Airport TUF
0%
Philippines Tuguegarao Airport TUG
0%
Saudi Arabia Turaif Domestic Airport TUI
0%
Pakistan Turbat International Airport TUK
0%
United States Tulsa International Airport TUL
0%
New Zealand Taupo Airport TUO
0%
United States Tupelo Regional Airport TUP
0%
Brazil Tucuruí Airport TUR
0%
United States Tucson International Airport TUS
0%
Saudi Arabia Prince Sultan bin Abdulaziz International Airport TUU
0%
United States Cherry Capital Airport TVC
0%
United States Thief River Falls Regional Airport TVF
0%
China Tangshan Sannühe Airport TVS
0%
Uzbekistan Tashkent-Khumo International Airport TVT
0%
Fiji Matei Airport TVU
0%
Myanmar Dawei Airport TVY
0%
United States Twin Hills Airport TWA
0%
China Tumxuk Tangwangcheng Airport TWC
0%
United States Joslin Field Magic Valley Regional Airport TWF
0%
Philippines Sanga Sanga Airport TWT
0%
Malaysia Tawau Airport TWU
0%
Indonesia Rembele Airport TXE
0%
United States Texarkana Regional Airport (Webb Field) TXK
0%
China Huangshan Tunxi International Airport TXN
0%
Sweden Torsby Airport TYF
0%
Peru Captain Victor Montes Arias International Airport TYL
0%
China Taiyuan Wusu International Airport TYN
0%
United States Tyler Pounds Regional Airport TYR
0%
United States McGhee Tyson Airport TYS
0%
Belize Sir Barry Bowen Municipal Airport TZA
0%
Bosnia and Herzegovina Tuzla International Airport TZL
0%
Bahamas Congo Town Airport TZN
0%
Turkey Trabzon International Airport TZX
0%
French Polynesia Ua Huka Airport UAH
0%
Timor-Leste Commander in Chief of FALINTIL, Kay Rala Xanana Gusmão, International Airport UAI
0%
French Polynesia Ua Pou Airport UAP
0%
Argentina Domingo Faustino Sarmiento Airport UAQ
0%
Brazil Mário de Almeida Franco Airport UBA
0%
Australia Mabuiag Island Airport UBB
0%
Japan Yamaguchi Ube Airport UBJ
0%
Mongolia Ulaanbaatar Chinggis Khaan International Airport UBN
0%
Thailand Ubon Ratchathani Airport UBP
0%
China Ulanqab Jining Airport UCB
0%
Russia Ukhta Airport UCT
0%
Brazil Ten. Cel. Aviador César Bombonato Airport UDI
0%
Ukraine Uzhhorod International Airport UDJ
0%
India Maharana Pratap Airport UDR
0%
Mozambique Quelimane Airport UEL
0%
Japan Kumejima Airport UEO
0%
Pakistan Quetta International Airport UET
0%
Russia Ufa International Airport UFA
0%
Mongolia Bulgan Airport UGA
0%
Uzbekistan Urgench International Airport UGC
0%
Indonesia Bilorai Airport UGU
0%
Colombia El Caraño Airport UIB
0%
Vietnam Phu Cat Airport UIH
0%
Honduras Utila Airport UII
0%
United States Quincy Regional Airport Baldwin Field UIN
0%
Ecuador Mariscal Sucre International Airport UIO
0%
Marshall Islands Jaluit Airport UIT
0%
Marshall Islands Ujae Atoll Airport UJE
0%
Japan Kobe Airport UKB
0%
India Utkela Airport UKE
0%
Russia Ust-Kuyga Airport UKG
0%
Kazakhstan Oskemen International Airport UKK
0%
Russia Ust-Kut Airport UKX
0%
Mongolia Ölgii Mongolei International Airport ULG
0%
Saudi Arabia Al-Ula International Airport ULH
0%
Russia Lensk Airport ULK
0%
Mongolia Ulaangom Airport ULO
0%
Australia Quilpie Airport ULP
0%
Uganda Gulu Airport ULU
0%
Russia Ulyanovsk Baratayevka Airport ULV
0%
Russia Ulyanovsk Vostochny Airport ULY
0%
Mongolia Donoi Airport ULZ
0%
Sweden Umeå Airport UME
0%
Russia Ust-Maya Airport UMS
0%
Brazil Orlando de Carvalho Airport UMU
0%
Brazil Una-Comandatuba Airport UNA
0%
Papua New Guinea Kiunga Airport UNG
0%
Saint Vincent and the Grenadines Union Island International Airport UNI
0%
United States Unalakleet Airport UNK
0%
Thailand Ranong Airport UNN
0%
Indonesia Buol - Pogogul Airport UOL
0%
Indonesia Sultan Hasanuddin International Airport UPG
0%
Mexico Uruapan - Licenciado y General Ignacio Lopez Rayon International Airport UPN
0%
Kazakhstan Manshuk Mametova International Airport URA
0%
China Ürümqi Tianshan International Airport URC
0%
Estonia Kuressaare Airport URE
0%
Brazil Rubem Berta Airport URG
0%
Russia Uray Airport URJ
0%
Russia Kursk East Airport URS
0%
Thailand Surat Thani Airport URT
0%
Saudi Arabia Gurayat Domestic Airport URY
0%
United States Concord-Padgett Regional Airport USA
0%
Argentina Ushuaia - Malvinas Argentinas International Airport USH
0%
Kazakhstan Usharal Airport USJ
0%
Russia Usinsk Airport USK
0%
Thailand Samui International Airport USM
0%
South Korea Ulsan Airport USN
0%
Russia Ust-Nera Airport USR
0%
United States Northeast Florida Regional Airport UST
0%
Philippines Francisco B. Reyes (Busuanga) Airport USU
0%
Thailand Udon Thani International Airport UTH
0%
Marshall Islands Utirik Airport UTK
0%
South Africa Upington Airport UTN
0%
United States Indian Mountain LRRS Airport UTO
0%
Thailand U-Tapao–Rayong–Pattaya International Airport UTP
0%
South Africa K. D. Matanzima Airport UTT
0%
Russia Bugulma Airport UUA
0%
Russia Baikal International Airport UUD
0%
New Caledonia Ouvéa Airport UVE
0%
Saint Lucia Hewanorra International Airport UVF
0%
Brazil José Cleto Airport UVI
0%
Sudan Nyala Airport UYL
0%
China Yulin Yuyang Airport UYN
0%
Bolivia Joya Andina International Airport UYU
0%
Kazakhstan Urzhar Airport UZR
0%
Finland Vaasa Airport VAA
0%
Papua New Guinea Vanimo Airport VAI
0%
United States Chevak Airport VAK
0%
Brazil Valença Airport VAL
0%
Maldives Villa International Airport Maamigili VAM
0%
Turkey Van Ferit Melen Airport VAN
0%
Solomon Islands Suavanao Airport VAO
0%
Russia Vanavara Airport VAQ
0%
Bulgaria Varna Airport VAR
0%
Turkey Sivas Nuri Demirağ Airport VAS
0%
Tonga Vava'u International Airport VAV
0%
Norway Vardø Airport, Svartnes VAW
0%
Italy Brescia Gabriele d'Annunzio Airport VBS
0%
Fiji Vanua Balavu Airport VBV
0%
Sweden Visby Airport VBY
0%
Vietnam Can Tho International Airport VCA
0%
Italy Venice Marco Polo Airport VCE
0%
Vietnam Chu Lai Airport VCL
0%
Brazil Viracopos International Airport VCP
0%
Vietnam Con Dao Airport VCS
0%
United States Victoria Regional Airport VCT
0%
Brazil Glauber de Andrade Rocha Airport VDC
0%
Spain El Hierro Airport VDE
0%
Vietnam Dong Hoi Airport VDH
0%
Argentina Gobernador Castello Airport VDM
0%
Vietnam Van Don International Airport VDO
0%
Norway Vadsø Airport VDS
0%
United States Valdez Pioneer Field VDZ
0%
United States Venetie Airport VEE
0%
United States Vernal Regional Airport VEL
0%
Russia Severo-Yeniseysk Airport VEO
0%
Mexico General Heriberto Jara International Airport VER
0%
Zimbabwe Victoria Falls International Airport VFA
0%
India Vijayawada International Airport VGA
0%
Spain Vigo Airport VGO
0%
Sweden Vilhelmina South Lapland Airport VHM
0%
Russia Verkhnevilyuisk Airport VHV
0%
Venezuela Juan Pablo Pérez Alfonso Airport VIG
0%
Vietnam Vinh Airport VII
0%
British Virgin Islands Virgin Gorda Airport VIJ
0%
Spain Vitoria Airport VIT
0%
Brazil Eurico de Aguiar Salles International Airport VIX
0%
Mozambique Xai-Xai Chongoene Airport VJB
0%
Vietnam Rach Gia Airport VKG
0%
Russia Vnukovo International Airport VKO
0%
Russia Vorkuta Airport VKT
0%
Spain Valencia Airport VLC
0%
United States Valdosta Regional Airport VLD
0%
Vanuatu Bauerfield International Airport VLI
0%
Spain Valladolid Airport VLL
0%
Venezuela Arturo Michelena International Airport VLN
0%
Vanuatu Valesdir Airport VLS
0%
Venezuela Dr. Antonio Nicolás Briceño Airport VLV
0%
Papua New Guinea Baimuru Airport VMU
0%
Lithuania Vilnius International Airport VNO
0%
India Lal Bahadur Shastri International Airport VNS
0%
Mozambique Vilankulo Airport VNX
0%
Russia Volgograd International Airport VOG
0%
Greece Nea Anchialos National Airport VOL
0%
Russia Voronezh International Airport VOZ
0%
Angola Ngjiva Pereira Airport VPE
0%
Iceland Vopnafjörður Airport VPN
0%
United States Destin-Fort Walton Beach Airport VPS
0%
Mozambique Chimoio Airport VPY
0%
Puerto Rico Antonio Rivera Rodriguez Airport VQS
0%
Cuba Juan Gualberto Gomez International Airport VRA
0%
United States Vero Beach Regional Airport VRB
0%
Philippines Virac Airport VRC
0%
Portugal Vila Real Airport VRL
0%
Italy Verona Villafranca Valerio Catullo Airport VRN
0%
Mexico Carlos Rovirosa Pérez International Airport VSA
0%
Portugal Aerodromo Goncalves Lobato (Viseu Airport) VSE
0%
Sweden Stockholm Västerås Airport VST
0%
India Shravasti Airport VSV
0%
Laos Wattay International Airport VTE
0%
Cuba Hermanos Ameijeiras Airport VTU
0%
India Visakhapatnam International Airport VTZ
0%
Colombia Alfonso López Pumarejo Airport VUP
0%
Russia Velikiy Ustyug Airport VUS
0%
Colombia Vanguardia Airport VVC
0%
Bolivia Viru Viru International Airport VVI
0%
Russia Vladivostok International Airport VVO
0%
Algeria Illizi Takhamalt Airport VVZ
0%
Mozambique Lichinga Airport VXC
0%
Cape Verde Cesaria Evora International Airport VXE
0%
Sweden Växjö Kronoberg Airport VXO
0%
Russia Vilyuisk Airport VYI
0%
United States Wales Airport WAA
0%
Saudi Arabia Wadi Al Dawasir Domestic Airport WAE
0%
New Zealand Wanganui Airport WAG
0%
United States Stebbins Airport WBB
0%
Papua New Guinea Wapenamanda Airport WBM
0%
United States Beaver Airport WBQ
0%
Namibia Hosea Kutako International Airport WDH
0%
United States Waldron Airstrip WDN
0%
China Shiyan Wudangshan Airport WDS
0%
China Weifang Nanyuan Airport WEF
0%
China Weihai Dashuibo Airport WEH
0%
Australia Weipa Airport WEI
0%
Australia Wagga Wagga Airport WGA
0%
Australia Walgett Airport WGE
0%
China Shaoyang Wugang Airport WGN
0%
Indonesia Umbu Mehang Kunda Airport WGP
0%
China Wuhu Xuanzhou Airport WHA
0%
New Zealand Whakatāne Airport WHK
0%
United Kingdom Wick John O'Groats Airport WIC
0%
Kenya Nairobi Wilson Airport WIL
0%
Australia Winton Airport WIN
0%
Kenya Wajir Airport WJR
0%
South Korea Wonju Airport / Hoengseong Air Base (K-38/K-46) WJU
0%
New Zealand Wanaka Airport WKA
0%
Japan Wakkanai Airport WKJ
0%
United States Aleknagik / New Airport WKK
0%
New Zealand Wellington International Airport WLG
0%
Vanuatu Walaha Airport WLH
0%
United States Selawik Airport WLK
0%
Wallis and Futuna Hihifo Airport WLS
0%
Madagascar Maroantsetra Airport WMN
0%
United States White Mountain Airport WMO
0%
China Zunyi Maotai Airport WMT
0%
Indonesia Wamena Airport WMX
0%
United States Napakiak Airport WNA
0%
China Wenshan Puzhehei Airport WNH
0%
Indonesia Matahora Airport WNI
0%
Canada Wunnumin Lake Airport WNN
0%
Philippines Naga Airport WNP
0%
Australia Windorah Airport WNR
0%
Pakistan Shaheed Benazirabad Airport WNS
0%
China Wenzhou Longwan International Airport WNZ
0%
Australia Shellharbour Airport WOL
0%
North Korea Wonsan Kalma Airport WOS
0%
New Zealand Whangarei Airport WRE
0%
United States Wrangell Airport WRG
0%
Poland Copernicus Wrocław Airport WRO
0%
United Kingdom Westray Airport WRY
0%
China Chongqing Wushan Airport WSK
0%
United States South Naknek Number 2 Airport WSN
0%
United States Westerly State Airport WST
0%
New Zealand Westport Airport WSZ
0%
Madagascar Tambohorano Airport WTA
0%
Australia Toowoomba Wellcamp Airport WTB
0%
Marshall Islands Wotje Airport WTE
0%
United States Noatak Airport WTK
0%
United States Tuntutuliak Airport WTL
0%
Marshall Islands Wotho Island Airport WTO
0%
China Wuhai Airport WUA
0%
Australia Wiluna Airport WUN
0%
China Nanping Wuyishan Airport WUS
0%
China Xinzhou Wutaishan Airport WUT
0%
South Sudan Wau Airport WUU
0%
China Wuzhou Xijiang Airport WUZ
0%
Namibia Walvis Bay International Airport WVB
0%
Papua New Guinea Wewak International Airport WWK
0%
United States Mertarvik Airport WWT
0%
China Wanzhou Wuqiao Airport WXN
0%
Australia Whyalla Airport WYA
0%
United States Yellowstone Airport WYS
0%
China Xinyang Minggang Airport XAI
0%
Brazil Serafin Enoss Bertaso Airport XAP
0%
Canada Bearskin Lake Airport XBE
0%
Iran Birjand International Airport XBJ
0%
Christmas Island Christmas Island International Airport XCH
0%
France Chalons Vatry airport XCR
0%
China Xiangyang Liuji Airport XFN
0%
Canada Kangiqsualujjuaq (Georges River) Airport XGR
0%
China Xichang Qingshan Airport XIC
0%
China Xilinhot Airport XIL
0%
China Xi'an Xianyang International Airport XIY
0%
Laos Xieng Khouang Airport XKH
0%
Canada Kasabonika Airport XKS
0%
Canada Lac Brochet Airport XLB
0%
French Polynesia Manihi Airport XMH
0%
Ecuador Coronel E Carvajal Airport XMS
0%
Australia Yam Island Airport XMY
0%
United States Northwest Arkansas National Airport XNA
0%
China Xining Caojiabao International Airport XNN
0%
Canada Pukatawagan Airport XPK
0%
Honduras Palmerola International Airport XPL
0%
Costa Rica Quepos Managua Airport XQP
0%
Canada Qualicum Beach Airport XQU
0%
Spain Jerez Airport XRY
0%
Turks and Caicos Islands South Caicos Airport XSC
0%
Canada South Indian Lake Airport XSI
0%
Singapore Seletar Airport XSP
0%
Australia Thargomindah Airport XTG
0%
Canada Tadoule Lake Airport XTL
0%
United States Williston Basin International Airport XWA
0%
Solomon Islands Yandina Airport XYA
0%
Canada Anahim Lake Airport YAA
0%
Canada Arctic Bay Airport YAB
0%
Canada Cat Lake Airport YAC
0%
Canada Fort Frances Municipal Airport YAG
0%
United States Yakutat Airport YAK
0%
Canada Alert Bay Airport YAL
0%
Canada Sault Ste Marie Airport YAM
0%
Micronesia Yap International Airport YAP
0%
Canada Attawapiskat Airport YAT
0%
Canada Wapekeka Airport YAX
0%
Canada St. Anthony Airport YAY
0%
Canada Tofino / Long Beach Airport YAZ
0%
Canada Kugaaruk Airport YBB
0%
Canada Baie-Comeau Airport YBC
0%
Canada Uranium City Airport YBE
0%
Canada Saguenay-Bagotville Airport YBG
0%
Canada Black Tickle Airport YBI
0%
Canada Baker Lake Airport YBK
0%
Canada Campbell River Airport YBL
0%
China Yibin Wuliangye Airport YBP
0%
Canada Brandon Municipal Airport YBR
0%
Canada Brochet Airport YBT
0%
Canada Berens River Airport YBV
0%
Canada Lourdes-de-Blanc-Sablon Airport YBX
0%
Canada Bonnyville Airport YBY
0%
Canada Cambridge Bay Airport YCB
0%
Canada Nanaimo Airport YCD
0%
Canada Castlegar/West Kootenay Regional Airport YCG
0%
Canada Tommy Kochon Airport YCK
0%
Canada Charlo Airport YCL
0%
Canada Niagara District Airport YCM
0%
Canada Kugluktuk Airport YCO
0%
Canada Cross Lake (Charlie Sinclair Memorial) Airport YCR
0%
Canada Chesterfield Inlet Airport YCS
0%
China Yuncheng Yanhu International Airport YCU
0%
Canada Clyde River Airport YCY
0%
Canada Dawson City Airport YDA
0%
Canada Deer Lake Airport YDF
0%
Canada Dease Lake Airport YDL
0%
Canada Dauphin Barker Airport YDN
0%
Canada Nain Airport YDP
0%
Canada Bloodvein River Airport YDV
0%
Turkey Bursa Yenişehir Airport YEI
0%
Canada Arviat Airport YEK
0%
Canada Fort Severn Airport YER
0%
Canada Inuvik Mike Zubko Airport YEV
0%
Canada Fort Albany Airport YFA
0%
Canada Iqaluit Airport YFB
0%
Canada Fredericton International Airport YFC
0%
Canada Fort Hope Airport YFH
0%
Canada Wekweètì Airport YFJ
0%
Canada Flin Flon Airport YFO
0%
Canada Fort Simpson Airport YFS
0%
Canada St. Lewis (Fox Harbour) Airport YFX
0%
Canada Fort Good Hope Airport YGH
0%
Japan Yonago Kitaro Airport / JASDF Miho Air Base YGJ
0%
Canada La Grande Rivière Airport YGL
0%
Canada Gods Lake Narrows Airport YGO
0%
Canada Michel-Pouliot Gaspé Airport YGP
0%
Canada Îles-de-la-Madeleine Airport YGR
0%
Canada Igloolik Airport YGT
0%
Canada Havre-Saint-Pierre Airport YGV
0%
Canada Kuujjuarapik Airport YGW
0%
Canada Gillam Airport YGX
0%
Canada Grise Fiord Airport YGZ
0%
Canada Port Hope Simpson Airport YHA
0%
Canada Charlottetown Airport YHG
0%
Canada Ulukhaktok Holman Airport YHI
0%
Canada Gjoa Haven Airport YHK
0%
Canada John C. Munro Hamilton International Airport YHM
0%
Canada Hopedale Airport YHO
0%
Canada Poplar Hill Airport YHP
0%
Canada Chevery Airport YHR
0%
Canada Montréal / Saint-Hubert Metropolitan Airport YHU
0%
Canada Hay River / Merlyn Carter Airport YHY
0%
Indonesia Yogyakarta International Airport YIA
0%
China Yichun Mingyueshan Airport YIC
0%
China Arxan Yi'ershi Airport YIE
0%
Canada St Augustin Airport YIF
0%
China Yichang Sanxia Airport YIH
0%
Canada Ivujivik Airport YIK
0%
China Ili Yining International Airport YIN
0%
Canada Pond Inlet Airport YIO
0%
Canada Island Lake Airport YIV
0%
China Yiwu Airport YIW
0%
Canada Stephenville Dymond International Airport YJT
0%
Canada Kamloops John Moose Fulton Field Regional Airport YKA
0%
Canada Region of Waterloo International Airport YKF
0%
Canada Kangirsuk Airport YKG
0%
China Yingkou Lanqi Airport YKH
0%
Canada Schefferville Airport YKL
0%
United States Yakima Air Terminal McAllister Field YKM
0%
Turkey Hakkari Yüksekova Airport YKO
0%
Canada Waskaganish Airport YKQ
0%
Russia Platon Oyunsky Yakutsk International Airport YKS
0%
Canada Chisasibi Airport YKU
0%
Canada Kimmirut Airport YLC
0%
Canada Whatì Airport YLE
0%
Canada Lansdowne House Airport YLH
0%
Canada Barrie-Lake Simcoe Regional Airport YLK
0%
Canada Lloydminster Airport YLL
0%
Canada Kelowna International Airport YLW
0%
China Yulin Fumian Airport YLX
0%
Canada Mary's Harbour Airport YMH
0%
Canada Fort McMurray International Airport YMM
0%
Canada Makkovik Airport YMN
0%
Canada Moosonee Airport YMO
0%
Canada Port McNeill Airport YMP
0%
Peru Moises Benzaquen Rengifo Airport YMS
0%
Canada Chapais Airport YMT
0%
Canada Montreal Mirabel International Airport YMX
0%
Canada Natashquan Airport YNA
0%
Saudi Arabia Prince Abdulmohsen Bin Abdulaziz International Airport YNB
0%
Canada Wemindji Airport YNC
0%
Canada Ottawa / Gatineau Airport YND
0%
Canada Norway House Airport YNE
0%
China Yanji Chaoyangchuan Airport YNJ
0%
Canada Points North Landing Airport YNL
0%
Canada North Spirit Lake Airport YNO
0%
Canada Natuashish Airport YNP
0%
Canada Nemiscau Airport YNS
0%
China Yantai Penglai International Airport YNT
0%
South Korea Yangyang International Airport YNY
0%
Canada Old Crow Airport YOC
0%
Canada Ogoki Post Airport YOG
0%
Canada Oxford House Airport YOH
0%
Canada High Level Airport YOJ
0%
Nigeria Yola Airport YOL
0%
Bhutan Yongphulla Airport YON
0%
Canada Ottawa Macdonald-Cartier International Airport YOW
0%
Canada Prince Albert Glass Field YPA
0%
Canada Paulatuk (Nora Aliqatchialuk Ruben) Airport YPC
0%
Canada Peace River Airport YPE
0%
Canada Inukjuak Airport YPH
0%
Canada Aupaluk Airport YPJ
0%
Canada Pickle Lake Airport YPL
0%
Canada Pikangikum Airport YPM
0%
Canada Port-Menier Airport YPN
0%
Canada Peawanuck Airport YPO
0%
Canada Peterborough Regional Airport YPQ
0%
Canada Prince Rupert Airport YPR
0%
Canada Powell River Airport YPW
0%
Canada Puvirnituq Airport YPX
0%
Canada Fort Chipewyan Airport YPY
0%
Canada Burns Lake Airport YPZ
0%
Canada Muskoka Airport YQA
0%
Canada Quebec Jean Lesage International Airport YQB
0%
Canada Quaqtaq Airport YQC
0%
Canada The Pas Airport YQD
0%
Canada Windsor International Airport YQG
0%
Canada Watson Lake Airport YQH
0%
Canada Kenora Airport YQK
0%
Canada Lethbridge County Airport YQL
0%
Canada Greater Moncton Roméo LeBlanc International Airport YQM
0%
Canada Nakina Airport YQN
0%
Canada Comox Valley International Airport / CFB Comox YQQ
0%
Canada Regina International Airport YQR
0%
Canada Thunder Bay International Airport YQT
0%
Canada Grande Prairie Airport YQU
0%
Canada Gander International Airport YQX
0%
Canada Sydney / J.A. Douglas McCurdy Airport YQY
0%
Canada Quesnel Airport YQZ
0%
Canada Rae Lakes Airport YRA
0%
Canada Resolute Bay Airport YRB
0%
Canada Cartwright Airport YRF
0%
Canada Rigolet Airport YRG
0%
Canada Roberval Airport YRJ
0%
Canada Red Lake Airport YRL
0%
Canada Ottawa / Rockcliffe Airport YRO
0%
Canada Red Sucker Lake Airport YRS
0%
Canada Rankin Inlet Airport YRT
0%
Canada Sudbury Airport YSB
0%
Canada Stony Rapids Airport YSF
0%
Canada Lutselk'e Airport YSG
0%
Canada Saint John Airport YSJ
0%
Canada Sanikiluaq Airport YSK
0%
Canada Saint-Léonard Airport YSL
0%
Canada Fort Smith Airport YSM
0%
Canada Postville Airport YSO
0%
China Songyuan Chaganhu Airport YSQ
0%
Canada St. Theresa Point Airport YST
0%
Canada Sachs Harbour (David Nasogaluak Jr. Saaryuaq) Airport YSY
0%
Canada Cape Dorset Airport YTE
0%
Canada Thompson Airport YTH
0%
Canada Big Trout Lake Airport YTL
0%
Canada Tasiujaq Airport YTQ
0%
Canada Timmins/Victor M. Power YTS
0%
China Yutian Wanfang Airport YTW
0%
Canada Billy Bishop Toronto City Airport YTZ
0%
Canada Umiujaq Airport YUD
0%
United States Yuma International Airport / Marine Corps Air Station Yuma YUM
0%
China Yushu Batang Airport YUS
0%
Canada Naujaat Airport YUT
0%
Canada Hall Beach Airport YUX
0%
Canada Rouyn Noranda Airport YUY
0%
Canada Bonaventure Airport YVB
0%
Canada La Ronge Airport YVC
0%
Canada Qikiqtarjuaq Airport YVM
0%
Canada Val-d'Or Airport YVO
0%
Canada Kuujjuaq Airport YVP
0%
Canada Norman Wells Airport YVQ
0%
Canada Wiarton Airport YVV
0%
Canada Deer Lake Airport YVZ
0%
Canada Kangiqsujuaq (Wakeham Bay) Airport YWB
0%
Canada Winnipeg / James Armstrong Richardson International Airport YWG
0%
Canada Déline Airport YWJ
0%
Canada Wabush Airport YWK
0%
Canada Williams Lake Airport YWL
0%
Canada Williams Harbour Airport YWM
0%
Canada Webequie Airport YWP
0%
Canada Cranbrook/Canadian Rockies International Airport YXC
0%
Canada Saskatoon John G. Diefenbaker International Airport YXE
0%
Canada Medicine Hat Regional Airport YXH
0%
Canada Fort St John / North Peace Regional Airport YXJ
0%
Canada Rimouski Airport YXK
0%
Canada Sioux Lookout Airport YXL
0%
Canada Whale Cove Airport YXN
0%
Canada Pangnirtung Airport YXP
0%
Canada Prince George (International) Airport YXS
0%
Canada Northwest Regional Airport Terrace-Kitimat YXT
0%
Canada London International Airport YXU
0%
Canada Abbotsford International Airport YXX
0%
Canada Whitehorse / Erik Nielsen International Airport YXY
0%
China Yueyang Sanhe Airport YYA
0%
Canada North Bay Jack Garland Airport YYB
0%
Canada Smithers Airport YYD
0%
Canada Fort Nelson Airport YYE
0%
Canada Penticton Airport YYF
0%
Canada Charlottetown Airport YYG
0%
Canada Taloyoak Airport YYH
0%
Canada Lynn Lake Airport YYL
0%
Canada Churchill Airport YYQ
0%
Canada Goose Bay Airport YYR
0%
Canada St. John's International Airport YYT
0%
Canada Mont Joli Airport YYY
0%
Canada Yellowknife International Airport YZF
0%
Canada Salluit Airport YZG
0%
Canada Sandspit Airport YZP
0%
Canada Coral Harbour Airport YZS
0%
Canada Port Hardy Airport YZT
0%
Canada Whitecourt Airport YZU
0%
Canada Sept-Îles Airport YZV
0%
China Zhangye Ganzhou Airport YZY
0%
Canada Trail Regional Airport YZZ
0%
Croatia Zadar Airport ZAD
0%
Iran Zahedan International Airport ZAH
0%
Chile Pichoy Airport ZAL
0%
Philippines Zamboanga International Airport ZAM
0%
Spain Zaragoza Airport ZAZ
0%
Canada Bathurst Airport ZBF
0%
Iran Chabahar Konarak International Airport ZBR
0%
Mexico General Leobardo C. Ruiz International Airport ZCL
0%
Chile La Araucanía International Airport ZCO
0%
United Arab Emirates Delma Airport ZDY
0%
Canada Bella Bella (Campbell Island) Airport ZEL
0%
Canada Eastmain River Airport ZEM
0%
Canada Fond-du-Lac Airport ZFD
0%
China Zhaosu Tianma Airport ZFL
0%
Canada Fort Mcpherson Airport ZFM
0%
Canada Tulita Airport ZFN
0%
Canada Gods River Airport ZGI
0%
Canada La Romaine Airport ZGS
0%
China Zhanjiang Wuchuan International Airport ZHA
0%
China Zhongwei Shapotou Airport ZHY
0%
Russia Zhukovsky International Airport ZIA
0%
Senegal Ziguinchor Airport ZIG
0%
Mexico Ixtapa-Zihuatanejo International Airport ZIH
0%
Russia Zhigansk Airport ZIX
0%
Canada Kashechewan Airport ZKE
0%
Canada Kégashka Airport ZKG
0%
Russia Zyryanka Airport ZKP
0%
Mexico Playa de Oro International Airport ZLO
0%
Canada La Tabatière Airport ZLT
0%
Canada Masset Airport ZMT
0%
Niger Zinder Airport ZND
0%
Australia Newman Airport ZNE
0%
Tanzania Abeid Amani Karume International Airport ZNZ
0%
Chile Cañal Bajo Carlos Hott Siebert Airport ZOS
0%
Canada Sachigo Lake Airport ZPB
0%
Chile Pucón Airport ZPC
0%
Switzerland Zürich Airport ZRH
0%
Canada Round Lake (Weagamow Lake) Airport ZRJ
0%
Bahamas San Salvador International Airport ZSA
0%
Réunion Saint-Pierre Pierrefonds Airport ZSE
0%
Canada Sandy Lake Airport ZSJ
0%
Canada Tête-à-la-Baleine Airport ZTB
0%
Canada Shamattawa Airport ZTM
0%
Canada Churchill Falls Airport ZUM
0%
Canada Wollaston Lake Airport ZWL
0%
China Zunyi Xinzhou Airport ZYI
0%
Bangladesh Osmany International Airport ZYL
0%
No matching quizzes found
Score Distribution
Percent of People with Each Score
Percentile by Number Answered
Your Score History
You have not taken this quiz